The Ultimate Video Game Quiz - Statistics

General Stats
  • This quiz has been taken 603 times
    93 since last reset
  • The average score is 129 of 7261
Answer Stats
Answer % Correct
D
70%
Minecraft
70%
Super Mario Bros
69%
N
59%
Fortnite
53%
GTA
52%
Sonic the Hedgehog
48%
GTA 4
45%
GTA 2
44%
GTA 3
44%
GTA 5
44%
Roblox
44%
Call of Duty
42%
The Legend of Zelda
41%
Pac Man
39%
Super Mario 64
39%
Super Smash Bros
39%
Pokemon Red
38%
Super Mario Galaxy
38%
Pokemon Blue
36%
Super Mario Bros 2
36%
Final Fantasy
34%
Donkey Kong
33%
Doom
33%
Super Mario Bros 3
33%
Super Mario World
33%
GTA San Andreas
31%
Super Mario Galaxy 2
31%
Five Nights at Freddy's
30%
God of War
30%
Half-Life
30%
Pokemon X
30%
Pokemon Y
30%
Resident Evil
30%
Super Mario Odyssey
30%
Tetris
30%
Call of Duty Black Ops
28%
Call of Duty Black Ops 2
28%
Five Nights at Freddy's 2
28%
Five Nights at Freddy's 4
28%
Mario Kart 8
28%
Overwatch
28%
Pokemon Green
28%
Portal
28%
Super Mario Sunshine
28%
The Legend of Zelda: Ocarina of Time
28%
X
28%
Call of Duty Black Ops 3
27%
Call of Duty Modern Warfare
27%
Final Fantasy 2
27%
Final Fantasy 3
27%
Final Fantasy 4
27%
Final Fantasy 5
27%
Final Fantasy 6
27%
Final Fantasy 7
27%
Five Nights at Freddy's 3
27%
GTA Vice City
27%
Half-Life 2
27%
New Super Mario Bros
27%
Paper Mario
27%
Plants vs Zombies
27%
Pokemon Black
27%
Pokemon GO
27%
Pokemon Ruby
27%
Pokemon White
27%
Portal 2
27%
Resident Evil 4
27%
Spider-Man
27%
The Amazing Spider-Man
27%
The Legend of Zelda: Breath of the Wild
27%
Animal Crossing
25%
New Super Mario Bros Wii
25%
Pokemon Silver
25%
Pokemon Yellow
25%
Red Dead Redemption
25%
Resident Evil 2
25%
Resident Evil 5
25%
Resident Evil 6
25%
Resident Evil 7
25%
Sonic the Hedgehog 2
25%
Sonic the Hedgehog 3
25%
Terraria
25%
The Legend of Zelda: Tears of the Kingdom
25%
Undertale
25%
Angry Birds
23%
Batman
23%
Batman Forever
23%
Batman The Animated Series
23%
Call of Duty 2
23%
Call of Duty 3
23%
Call of Duty Black Ops 4
23%
Clash of Clans
23%
Clash Royal
23%
Dark Souls
23%
Doom 2
23%
Fallout
23%
Fallout 2
23%
Fallout 3
23%
Fallout 4
23%
Luigi's Mansion
23%
Metroid
23%
Pokemon Diamond
23%
Pokemon Pearl
23%
Pong
23%
Resident Evil 3
23%
Street Fighter
23%
Super Smash Bros Melee
23%
Super Smash Bros Ultimate
23%
The Batman
23%
Wii Sports
23%
Assassin's Creed
22%
Call of Duty Black Ops 6
22%
Call of Duty Modern Warfare 2
22%
Donkey Kong Country
22%
Doom 3
22%
Final Fantasy 9
22%
Five Nights at Freddy's Sister Location
22%
God of War Ragnarök
22%
Mario Bros
22%
Mario Kart 7
22%
Pokemon Gold
22%
Pokemon Moon
22%
Pokemon Sapphire
22%
Pokemon Shield
22%
Pokemon Sun
22%
Pokemon Sword
22%
Red Dead Redemption 2
22%
Spider-Man 2
22%
Super Mario Land
22%
The Sims
22%
Among Us
20%
Brawl Stars
20%
Deltarune
20%
Doom Eternal
20%
Final Fantasy 10
20%
Final Fantasy 8
20%
God of War 2
20%
God of War 3
20%
Halo 2
20%
Mario Kart Double Dash
20%
Mario Party
20%
Mario Party 3
20%
Mario Party 4
20%
Plants vs Zombies 2
20%
Star Fox
20%
Subway Surfers
20%
Super Mario Kart
20%
Super Smash Bros Brawl
20%
The Legend of Zelda: Majoras Mask
20%
The Sims 2
20%
The Sims 3
20%
The Sims 4
20%
Blood
19%
Dark Souls 2
19%
Dark Souls 3
19%
Elden Ring
19%
Five Nights at Freddy's Security Breach
19%
Forza Horizon
19%
Forza Horizon 4
19%
Hollow Knight
19%
Luigi's Mansion 3
19%
Mario Kart 64
19%
Mario Party 10
19%
Mario Party 2
19%
Mario Party 5
19%
Mario Party 6
19%
Mario Party 7
19%
Mario Party 8
19%
Mario Party 9
19%
Mega Man
19%
Metal Gear
19%
Plants vs Zombies Garden Warfare
19%
Pokemon Emerald
19%
Spider-Man 3
19%
Street Fighter 2
19%
Super Mario 3D Land
19%
Super Mario 3D World
19%
The Last of Us
19%
The Need for Speed
19%
Yoshi
19%
Animal Crossing New Horizons
17%
Call of Duty Modern Warfare 3
17%
Forza Horizon 2
17%
Forza Horizon 3
17%
Forza Horizon 5
17%
Halo 4
17%
League of Legends
17%
Minecraft Dungeons
17%
Minecraft Story Mode
17%
New Super Mario Bros U
17%
Overwatch 2
17%
Pokemon Scarlet
17%
Pokemon Violet
17%
Sonic Adventure
17%
Sonic Unleashed
17%
Star Wars Battlefront
17%
Super Mario Land 2
17%
Super Mario Maker
17%
Batman Arkham City
16%
Call of Duty Black Ops Cold War
16%
Counter-Strike
16%
Crash Bandicoot
16%
Fallout 76
16%
Far Cry
16%
Far Cry 2
16%
Far Cry 4
16%
Far Cry 5
16%
Final Fantasy 12
16%
Final Fantasy 13
16%
Final Fantasy 15
16%
Five Nights at Freddy's World
16%
Geometry Dash
16%
Halo 3
16%
Kingdom Hearts
16%
Mario Kart World
16%
Metal Gear Solid
16%
Mortal Kombat
16%
Paper Mario the Thousand Year Door
16%
Plants vs Zombies Garden Warfare 2
16%
Pokemon Black 2
16%
Pokemon White 2
16%
Poppy Playtime
16%
Resident Evil Village
16%
Rocket League
16%
Sonic Adventure 2
16%
Sonic Colors
16%
Sonic Frontiers
16%
Sonic Generations
16%
Sonic Mania
16%
Space Invaders
16%
Super Mario Maker 2
16%
Super Paper Mario
16%
The Elder Scrolls 5 Skyrim
16%
The Legend of Zelda: A Link to the Past
16%
Tomb Raider
16%
World of Warcraft
16%
Angry Birds 2
14%
Batman Arkham Knight
14%
Battlefield 3
14%
Bomberman
14%
Call of Duty Black Ops 7
14%
Call of Duty Ghosts
14%
Fallout New Vegas
14%
Far Cry 3
14%
Final Fantasy 16
14%
Halo Combat Evolved
14%
Mario Kart 8 Deluxe
14%
Mario Kart Wii
14%
Mario Tennis
14%
Marvel Rivals
14%
Metroid Prime
14%
NBA 2K
14%
NBA 2K2
14%
New Super Mario Bros 2
14%
Persona 5
14%
Plants vs Zombies 3
14%
Pokemon Fire Red
14%
Pokemon Platinum
14%
Silent Hill
14%
Silent Hill 2
14%
Sonic R
14%
Sonic the Hedgehog CD
14%
Star Fox 64
14%
Star Wars Battlefront 2
14%
Super Mario Bros Wonder
14%
Super Mario World 2 Yoshi's Island
14%
Super Metroid
14%
Team Fortress 2
14%
Tekken
14%
The Legend of Zelda: Twilight Princess
14%
Animal Crossing New Leaf
13%
Assassin's Creed 2
13%
Assassin's Creed 3
13%
Banjo-Kazooie
13%
Battlefield 2
13%
Battlefield 4
13%
Borderlands
13%
Borderlands 2
13%
Borderlands 3
13%
Call of Duty WW2
13%
Cyberpunk 2077
13%
Donkey Kong 2
13%
Donkey Kong 3
13%
Donkey Kong 64
13%
Donkey Kong Jr
13%
Far Cry 6
13%
Five Nights at Freddy's Help Wanted
13%
Fruit Ninja
13%
Just Dance
13%
Kirby's Dream Land
13%
Left 4 Dead
13%
Left 4 Dead 2
13%
Luigi's Mansion Dark Moon
13%
Mario and Luigi Superstar Saga
13%
Mario Kart DS
13%
Mega Man 2
13%
Mega Man 3
13%
Mega Man 4
13%
Mega Man 5
13%
Mega Man 6
13%
Mega Man 7
13%
Mega Man 8
13%
Mega Man X
13%
Metroid Dread
13%
NBA 2K1
13%
NBA 2K3
13%
Persona 3
13%
Pokemon Alpha Sapphire
13%
Pokemon Omega Ruby
13%
Pokemon Ultra Moon
13%
Pokemon Ultra Sun
13%
Rayman
13%
Silent Hill 3
13%
Sonic and Knuckles
13%
Sonic and the Secret Rings
13%
Sonic Forces
13%
Sonic Lost World
13%
Splatoon
13%
Stardew Valley
13%
Street Fighter 4
13%
Street Fighter 5
13%
Super Mario Party
13%
The Legend of Zelda: Link's Awakening
13%
The Legend of Zelda: Skyward Sword
13%
The Witcher
13%
TOEM
13%
Tom Clancy's Rainbow Six
13%
WarioWare
13%
Batman Arkham Asylum
11%
Battlefield 5
11%
Borderlands 4
11%
Call of Duty Infinite Warfare
11%
Cuphead
11%
Diablo
11%
Diablo 2
11%
Diablo 4
11%
Donkey Kong Country Returns
11%
Dr Mario
11%
ET the Extra-Terrestrial
11%
Fall Guys
11%
F-Zero
11%
Gears of War
11%
Kingdom Hearts 2
11%
Kingdom Hearts 3
11%
Kirby's Dream Land 2
11%
Kirby's Dream Land 3
11%
Mario and Luigi Bowser's Inside Story
11%
Mega Man 11
11%
Mega Man 9
11%
Mother
11%
NBA 2K12
11%
NBA 2K13
11%
NBA 2K14
11%
NBA 2K15
11%
NBA 2K16
11%
NBA 2K17
11%
NBA 2K18
11%
NBA 2K19
11%
NBA 2K21
11%
NBA 2K5
11%
Need for Speed 2
11%
New Super Mario Bros U Deluxe
11%
Paper Mario Sticker Star
11%
Persona 4
11%
Pokemon Crystal
11%
Pokemon Leaf Green
11%
Pokemon Snap
11%
Punch-Out
11%
Sonic and the Black Knight
11%
Star Fox 2
11%
Street Fighter 6
11%
Superman
11%
Super Mario Bros 4
11%
Temple Run
11%
The Elder Scrolls 3 Morrowind
11%
The Elder Scrolls 4 Oblivion
11%
The Last of Us Part 2
11%
The Legend of Zelda: The Wind Waker
11%
Tony Hawk's Pro Skater
11%
Tony Hawk's Pro Skater 2
11%
Tony Hawk's Pro Skater 4
11%
Wii Sports Resort
11%
Apex Legends
9%
Assassin's Creed Odyssey
9%
Assassin's Creed Valhalla
9%
Banjo-Tooie
9%
Battlefield 1
9%
Bloons
9%
Bloons Tower Defense
9%
Call of Duty World at War
9%
Castlevania
9%
Counter-Strike 2
9%
Dance Dance Revolution
9%
Dead Space
9%
Diablo 3
9%
Donkey Kong Country Tropical Freeze
9%
Earthbound
9%
FIFA 06
9%
FIFA 07
9%
FIFA 08
9%
FIFA 09
9%
FIFA 10
9%
FIFA 12
9%
FIFA 13
9%
FIFA 14
9%
FIFA 16
9%
FIFA 17
9%
FIFA 18
9%
FIFA 19
9%
FIFA 20
9%
FIFA 21
9%
FIFA 22
9%
FIFA 23
9%
Freddy Fazbear's Pizzeria Simulator
9%
Friday Night Funkin'
9%
Frogger
9%
Goat Simulator
9%
Guitar Hero
9%
Half-Life Alyx
9%
Hay Day
9%
Hello Neighbor
9%
Hitman
9%
Hitman 3
9%
Ice Climbers
9%
Just Dance 2
9%
Kid Icarus
9%
Kirby's Return to Dream Land
9%
LEGO Dimensions
9%
Mario and Luigi Dream Team
9%
Mario and Luigi Partners in Time
9%
Mario Kart Super Circuit
9%
Mario Party Superstars
9%
Mortal Kombat 2
9%
Mortal Kombat 3
9%
Mortal Kombat 4
9%
Mother 3
9%
Ms Pac Man
9%
NBA 2K10
9%
NBA 2K11
9%
NBA 2K20
9%
NBA 2K22
9%
NBA 2K23
9%
NBA 2K24
9%
NBA 2K6
9%
NBA 2K7
9%
NBA 2K8
9%
NBA 2K9
9%
Paper Mario Color Splash
9%
Plants vs Zombies Battle for Neighborville
9%
Pokemon Colosseum
9%
Pokemon Heart Gold
9%
Pokemon Legends Arceus
9%
Pokemon Legends Z-A
9%
Pokemon Let's Go Eevee
9%
Pokemon Let's Go Pikachu
9%
Pokemon Soul Silver
9%
Pokemon Stadium
9%
Pokemon Stadium 2
9%
Quake
9%
Quake 2
9%
Shadow the Hedgehog
9%
Skate
9%
Sonic Rush
9%
Splatoon 2
9%
Splatoon 3
9%
Stray
9%
Subnautica
9%
Super Mario RPG
9%
Super Meat Boy
9%
Tekken 2
9%
Tekken 3
9%
Tekken 4
9%
Tekken 5
9%
Tekken 6
9%
Tekken 7
9%
Tekken 8
9%
Tetris 99
9%
Tony Hawk's Pro Skater 3
9%
Wii Fit
9%
Wii Play
9%
Wolfenstein
9%
Xenoblade Chronicles
9%
Angry Birds Go!
8%
Angry Birds Space
8%
Astro Bot
8%
Bad Piggies
8%
Ball
8%
Batman Arkham Origins
8%
Brawlhalla
8%
Call of Duty 4 Modern Warfare
8%
Call of Duty Advanced Warfare
8%
Call of Duty Vanguard
8%
Call of Duty Warzone
8%
Candy Crush Saga
8%
Celeste
8%
Civilization
8%
Civilization 2
8%
Conker's Bad Fur Day
8%
Destiny
8%
Devil May Cry
8%
Devil May Cry 2
8%
Doom 64
8%
Duck Hunt
8%
FIFA 11
8%
FIFA 15
8%
Forza Motorsport
8%
Galaga
8%
Gang Beasts
8%
Genshin Impact
8%
Gran Turismo
8%
Guitar Hero 2
8%
Hades
8%
Halo Infinite
8%
Halo Reach
8%
Halo Wars
8%
Halo Wars 2
8%
HELLDIVERS
8%
HELLDIVERS 2
8%
Hitman 2
8%
Hogwarts Legacy
8%
Hulk
8%
Human Fall Flat
8%
Iron Man
8%
Just Dance 2015
8%
Just Dance 2017
8%
Just Dance 2018
8%
Just Dance 2019
8%
Just Dance 2020
8%
Just Dance 2021
8%
Just Dance 2022
8%
Just Dance 3
8%
Just Dance 4
8%
Kirby and the Forgotten Land
8%
Kirby's Adventure
8%
Kirby's Epic Yarn
8%
Mafia
8%
Mafia 2
8%
Mafia 3
8%
Mario Golf
8%
Marvel's Avengers
8%
Mega Man 10
8%
Metal Gear Solid 5 The Phantom Pain
8%
Minecraft Legends
8%
NBA 2K25
8%
Need for Speed Underground
8%
No Man's Sky
8%
Omori
8%
Pokemon Shining Pearl
8%
Pokemon Sleep
8%
Q*bert
8%
Rayman Legends
8%
Resident Evil Code Veronica
8%
Run
8%
Silent Hill 4 The Room
8%
SimCity
8%
Skate 2
8%
Skate 3
8%
Sonic the Hedgehog 4
8%
Super Smash Bros Wii U
8%
The Elder Scrolls Arena
8%
The Incredible Hulk
8%
Titanfall
8%
Titanfall 2
8%
Tom Clancy's Rainbow Six Siege
8%
Tony Hawk's Pro Skater 5
8%
Xenoblade Chronicles 2
8%
Xenoblade Chronicles 3
8%
Yoshi's Cookie
8%
Angry Birds Rio
6%
Angry Birds Star Wars
6%
Assassin's Creed Brotherhood
6%
Balatro
6%
Baldi's Basics
6%
Baldur's Gate
6%
Banjo-Kazooie Nuts and Bolts
6%
Bayonetta
6%
Bendy and the Ink Machine
6%
BioShock
6%
Bloons TD 4
6%
Bloons TD 6
6%
Bloons Tower Defense 2
6%
Bomberman 2
6%
Civilization 3
6%
Civilization 4
6%
Civilization 5
6%
Civilization 6
6%
Dead Cells
6%
Dead Space 2
6%
Destiny 2
6%
Devil May Cry 4
6%
Diddy Kong Racing
6%
Dig Dug
6%
Doki Doki Literature Club
6%
Donkey Kong Bananza
6%
Donkey Kong Country 2 Diddy's Kong Quest
6%
Dragon Quest
6%
Fallout Shelter
6%
Far Cry Primal
6%
Final Fantasy X-2
6%
Fire Emblem Three Houses
6%
Five Nights at Freddy's Ultimate Custom Night
6%
Forza Motorsport 2
6%
Forza Motorsport 3
6%
Forza Motorsport 4
6%
Forza Motorsport 5
6%
Forza Motorsport 6
6%
Forza Motorsport 7
6%
Garry's Mod
6%
Geoguessr
6%
GoldenEye 007
6%
Gran Turismo 2
6%
Gran Turismo 4
6%
Gran Turismo 5
6%
Gran Turismo 7
6%
Halo The Master Chief Collection
6%
Hearthstone
6%
Jetpac
6%
Just Dance 2014
6%
Just Dance 2016
6%
Kirby 64 The Crystal Shards
6%
Kirby and the Rainbow Curse
6%
Kirby Planet Robobot
6%
Kirby Triple Deluxe
6%
Life Is Strange
6%
LittleBigPlanet
6%
LittleBigPlanet 2
6%
LittleBigPlanet 3
6%
Mario and Sonic at the Olympic Games
6%
Mario Kart Tour
6%
Marvel's Spider-Man
6%
Marvel's Spider-Man 2
6%
Mega Man X2
6%
Mega Man X3
6%
Mega Man X4
6%
Mega Man X5
6%
Mega Man X6
6%
Mega Man X7
6%
Mega Man X8
6%
Metal Gear Solid 2 Sons of Liberty
6%
Metal Gear Solid 3 Snake Eater
6%
Mortal Kombat 1
6%
Mortal Kombat X
6%
Mother 2
6%
Need for Speed Most Wanted
6%
OSU
6%
Pac-Man World
6%
Pac-Man World 2
6%
Paper Mario the Origami King
6%
Persona 3 FES
6%
Persona 4 Golden
6%
Persona 5 Royal
6%
Pikmin
6%
Pizza Tower
6%
Plants vs Zombies Heroes
6%
Pokemon Brilliant Diamond
6%
Pokemon Pinball
6%
Pokemon Rumble
6%
Pokemon XD Gale of Darkness
6%
Ratchet and Clank
6%
Resident Evil Revelations
6%
Resident Evil Revelations 2
6%
Sea of Thieves
6%
Sonic Advance
6%
Sonic Advance 2
6%
Sonic Advance 3
6%
Sonic Heroes
6%
Sonic Racing
6%
Super Bomberman
6%
Super Mario 3D World + Bowser's Fury
6%
Super Mario 64 DS
6%
Super Mario Party Jamboree
6%
Super Mario Run
6%
Super Smash Bros 3DS
6%
The Elder Scrolls 2 Daggerfall
6%
The Henry Stickmin Collection
6%
The Legend of Zelda: Phantom Hourglass
6%
The Stanley Parable
6%
The Witcher 3 Wild Hunt
6%
Tomb Raider 2
6%
Tomb Raider 3
6%
Tom Clancy's Splinter Cell
6%
Tony Hawk's Underground
6%
Wario Land
6%
Watch Dogs
6%
Watch Dogs 2
6%
Yakuza
6%
Yakuza 2
6%
Yakuza 3
6%
Yakuza 4
6%
Yakuza 5
6%
Yakuza Like a Dragon
6%
Yoshi's Woolly World
6%
Angry Birds Friends
5%
Angry Birds Seasons
5%
Apollo Justice Ace Attorney
5%
ARK Survival Evolved
5%
Arms
5%
Assassin's Creed Mirage
5%
Assassin's Creed Origins
5%
Asteroids
5%
Baldur's Gate 3
5%
Battlefield 1942
5%
Bayonetta 2
5%
Bayonetta 3
5%
Blade
5%
Bloons TD 3
5%
Bloons TD 5
5%
Boom Beach
5%
Captain Toad Treasure Tracker
5%
Castlevania Symphony of the Night
5%
Chess
5%
Cut the Rope
5%
Dead Island
5%
Dead Island 2
5%
Dead Rising
5%
Dead Rising 2
5%
Detective Pikachu
5%
Devil May Cry 5
5%
Dino Crisis
5%
Dino Crisis 2
5%
Dino Crisis 3
5%
Donkey Kong Jr Math
5%
Donkey Kong Land
5%
Donkey Kong Land 2
5%
Donkey Kong Land 3
5%
Dragon Quest 10
5%
Dragon Quest 11
5%
Dragon Quest 2
5%
Dragon Quest 3
5%
Dragon Quest 4
5%
Dragon Quest 5
5%
Dragon Quest 6
5%
Dragon Quest 7
5%
Dragon Quest 8
5%
Dragon Quest 9
5%
Dying Light
5%
Dying Light 2
5%
Earthworm Jim
5%
Fallout 5
5%
Far Cry New Dawn
5%
Farming Simulator 23
5%
Friday the 13th
5%
Geometry Dash Lite
5%
Goat Simulator 3
5%
Gran Turismo 6
5%
Halo 5 Guardians
5%
Happy Wheels
5%
Hello Neighbor 2
5%
Hotline Miami
5%
Hyrule Warriors
5%
It Takes Two
5%
Jetpack Joyride
5%
Jetpunk
5%
Kid Icarus Uprising
5%
Kirby and The Amazing Mirror
5%
Kirby Canvas Curse
5%
Kirby Squeak Squad
5%
Kirby Super Star
5%
Lethal Company
5%
Little Nightmares
5%
Mario Super Sluggers
5%
Mario Tennis Aces
5%
Mario vs Donkey Kong
5%
Marvel Contest of Champions
5%
Marvel's Spider-Man Miles Morales
5%
Marvel vs Capcom Infinite
5%
Metal Gear Solid 4 Guns of the Patriots
5%
Metroid Zero Mission
5%
MLB The Show 20
5%
MLB The Show 21
5%
MLB The Show 22
5%
Monster Hunter
5%
Multiversus
5%
Need for Speed Underground 2
5%
New Pokemon Snap
5%
New Super Luigi U
5%
Nintendogs
5%
One Piece
5%
Outlast
5%
Outlast 2
5%
Overcooked
5%
Persona 2 Eternal Punishment
5%
Persona 2 Innocent Sin
5%
Persona 3 Portable
5%
Persona 3 Reload
5%
Persona 5 Tactica
5%
Phasmophobia
5%
Phoenix Wright Ace Attorney
5%
Pikmin 2
5%
Pikmin 3
5%
Pokemon Battle Revolution
5%
Pokemon Cafe ReMix
5%
Pokemon Home
5%
Postal
5%
Postal 2
5%
Postal 3
5%
Power Wash Simulator
5%
Prince of Persia
5%
Princess Peach Showtime
5%
Pro Evolution Soccer
5%
Pro Evolution Soccer 3
5%
PubG
5%
Rayman Origins
5%
Rec Room
5%
Revelations Persona
5%
Rhythm Heaven
5%
Rock Band
5%
Rock Band 2
5%
RuneScape
5%
Silent Hill f
5%
Silent Hill Shattered Memories
5%
Slime Rancher
5%
Slime Rancher 2
5%
Snake
5%
Sonic and Sega All-Stars Racing
5%
Sonic Origins
5%
Sonic Riders
5%
Sonic Rush Adventure
5%
Sonic Superstars
5%
Sonic the Hedgehog Spinball
5%
SpongeBob SquarePants Battle for Bikini Bottom
5%
Spyro the Dragon
5%
Starfy
5%
Street Fighter Alpha
5%
Street Fighter Alpha 2
5%
Street Fighter Alpha 3
5%
Subnautica Below Zero
5%
Super Bomberman R
5%
Super Mario Strikers
5%
Team Sonic Racing
5%
Teenage Mutant Ninja Turtles
5%
Tekken Tag Tournament
5%
Tekken Tag Tournament 2
5%
Tetris 2
5%
Tetris Effect
5%
The Binding of Isaac
5%
The Legend of Zelda: A Link Between Worlds
5%
The Legend of Zelda Echoes of Wisdom
5%
The Legend of Zelda: Majora's Mask 3D
5%
The Legend of Zelda: Ocarina of Time 3D
5%
The Legend of Zelda: Spirit Tracks
5%
TMNT
5%
Tony Hawk's American Wasteland
5%
Tony Hawk's Underground 2
5%
Uncharted Drake's Fortune
5%
Uno
5%
Untitled Goose Game
5%
Wario Land 2
5%
Wario Land 3
5%
WarioWare Touched
5%
X-Men
5%
Yooka-Laylee
5%
Yoshi's Story
5%
Zoo Tycoon
5%
Zoo Tycoon 2
5%
Zoo Tycoon 3
5%
Agario
3%
Akinator
3%
Amnesia The Bunker
3%
Angry Birds Epic
3%
Animal Crossing City Folk
3%
Animal Crossing Happy Home Designer
3%
Animal Crossing Wild World
3%
Assassin's Creed 4 Black Flag
3%
Assassin's Creed Revelations
3%
Assassin's Creed Syndicate
3%
Bad Piggies 2
3%
Batman Return to Arkham
3%
Battlefield 1943
3%
Battlefield Bad Company
3%
Battlefield Bad Company 2
3%
Battletoads
3%
Battletoads/Doul Dragon
3%
Beat Saber
3%
Bee
3%
Bendy and the Dark Revival
3%
BioShock Infinite
3%
Blade and Sorcery
3%
Bloons 2
3%
BONELAB
3%
Boneworks
3%
Bookworm
3%
Borderlands The Pre-Sequel
3%
Burnout
3%
Burnout Paradise
3%
Call of Duty Finest Hour
3%
Call of Duty Mobile
3%
Candy Crush Soda Saga
3%
Castle Crashers
3%
Castlevania 2 Simon's Quest
3%
Castlevania Rondo of Blood
3%
Choo Choo Charles
3%
Club Penguin
3%
Clumsy Ninja
3%
Cooking Mama
3%
Counter-Strike Global Offensive
3%
Crash Bandicoot 2 Cortex Strikes Back
3%
Crash Bandicoot 4 It's About Time
3%
Crash Bandicoot Warped
3%
Crazy Taxi
3%
Cut the Rope 2
3%
Deadpool
3%
Dead Rising 3
3%
Dead Rising 4
3%
Dead Space 3
3%
Deltarune Chapter 2
3%
Disney Infinity
3%
Disney SpellStruck
3%
Donkey Konga
3%
Donkey Kong Country 3 Dixie Kong's Double Trouble
3%
Donkey Kong Jungle Beat
3%
Don't Starve
3%
Doodle Jump
3%
Dragon Quest 12
3%
Dr Luigi
3%
Duke Nukem
3%
Duke Nukem Forever
3%
Earthworm Jim 2
3%
Excitebike
3%
Far Cry 3 Blood Dragon
3%
Farming Simulator 19
3%
Farming Simulator 20
3%
Farming Simulator 22
3%
Fatal Frame
3%
Fatal Frame 2 Crimson Butterfly
3%
F.E.A.R.
3%
FIFA 97
3%
FIFA 99
3%
Final Fantasy 13-2
3%
Final Fantasy 14 A Realm Reborn
3%
Final Fantasy 14 Online
3%
Final Fantasy Crystal Chronicles
3%
Final Fantasy Tactics
3%
Fire Emblem Engage
3%
Fire Emblem Path of Radiance
3%
Fire Emblem Radiant Dawn
3%
Flappy Bird
3%
Football Manager 2011
3%
Football Manager 2012
3%
Football Manager 2013
3%
Football Manager 2014
3%
Football Manager 2015
3%
Football Manager 2016
3%
Football Manager 2017
3%
Football Manager 2018
3%
Football Manager 2019
3%
Football Manager 2020
3%
Football Manager 2021
3%
Football Manager 2022
3%
Football Manager 2023
3%
Football Manager 2024
3%
Freddy in Space 2
3%
Frogger 2
3%
F-Zero 99
3%
F-Zero GX
3%
Gears of War 2
3%
Gears of War 3
3%
Geometry Dash SubZero
3%
Getting Over It
3%
God of War Ascension
3%
God of War Chains of Olympus
3%
Golden Sun
3%
Gran Turismo 3 A-Spec
3%
GTA Liberty City Stories
3%
Guilty Gear
3%
Guilty Gear Strive
3%
Hello Engineer
3%
Henry Stickmin Fleeing the Complex
3%
Henry Stickmin Stealing the Diamond
3%
Hey You Pikachu
3%
Hitman Absolution
3%
Honkai Star Rail
3%
Hyrule Warriors: Age of Calamity
3%
Infinite Craft
3%
Iron Man 2
3%
Jak 2
3%
Jak 3
3%
Jump Force
3%
Just Cause
3%
Just Cause 2
3%
Just Cause 3
3%
Just Cause 4
3%
Killer Instinct
3%
Kirby Air Ride
3%
Kirby Mass Attack
3%
Kirby Nightmare in Dream Land
3%
Kirby's Dream Course
3%
Kirby Star Allies
3%
LEGO Batman The Videogame
3%
LEGO Jurassic World
3%
LEGO Marvel Super Heroes
3%
LEGO Star Wars 2 The Original Trilogy
3%
LEGO Star Wars The Complete Saga
3%
LEGO Star Wars The Skywalker Saga
3%
Life Is Strange 2
3%
Like a Dragon Infinite Wealth
3%
Link's Crossbow Training
3%
Little Nightmares 2
3%
Madden NFL 10
3%
Madden NFL 11
3%
Madden NFL 12
3%
Madden NFL 13
3%
Madden NFL 15
3%
Madden NFL 16
3%
Madden NFL 17
3%
Madden NFL 18
3%
Madden NFL 19
3%
Madden NFL 20
3%
Madden NFL 21
3%
Madden NFL 22
3%
Madden NFL 23
3%
Madden NFL 24
3%
Madden NFL 25
3%
Mafia Definitive Edition
3%
Manhunt
3%
Mario and Luigi Superstar Saga and Bowser's Minions
3%
Mario Golf Super Rush
3%
Mario Golf Toadstool Tour
3%
Mario Paint
3%
Mario Party Advance
3%
Mario Party Island Tour
3%
Mario Party The Top 100
3%
Mario Strikers Battle League
3%
Mario Strikers Charged
3%
Mario Superstar Baseball
3%
Marvel's Guardians of the Galaxy
3%
Marvel's Midnight Suns
3%
Marvel Snap
3%
Marvel Super Heroes
3%
Marvel vs Capcom Clash of Super Heroes
3%
Medal of Honor
3%
Medal of Honor Rising Sun
3%
Mega Man Zero
3%
Mega Man Zero 2
3%
Mega Man Zero 3
3%
Mega Man Zero 4
3%
Metal Gear Rising Revengeance
3%
Metroid 2 Return of Samus
3%
Metroid Fusion
3%
Metroid Other M
3%
Metroid Prime 2 Echoes
3%
Metroid Samus Returns
3%
Microsoft Flight Simulator
3%
Minecraft Story Mode Season 2
3%
Minesweeper
3%
MLB The Show 16
3%
MLB The Show 17
3%
MLB The Show 18
3%
MLB The Show 19
3%
MLB The Show 23
3%
MLB The Show 24
3%
MLB The Show 25
3%
Mortal Kombat 11
3%
My Singing Monsters
3%
Need for Speed Heat
3%
NFL 2K
3%
NFL 2K1
3%
NFL 2K2
3%
NFL 2K3
3%
NHL 06
3%
NHL 07
3%
NHL 08
3%
NHL 09
3%
NHL 10
3%
NHL 11
3%
NHL 12
3%
NHL 13
3%
NHL 14
3%
NHL 15
3%
NHL 16
3%
NHL 17
3%
NHL 18
3%
NHL 19
3%
NHL 20
3%
NHL 21
3%
NHL 22
3%
NHL 23
3%
NHL 24
3%
NHL 25
3%
NHL 99
3%
Nintendo Switch Sports
3%
Okami
3%
Ori and the Will of the Wisps
3%
Overcooked 2
3%
Payday 2
3%
Payday 3
3%
Perfect Dark
3%
Persona 3 Dancing in Moonlight
3%
Persona 4 Arena
3%
Persona 4 Arena Ultimax
3%
Persona 4 Dancing All Night
3%
Persona 5 Dancing in Starlight
3%
Phoenix Wright Ace Attorney Dual Destinies
3%
Phoenix Wright Ace Attorney Justice for All
3%
Phoenix Wright Ace Attorney Spirit of Justice
3%
Phoenix Wright Ace Attorney Trials and Tribulations
3%
Pikmin 4
3%
Planet Coaster
3%
Pokemon Pinball Ruby and Sapphire
3%
Pokemon Quest
3%
Pokemon Ranger
3%
Pou
3%
Prey
3%
Pro Evolution Soccer 2
3%
Pro Evolution Soccer 4
3%
Pro Evolution Soccer 5
3%
Pro Evolution Soccer 6
3%
Psychonauts
3%
Psychonauts 2
3%
Quake 4
3%
Raid Shadow Legends
3%
Ratchet and Clank Up Your Arsenal
3%
Rayman 2 The Great Escape
3%
Rayman 3 Hoodlum Havoc
3%
Red Dead Revolver
3%
Resident Evil Outbreak
3%
Resident Evil Zero
3%
Retro Bowl+
3%
Ridge Racer
3%
Rock Band 3
3%
Rock Band 4
3%
Run 2
3%
Run 3
3%
Rust
3%
Satisfactory
3%
Shantae
3%
Shenmue
3%
Shenmue 2
3%
Shovel Knight
3%
Shrek
3%
Shrek 2
3%
Silent Hill Downpour
3%
Silent Hill Homecoming
3%
Silent Hill Origins
3%
Silent Hill Townfall
3%
Skylanders Giants
3%
Skylanders Imaginators
3%
Skylanders Trap Team
3%
Slay the Spire
3%
Sonic and All-Stars Racing Transformed
3%
Sonic Battle
3%
Sonic Boom Fire and Ice
3%
Sonic Boom Rise of Lyric
3%
Sonic Boom Shattered Crystal
3%
Sonic Dash
3%
Sonic the Fighters
3%
Sonic the Hedgehog Pocket Adventure
3%
Spider-Man Shattered Dimensions
3%
Spyro Reignited Trilogy
3%
Star Fox Adventures
3%
Star Fox Assault
3%
Star Fox Zero
3%
State of Decay
3%
State of Decay 2
3%
Suicide Squad Kill the Justice League
3%
Super Castlevania 4
3%
Super Kirby Clash
3%
Super Mario 3D All Stars
3%
Super Mario Advance
3%
Super Mario Bros 35
3%
Super Mario Bros The Lost Levels
3%
Super Princess Peach
3%
Super Punch-Out
3%
Tails Adventure
3%
Talking Tom
3%
Team Fortress Classic
3%
Temple Run 2
3%
Tetris Attack
3%
The Battle Cats
3%
The Binding of Isaac Rebirth
3%
The Elder Scrolls Online
3%
The Legend of Zelda: Four Swords Adventures
3%
The Legend of Zelda: The Minish Cap
3%
There is no Game
3%
The Transformers
3%
Time Crisis
3%
Time Crisis 2
3%
Time Crisis 3
3%
Tom Clancy's Splinter Cell Chaos Theory
3%
Tomodachi Life
3%
Tony Hawk's Project 8
3%
Transformers
3%
Ty the Tasmanian Tiger
3%
Ultimate Marvel vs Capcom 3
3%
Ultimate Spider-Man
3%
Uncharted 4 A Thief's End
3%
WarioWare Get it Together
3%
WarioWare Gold
3%
WarioWare Move It
3%
Wario World
3%
Who's Your Daddy
3%
Wii Fit Plus
3%
Wii Music
3%
Wolfenstein 3D
3%
Wolfenstein The New Order
3%
Wolverine
3%
Wordle
3%
Wrecking Crew
3%
WWE 2K14
3%
WWE 2K15
3%
WWE 2K16
3%
WWE 2K17
3%
WWE 2K18
3%
WWE 2K19
3%
WWE 2K20
3%
X-Men Children of the Atom
3%
X-Men Origins Wolverine
3%
X-Men vs Street Fighter
3%
Yakuza 0
3%
Yakuza 6 The Song of Life
3%
Yo-Kai Watch
3%
Yoshi's Crafted World
3%
Yoshi's Island DS
3%
Zenless Zone Zero
3%
1-2-Switch!
2%
2002 FIFA World Cup
2%
2048
2%
60 Seconds
2%
Age of Empires
2%
Age of Empires 2
2%
Age of Empires 3
2%
Age of Empires 4
2%
Albion Online
2%
Alien Hominid
2%
Alpha Centauri
2%
Amanda the Adventurer
2%
Amnesia The Dark Descent
2%
An Elder Scrolls Legend Battlespire
2%
Angry Birds Star Wars 2
2%
Angry Birds Stella
2%
Angry Birds Transformers
2%
Animal Crossing Pocket Camp
2%
Army Men
2%
Art Academy
2%
Assassin's Creed Unity
2%
Astroneer
2%
A Way Out
2%
Baby in Yellow
2%
Back 4 Blood
2%
Banjo-Kazooie Grunty's Revenge
2%
Batman Begins
2%
BattleBlock Theater
2%
Battlefield 2042
2%
Battlefield 2142
2%
Battlefield 2 Modern Combat
2%
Battlefield Hardline
2%
Beyond Castle Wolfenstein
2%
Big Brain Academy
2%
BioShock 2
2%
Bit Life
2%
Black Myth Wukong
2%
Blood 2
2%
Bloons Monkey City
2%
Bloons TD Battles
2%
Bloons TD Battles 2
2%
Bomberman 64
2%
Bomberman Hero
2%
Boris and the Dark Survival
2%
Breakout
2%
Bubsy 3D
2%
Burnout 2 Point of Impact
2%
Burnout 3 Takedown
2%
Burnout Dominator
2%
Burnout Paradise Remastered
2%
Burnout Revenge
2%
Cadence of Hyrule
2%
Call of Duty Heroes
2%
Call of Duty Modern Warfare Remastered
2%
Call of Duty Online
2%
Call of Duty Strike Team
2%
Call of Duty Warzone Mobile
2%
Captain America Super Soldier
2%
Castlevania 3 Dracula's Curse
2%
Castlevania 64
2%
Castlevania Harmony of Dissonance
2%
Castle Wolfenstein
2%
C.A.T.S.
2%
Chibi-Robo
2%
Class of '09
2%
Colonization
2%
Connections
2%
Contra
2%
Cookie Clicker
2%
Cooking Simulator
2%
Counter-Strike Source
2%
Crash Bandicoot N. Sane Trilogy
2%
Crash Bandicoot The Wrath of Cortex
2%
Crash Bash
2%
Crash of the Titans
2%
Crash Team Racing
2%
Crash Team Racing Nitro Fueled
2%
Crazy Taxi 2
2%
Croc
2%
Croc 2
2%
Crossword
2%
Crossy Road
2%
Crow Country
2%
Crysis
2%
Crysis 2
2%
Crysis 3
2%
Dance Dance Revolution Mario Mix
2%
Danganronpa 2 Goodbye Despair
2%
Danganronpa Another Episode Ultra Despair Girls
2%
Danganronpa S Ultimate Summer Camp
2%
Danganronpa Trigger Happy Havoc
2%
Danganronpa V3 Killing Harmony
2%
Daxter
2%
Deep Rock Galactic
2%
Demon Slayer The Hinokami Chronicles
2%
Detective Pikachu Returns
2%
Devil May Cry 3 Dante's Awakening
2%
Diablo Immortal
2%
Dig Dug 2
2%
Digimon World
2%
Digimon World 2
2%
Digimon World 3
2%
Digimon World 4
2%
Dirt 3
2%
Dirt 4
2%
Dirt 5
2%
Disney Infinity 2
2%
Disney Infinity 3
2%
Divinity Original Sin
2%
Divinity Original Sin 2
2%
DK King of Swing
2%
Donkey Konga 2
2%
Donkey Konga 3
2%
Donkey Kong Barrel Blast
2%
Don't Starve Together
2%
Doodle Jump 2
2%
Doom RPG
2%
Double Dragon
2%
Dragon Age Origins
2%
Dragon City
2%
Dragon Quest Builders
2%
Dragon Quest Builders 2
2%
Drawn to Life
2%
Dr Mario Miracle Cure
2%
Dr Mario World
2%
Dr. Robotnik's Mean Bean Machine
2%
Duke Nukem 2
2%
Duke Nukem 3D
2%
Duke Nukem Land of the Babes
2%
Duke Nukem Manhattan Project
2%
Dumb Ways to Die
2%
Duolingo
2%
Earthworm Jim 3D
2%
EA Sports FC 24
2%
EA Sports FC 25
2%
EA Sports FC 26
2%
EA Sports FC Mobile
2%
Ecco the Dolphin
2%
Enemy Territory Quake Wars
2%
Enter the Gungeon
2%
Europa Universalis
2%
Europa Universalis 2
2%
Europa Universalis 3
2%
Europa Universalis 4
2%
Euro Truck Simulator
2%
Excite Truck
2%
Exit
2%
Exploding Kittens
2%
Fallout Brotherhood of Steel
2%
Farming Simulator 14
2%
Farming Simulator 15
2%
Farming Simulator 16
2%
Farming Simulator 17
2%
Farming Simulator 18
2%
Farming Simulator 25
2%
Fat Princess
2%
F.E.A.R. 2 Project Origin
2%
F.E.A.R. 3
2%
FIFA Football 2003
2%
Final Doom
2%
Final Fantasy 11 Online
2%
Final Fantasy Mystic Quest
2%
Final Fantasy Tactics Advance
2%
Fire Emblem Awakening
2%
Fire Emblem Fates
2%
Fire Emblem Warriors
2%
Firewatch
2%
Five Laps at Freddy's
2%
Five Nights at Freddy's AR Special Delivery
2%
Five Nights at Freddy's Help Wanted 2
2%
Five Nights at Freddy's Secret of the Mimic
2%
Football Manager 2005
2%
Football Manager 2006
2%
Football Manager 2007
2%
Football Manager 2008
2%
Football Manager 2009
2%
Football Manager 2010
2%
Fossil Fighters
2%
Fossil Fighters Champions
2%
Fossil Fighters Frontier
2%
Frogger 2 Swampy's Revenge
2%
Fruit Ninja 2
2%
Galaxian
2%
Garfield Kart
2%
Garten of Banban
2%
Gas Station Simulator
2%
Gears 5
2%
Gears of War 4
2%
Gears of War Judgement
2%
Gears Tactics
2%
Geometry Dash Meltdown
2%
Gex
2%
Globle
2%
God of War Ghost of Sparta
2%
Golden Sun The Lost Age
2%
Golf With Friends
2%
Gorilla Tag
2%
Granny
2%
GTA Advance
2%
GTA Chinatown Wars
2%
Guitar Hero 3 Legends of Rock
2%
Guitar Hero 5
2%
Guitar Hero Live
2%
Guitar Hero World Tour
2%
Halloween
2%
Halo Spartan Assault
2%
Hatsune Miku Colorful Stage
2%
Hello Guest
2%
Hello Neighbor Hide and Seek
2%
Helltaker
2%
Henry Stickmin Breaking the Bank
2%
Henry Stickmin Completing the Mission
2%
Henry Stickmin Escaping the Prison
2%
Henry Stickmin Infiltrating the Airship
2%
Hey! Pikmin
2%
High on Life
2%
Hitman Blood Money
2%
House Flipper
2%
House Flipper 2
2%
Hyper Light Drifter
2%
Ice Scream
2%
Ice Scream 2
2%
Ice Scream 3
2%
I Expect You To Die
2%
Iron Lung
2%
Jak and Daxter The Precursor Legacy
2%
James Bond 007
2%
Jet Set Radio
2%
John Madden Football
2%
Joker
2%
Joy Mech Fight
2%
Jump King
2%
Kahoot
2%
Kao the Kangaroo
2%
Katamari Damacy
2%
Kick the Buddy
2%
Killer Instinct 2
2%
Killer Instinct Gold
2%
Kinect Sports
2%
Kingdom Hearts Birth by Sleep
2%
King's Field
2%
King's Field 2
2%
King's Field 3
2%
King's Field 4
2%
KinitoPET
2%
Kirby Fighters Deluxe
2%
Kirby's Avalanche
2%
Kirby's Dream Collection
2%
Kirby's Pinball Land
2%
Kirby Super Star Ultra
2%
Kirby Tilt 'n' Tumble
2%
Knuckles' Chaotix
2%
Lawn Mowing Simulator
2%
Legend of Zelda Echoes of Wisdom
2%
LEGO Batman 3 Beyond Gotham
2%
LEGO City Undercover
2%
LEGO DC Super-Villains
2%
Lego Fortnite
2%
LEGO Harry Potter Years 1-4
2%
LEGO Harry Potter Years 5-7
2%
LEGO Indiana Jones 2 The Adventure Continues
2%
LEGO Island
2%
LEGO Island 2 The Brickster's Revenge
2%
LEGO Marvel Super Heroes 2
2%
LEGO Star Wars 3 The Clone Wars
2%
LEGO Star Wars The Force Awakens
2%
LEGO Star Wars The Videogame
2%
LEGO The Hobbit
2%
LEGO The Incredibles
2%
LEGO Worlds
2%
Life Is Strange Before the Storm
2%
Life Is Strange True Colors
2%
Lightning Returns Final Fantasy 13
2%
Like a Dragon Gaiden The Man Who Erased His Name
2%
LittleBigPlanet Karting
2%
Luigi's Mansion 2 HD
2%
Luigi's Mansion Arcade
2%
Madden NFL 06
2%
Madden NFL 07
2%
Madden NFL 08
2%
Madden NFL 09
2%
Magikarp Jump
2%
Mario and Luigi Paper Jam
2%
Mario and Sonic at the London 2012 Olympic Games
2%
Mario and Sonic at the Olympic Games Tokyo 2020
2%
Mario and Sonic at the Olympic Winter Games
2%
Mario and Sonic at the Rio 2016 Olympic Games
2%
Mario and Sonic at the Sochi 2014 Winter Olympic Games
2%
Mario Golf World Tour
2%
Mario is Missing
2%
Mario Party DS
2%
Mario's Tennis
2%
Mario's Time Machine
2%
Mario Tennis Power Tour
2%
Mario Tennis Ultra Smash
2%
Mario vs Donkey Kong 2: March of the Minis
2%
Mario vs Donkey Kong Minis March Again!
2%
Mario vs Donkey Kong Tipping Stars
2%
Marvel Heroes
2%
Marvel Puzzle Quest
2%
Marvel Strike Force
2%
Marvel Super Heroes vs Street Fighter
2%
Marvel Ultimate Alliance
2%
Marvel Ultimate Alliance 2
2%
Marvel vs Capcom 2 New Age of Heroes
2%
Medal of Honor Airborne
2%
Medal of Honor Frontline
2%
Medal of Honor Warfighter
2%
Mega Man Battle Network
2%
Mega Man Battle Network 2
2%
Mega Man Battle Network 3
2%
Mega Man Battle Network 4
2%
Mega Man Battle Network 5
2%
Mega Man Battle Network 6
2%
Mega Man Legends
2%
Mega Man Legends 2
2%
Metal Gear 2 Solid Snake
2%
Metal Gear Online
2%
Metal Gear Solid 5 Ground Zeroes
2%
Metal Gear Solid Delta Snake Eater
2%
Metal Gear Solid Peace Walker
2%
Metal Gear Solid Portable Ops
2%
Metal Slug
2%
Metal Slug 2
2%
Metal Slug 3
2%
Metal Slug 4
2%
Metal Slug 5
2%
Metal Slug 6
2%
Metal Slug 7
2%
Metal Slug X
2%
Metroid Prime 3 Corruption
2%
Metroid Prime Federation Force
2%
Metroid Prime Hunters
2%
Metroid Prime Pinball
2%
Metroid Prime Trilogy
2%
Midnight Club 2
2%
Midnight Club 3 DUB Edition
2%
Midnight Club Los Angeles
2%
Minecraft Earth
2%
Minion Rush
2%
Mirror's Edge
2%
Monster Hunter 3 Ultimate
2%
Monster Hunter 4
2%
Monster Hunter 4 Ultimate
2%
Monster Hunter Explore
2%
Monster Hunter Freedom
2%
Monster Hunter Freedom 2
2%
Monster Hunter Freedom Unite
2%
Monster Hunter Frontier Z
2%
Monster Hunter G
2%
Monster Hunter Generations
2%
Monster Hunter Generations Ultimate
2%
Monster Hunter Now
2%
Monster Hunter Rise
2%
Monster Hunter Stories
2%
Monster Hunter Stories 2 Wings of Ruin
2%
Monster Hunter Tri
2%
Monster Hunter Wilds
2%
Monster Hunter World
2%
Monster Hunter World Iceborne
2%
Monster Legends
2%
Monster Rancher
2%
Monster Rancher 2
2%
Monster Rancher 3
2%
Monster Rancher 4
2%
Mortal Kombat Armageddon
2%
Mortal Kombat Deadly Alliance
2%
Mortal Kombat Deception
2%
Mortal Kombat Gold
2%
Mortal Kombat Shaolin Monks
2%
Mortal Kombat Tournament Edition
2%
Mortal Kombat Unchained
2%
Mortal Kombat vs DC Universe
2%
My Friend Peppa Pig
2%
My Pokemon Ranch
2%
NBA 2K Mobile
2%
Need for Speed Rivals
2%
Need for Speed The Run
2%
Need for Speed Unbound
2%
Need for Speed World
2%
NES Open Tournament Golf
2%
NHL 2000
2%
NHL 2001
2%
NHL 2002
2%
NHL 2003
2%
NHL 2004
2%
NHL 2005
2%
NHL '94
2%
NHL 95
2%
NHL 96
2%
NHL 97
2%
NHL 98
2%
Ninja Gaiden
2%
Ninja Gaiden 2
2%
Ninja Gaiden 3
2%
Nintendo Badge Arcade
2%
Nintendo Land
2%
Nioh
2%
Nioh 2
2%
Old School RuneScape
2%
Omno
2%
One Night at Flumpty's
2%
One Night at Flumpty's 2
2%
One Night at Flumpty's 3
2%
One Piece Pirate Warriors
2%
One Piece Pirate Warriors 2
2%
One Piece Pirate Warriors 3
2%
One Piece Pirate Warriors 4
2%
Only Up
2%
Overlord
2%
Overlord 2
2%
Pac-Land
2%
Pac-Man Fever
2%
Pac-Man World 3
2%
Pac-Man World Re-Pac
2%
Palworld
2%
Panzer Dragoon
2%
Papa's Pastaria
2%
Papa's Pizzeria
2%
Papa's Sushiria
2%
Paperio
2%
Paperio 2
2%
PaRappa the Rapper
2%
PaRappa the Rapper 2
2%
Patapon
2%
Pavlov Shack
2%
PAYDAY The Heist
2%
Peggle
2%
Peggle 2
2%
People Playground
2%
Perfect Dark Zero
2%
Persona Q2 New Cinema Labyrinth
2%
Persona Q Shadow of the Labyrinth
2%
PHOGS
2%
Pico Park
2%
Pikmin 1 and 2
2%
Pikmin 3 Deluxe
2%
Pikmin Bloom
2%
Pirate 101
2%
Pixel Gun 3D
2%
Plague Inc.
2%
Plants vs Zombies 2 Unlimited
2%
Plants vs Zombies Adventures
2%
Plants vs Zombies All Stars
2%
Plants vs Zombies Great Wall Edition
2%
Plants vs Zombies Journey to the West
2%
Plants vs Zombies Magic Book
2%
Plants vs Zombies Online
2%
Plants vs Zombies Pinball
2%
Plants vs Zombies Pinyin Adventure
2%
Plants vs Zombies Risk
2%
Plants vs Zombies the Board Game
2%
Pokedoku
2%
Pokemon Conquest
2%
Pokemon Mystery Dungeon Blue Rescue Team
2%
Pokemon Mystery Dungeon Explorers of Time
2%
Pokemon Mystery Dungeon Red Rescue Team
2%
Pokemon Rumble World
2%
Pokemon Showdown
2%
Pokemon Trozei
2%
Pokemon Unite
2%
Poochy and Yoshi's Woolly World
2%
POPGOES Arcade
2%
Postal 4 No Regerts
2%
Postal Mobile
2%
Pro Evolution Soccer 2008
2%
Pro Evolution Soccer 2009
2%
Pro Evolution Soccer 2010
2%
Pro Evolution Soccer 2011
2%
Pro Evolution Soccer 2012
2%
Pro Evolution Soccer 2013
2%
Pro Evolution Soccer 2014
2%
Pro Evolution Soccer 2015
2%
Pro Evolution Soccer 2016
2%
Pro Evolution Soccer 2017
2%
Pro Evolution Soccer 2018
2%
Pro Evolution Soccer 2019
2%
Quake 3 Arena
2%
Quake Champions
2%
Ratchet and Clank Size Matters
2%
Ratchet Deadlocked
2%
Resident Evil Dead Aim
2%
Resident Evil Outbreak File 2
2%
Return to Castle Wolfenstein
2%
Rhythm Heaven Fever
2%
Rhythm Heaven Megamix
2%
Riddle School
2%
Riddle School 2
2%
Riddle School 3
2%
Riddle School 4
2%
Riddle School 5
2%
Ridge Racer 2
2%
Rise of the Tomb Raider
2%
Risk of Rain
2%
Risk of Rain 2
2%
Rivals of Aether
2%
Roller Coaster Tycoon
2%
Roller Coaster Tycoon 2
2%
Roller Coaster Tycoon 3
2%
Sackboy A Big Adventure
2%
Sam and Max Hit the Road
2%
Sandbox
2%
Sandboxels
2%
Scribblenauts
2%
Secret Neighbor
2%
Shadows of Doubt
2%
Shantae Half-Genie Hero
2%
Shenmue 3
2%
Sheriff
2%
Silent Hill Book of Memories
2%
Silent Hill HD Collection
2%
SimAnimals
2%
SimCity 2000
2%
Skullgirls
2%
Skylanders Spyro's Adventure
2%
Skylanders Superchargers
2%
Skylanders Swap Force
2%
Slender
2%
Slope
2%
Snake's Revenge
2%
Sonic 3D Blast
2%
Sonic at the Olympic Games
2%
Sonic at the Olympic Winter Games
2%
Sonic Blast
2%
Sonic Chaos
2%
Sonic Chronicles The Dark Brotherhood
2%
Sonic Dash 2 Sonic Boom
2%
Sonic Drift
2%
Sonic Drift 2
2%
Sonic Forces Speed Battle
2%
Sonic Free Riders
2%
Sonic Jump
2%
Sonic Jump Fever
2%
Sonic Riders Zero Gravity
2%
Sonic Runners
2%
Sonic Runners Adventure
2%
Sonic Triple Trouble
2%
South Park The Stick of Truth
2%
Space Channel 5
2%
Space Channel 5 2
2%
Space Invaders 2
2%
Spelling Bee
2%
Spelunky
2%
Spelunky 2
2%
Spider-Man Edge of Time
2%
Spider-Man Unlimited
2%
Spider-Man Web of Shadows
2%
SpongeBob SquarePants The Cosmic Shake
2%
Spore
2%
Spyro 2 Ripto's Rage
2%
Spyro Enter the Dragonfly
2%
Spyro Year of the Dragon
2%
Starfy 2
2%
Starfy 3
2%
Starfy 4
2%
State of Decay 3
2%
Street Fighter 3 2nd Impact
2%
Street Fighter 3 3rd Strike
2%
Street Fighter 3 New Generation
2%
Street Fighter EX
2%
Street Fighter EX2
2%
Street Fighter EX3
2%
Stumble Guys
2%
Sudoku
2%
Super Animal Royale
2%
Super Auto Pets
2%
Super Bomberman 2
2%
Super Bomberman 3
2%
Super Bomberman 4
2%
Super Bomberman 5
2%
Super Bomberman R 2
2%
Super Bunny Man
2%
Superhot
2%
Super Mario Advance 3
2%
Super Mario Advance 4
2%
Super Mario All Stars
2%
Supermarket Simulator
2%
Super Meat Boy Forever
2%
Super Monkey Ball
2%
Super Monkey Ball 2
2%
Super Smash Flash
2%
Super Smash Flash 2
2%
Super Street Fighter 4
2%
Super Tetris
2%
Surgeon Simulator
2%
Survivor io
2%
T.A.B.S
2%
Tails' Skypatrol
2%
Tak and the Guardians of Gross
2%
Talking Angela
2%
Talking Ben
2%
Talking Tom 2
2%
Talking Tom and Ben News
2%
Talking Zombatar
2%
Tasty Planet
2%
Teenage Mutant Ninja Turtles Out of the Shadows
2%
Teenage Mutant Ninja Turtles Shredder's Revenge
2%
Teenage Mutant Ninja Turtles The Hyperstone Heist
2%
Teenage Mutant Ninja Turtles Turtles in Time
2%
Test Drive
2%
Test Drive Unlimited
2%
Test Drive Unlimited Solar Crown
2%
Tetris Plus
2%
The Amazing Spider-Man 2
2%
The Beatles Rock Band
2%
The Binding of Isaac Afterbirth
2%
The Elder Scrolls Adventures Redguard
2%
The Elder Scrolls Legends
2%
The Elder Scrolls Travels Dawnstar
2%
The Elder Scrolls Travels Oblivion
2%
The Elder Scrolls Travels Shadowkey
2%
The Elder Scrolls Travels Stormhold
2%
The End is Nigh
2%
The Fancy Pants Adventures
2%
The Great Ace Attorney Chronicles
2%
The Legend of Zelda: Oracle of Ages
2%
The Legend of Zelda: Oracle of Seasons
2%
The Legend of Zelda: Skyward Sword HD
2%
The Legend of Zelda: Twilight Princess HD
2%
The Legend of Zelda: Wind Waker HD
2%
The LEGO Movie Videogame
2%
The LEGO Ninjago Movie Video Game
2%
The Misadventures of Tron Bonne
2%
The Murder of Sonic the Hedgehog
2%
The Oregon Trail
2%
The Outlast Trials
2%
The Simpsons
2%
The Simpsons Hit and Run
2%
The Stanley Parable Ultra Deluxe
2%
The Walking Dead A New Frontier
2%
The Walking Dead The Final Season
2%
The Witcher 2 Assassins of Kings
2%
The World's Hardest Game
2%
Tiles
2%
Time Crisis 4
2%
Tiny Fishing
2%
Tomb Raider Chronicles
2%
Tom Clancy's EndWar
2%
Tom Clancy's Ghost Recon
2%
Tom Clancy's Ghost Recon 2
2%
Tom Clancy's Ghost Recon Advanced Warfighter
2%
Tom Clancy's Ghost Recon Advanced Warfighter 2
2%
Tom Clancy's Ghost Recon Breakpoint
2%
Tom Clancy's Ghost Recon Future Soldier
2%
Tom Clancy's Ghost Recon Wildlands
2%
Tom Clancy's H.A.W.X
2%
Tom Clancy's H.A.W.X 2
2%
Tom Clancy's Rainbow Six Vegas
2%
Tom Clancy's Rainbow Six Vegas 2
2%
Tom Clancy's Splinter Cell Blacklist
2%
Tom Clancy's Splinter Cell Conviction
2%
Tom Clancy's Splinter Cell Double Agent
2%
Tom Clancy's Splinter Cell Pandora Tomorrow
2%
Transformers Devastation
2%
Trombone Champ
2%
TwinBee
2%
Twisted Metal
2%
Twisted Metal 2
2%
Twisted Metal 3
2%
Twisted Metal 4
2%
Twisted Metal Black
2%
Twisted Metal Head-On
2%
Twisted Metal Head-On Extra Twisted Edition
2%
Ultimate Mortal Kombat 3
2%
Um Jammer Lammy
2%
Uncharted Drake's Deception
2%
Unravel
2%
Use Your Brainz EDU
2%
Vampire Survivors
2%
Viewtiful Joe
2%
Viewtiful Joe 2
2%
Virtua Cop
2%
Virtua Cop 2
2%
Virtua Fighter
2%
Virtua Fighter 2
2%
Virtua Fighter 3
2%
Virtua Fighter 4
2%
Viva Pinata
2%
VRChat
2%
Waffle
2%
Waku Waku Sonic Patrol Car
2%
Wario Land 4
2%
Wario Land Shake It
2%
Wario's Woods
2%
WarioWare D.I.Y.
2%
WarioWare Smooth Moves
2%
WarioWare Twisted
2%
War Thunder
2%
Watch Dogs Legion
2%
WHAT THE GOLF
2%
Where's My Water
2%
Where's My Water 2
2%
Wii Sports Club
2%
Wild Arms
2%
Wild Arms 2
2%
Wild Arms 3
2%
Wild Arms 4
2%
Wild Arms 5
2%
Wipeout
2%
Wizard 101
2%
Wobbly Life
2%
Wolfenstein 2 The New Colossus
2%
Wolfenstein Cyberpilot
2%
Wolfenstein Enemy Territory
2%
Wolfenstein RPG
2%
Wolfenstein The Old Blood
2%
Wolfenstein Youngblood
2%
Wordscapes
2%
WorldBox
2%
World of Warships
2%
Worms
2%
Worms 2
2%
WWE '12
2%
WWE 2K22
2%
WWE 2K23
2%
WWE 2K24
2%
WWE 2K25
2%
WWE SmackDown vs Raw
2%
WWE SmackDown vs Raw 2006
2%
WWE SmackDown vs Raw 2007
2%
WWE SmackDown vs Raw 2008
2%
WWE SmackDown vs Raw 2009
2%
WWE SmackDown vs Raw 2010
2%
WWE SmackDown vs Raw 2011
2%
XCOM 2
2%
XCOM Enemy Unknown
2%
Xenoblade Chronicles X
2%
Xenogears
2%
X-Men Legends
2%
Yakuza Kiwami
2%
Yandere Simulator
2%
Yo-Kai Watch 3
2%
Yo-Kai Watch 4
2%
Yo-Kai Watch World
2%
Yooka-Laylee and the Impossible Lair
2%
Yoshi's Safari
2%
Zombie Match
2%
007 Legends
0%
007 Licence to Kill
0%
007 Quantum of Solace
0%
007 Racing
0%
100 Man'nin no Ninja Gaiden
0%
1080 Avalanche
0%
1080 Snowboarding
0%
1942
0%
1 Meter
0%
2006 FIFA World Cup
0%
2010 FIFA World Cup South Africa
0%
2014 FIFA World Cup Brazil
0%
20 Minutes Till Dawn
0%
2nd Super Robot Wars
0%
2nd Super Robot Wars Alpha
0%
2nd Super Robot Wars Original Generation
0%
2nd Super Robot Wars Z
0%
3-D Bomberman
0%
3D Classics Kirby's Adventure
0%
3D Machiuke Appli Xevious
0%
3D Tetris
0%
3D Ultra Minigolf
0%
3D Ultra Minigolf Adventures
0%
3D Ultra Minigolf Adventures 2
0%
3D Ultra Minigolf Deluxe
0%
3-D Ultra NASCAR Pinball
0%
3-D Ultra Pinball
0%
3-D Ultra Pinball Creep Night
0%
3-D Ultra Pinball Power
0%
3-D Ultra Pinball The Lost Continent
0%
3-D Ultra Pinball Thrillride
0%
3 on 3 NHL Arcade
0%
3rd Super Robot Wars
0%
3rd Super Robot Wars Alpha To the End of the Galaxy
0%
3rd Super Robot Wars Z
0%
4th Super Robot Wars
0%
4x4 Evo
0%
4x4 Evo 2
0%
720
0%
A Boy and His Blob
0%
Ace Attorney Investigations 2
0%
Ace Attorney Investigations Miles Edgeworth
0%
A Certain Magical Virtual-On
0%
A Chair in a Room Greenwater
0%
Acromage
0%
Adventures of Lolo
0%
Adventures of Lolo 2
0%
Adventures of Lolo 3
0%
Aero the Acro-Bat
0%
Aero the Acro-Bat 2
0%
Aero the Acro-Bat - Rascal Rival Revenge
0%
Aether
0%
AFK Arena
0%
AFK Journey
0%
AFL
0%
AFL 23
0%
AFL 98
0%
AFL 99
0%
AFL Challenge
0%
AFL Evolution
0%
AFL Evolution 2
0%
AFL Finals Fever
0%
AFL Live
0%
AFL Live 2
0%
AFL Live 2003
0%
AFL Live 2004
0%
AFL Live Game of the Year Edition
0%
AFL Live Premiership Edition
0%
AFL Mascot Manor
0%
AFL Premiership 2005
0%
AFL Premiership 2006
0%
AFL Premiership 2007
0%
Age of Empires Castle Siege
0%
Age of Empires Mythologies
0%
Age of Empires Online
0%
Age of Empires The Age of Kings
0%
Age of Empires World Domination
0%
Age of Mythology
0%
Age of Mythology The Titans
0%
Age of Wonders
0%
Age of Wonders 2 The Wizard's Throne
0%
Age of Wonders 3
0%
Age of Wonders 4
0%
Age of Wonders Planetfall
0%
Age of Wonders Shadow Magic
0%
A Hat In Time
0%
Aim For Cash
0%
Akalabeth
0%
Akumajo Dracula
0%
Alge-Blaster
0%
Alice Madness Returns
0%
Alien Hominid Invasion
0%
A Link to the Past Barcode Battler II
0%
All Night Nippon Super Mario Bros
0%
AlphaBetty Saga
0%
Alpine Racer
0%
Alpine Racer 2
0%
Alpine Racer 3
0%
Alpine Racer EX
0%
Alpine Surfer
0%
Alter Ego
0%
Amazing Bomberman
0%
Amazing Katamari Damacy
0%
American McGee's Alice
0%
American McGee's Grimm
0%
American Truck Simulator
0%
America's Army
0%
America's Army 2
0%
America's Army 3
0%
America's Army 5
0%
America's Army Proving Grounds
0%
America's Army Rise of a Soldier
0%
America's Army Special Operations
0%
America's Army True Soldiers
0%
Amnesia A Machine for Pigs
0%
Amnesia Rebirth
0%
Among Us VR
0%
Amplitude
0%
Ancient Empires
0%
Ancient Empires 2
0%
Angry Birds Action
0%
Angry Birds Blast
0%
Angry Birds Breakfast
0%
Angry Birds Cheetos
0%
Angry Birds Chrome
0%
Angry Birds Coca-Cola
0%
Angry Birds Dream Blast
0%
Angry Birds Evolution
0%
Angry Birds Fight
0%
Angry Birds Free with Magic
0%
Angry Birds Fuji TV
0%
Angry Birds Google
0%
Angry Birds Heikki
0%
Angry Birds in The Hunt For The Golden Pistachio
0%
Angry Birds in Ultrabook Adventure
0%
Angry Birds Journey
0%
Angry Birds Lotus F1 Team
0%
Angry Birds Match
0%
Angry Birds McDonald's
0%
Angry Birds Philadelphia Eagles
0%
Angry Birds Pop
0%
Angry Birds Radox
0%
Angry Birds Reloaded
0%
Angry Birds Starburst
0%
Angry Birds Telepizza
0%
Angry Birds Volcano
0%
Angry Birds VR Isle of Pigs
0%
Angry Birds Vuela Tazos
0%
Animal Crossing Amiibo Festival
0%
Animal Crossing Plaza
0%
AnimalRevoltBattleSimulator
0%
Animal Well
0%
Anno 1404
0%
Anno 1503
0%
Anno 1602
0%
Anno 1701
0%
Anno 1701 Dawn of Discovery
0%
Anno 1800
0%
Anno 2070
0%
Anno 2205
0%
Anno 2205 Asteroid Miner
0%
Anno Build an Empire
0%
Anno Create A New World
0%
Anno Online
0%
Another Code R A Journey Into Lost Memories
0%
Another Code Recollection
0%
Another Code Two Memories
0%
Another Crab's Treasure
0%
Antichamber
0%
Apollo Justice Ace Attorney Trilogy
0%
April 24th
0%
Arcade Hoops Basketball
0%
Arcade Legends Space Invaders
0%
Arcania Fall of Setarrif
0%
Arcania Gothic 4
0%
Arc the Lad
0%
Arc the Lad 2
0%
Arc the Lad 3
0%
Arc the Lad Collection
0%
Arc the Lad End of Darkness
0%
Arc the Lad Kishin Fukkatsu
0%
Arc the Lad R
0%
Arc the Lad Twilight of the Spirits
0%
ARK 2
0%
Arkanoid vs Space Invaders
0%
ARL '96
0%
Armored Core
0%
Armored Core 2
0%
Armored Core 2 Another Age
0%
Armored Core 3
0%
Armored Core 4
0%
Armored Core 5
0%
Armored Core 6
0%
Armored Core For Answer
0%
Armored Core Formula Front
0%
Armored Core Last Raven
0%
Armored Core Master of Arena
0%
Armored Core Nexus
0%
Armored Core Nine Breaker
0%
Armored Core Project Phantasma
0%
Armored Core Verdict Day
0%
Arm Wrestling
0%
Army Men 2
0%
Army Men 3D
0%
Army Men Advance
0%
Army Men Air Attack
0%
Army Men Air Attack 2
0%
Army Men Air Tactics
0%
Army Men Green Rogue
0%
Army Men Major Malfunction
0%
Army Men Mobile Ops
0%
Army Men Operation Green
0%
Army Men RTS
0%
Army Men Sarge's Heroes
0%
Army Men Sarge's Heroes 2
0%
Army Men Sarge's War
0%
Army Men Soldiers of Misfortune
0%
Army Men Strike Toy Wars
0%
Army Men Toys in Space
0%
Army Men Turf Wars
0%
Army Men World War
0%
Army Men World War Final Front
0%
Army Men World War Land Sea Air
0%
Army Men World War Team Assault
0%
Army of Two
0%
Army of Two The 40th Day
0%
Army of Two The Devil's Cartel
0%
Art Academy Home Studio
0%
Art Academy Lessons for Everyone
0%
Art Academy SketchPad
0%
Ar Tonelico 2 Melody of Metafalica
0%
Ar Tonelico Melody of Elemia
0%
Ar Tonelico Qoga Knell of Ar Ciel
0%
Asgard's Wrath
0%
Asgard's Wrath 2
0%
Asphalt 3D
0%
Asphalt 3 Street Rules
0%
Asphalt 4 Elite Racing
0%
Asphalt 5
0%
Asphalt 6 Adrenaline
0%
Asphalt 7 Heat
0%
Asphalt 8 Airborne
0%
Asphalt 9 Legends
0%
Asphalt Audi RS 3
0%
Asphalt Import Tuner Edition
0%
Asphalt Injection
0%
Asphalt Nitro
0%
Asphalt Nitro 2
0%
Asphalt Online
0%
Asphalt Overdrive
0%
Asphalt Retro
0%
Asphalt Street Storm
0%
Asphalt Urban GT
0%
Asphalt Urban GT 2
0%
Asphalt Xtreme
0%
Assassin's Creed 2 Discovery
0%
Assassin's Creed 2 Mobile
0%
Assassin's Creed 2 Multiplayer
0%
Assassin's Creed 3 Liberation
0%
Assassin's Creed 3 Mobile
0%
Assassin's Creed Altairs Chronicles
0%
Assassin's Creed Anthology
0%
Assassin's Creed Bloodlines
0%
Assassin's Creed Brotherhood Mobile
0%
Assassin's Creed Chronicles China
0%
Assassin's Creed Chronicles India
0%
Assassin's Creed Chronicles Russia
0%
Assassin's Creed Ezio Trilogy
0%
Assassin's Creed Freerunners
0%
Assassin's Creed Heritage Collection
0%
Assassin's Creed Identity
0%
Assassin's Creed Jade
0%
Assassin's Creed Memories
0%
Assassin's Creed Mobile
0%
Assassin's Creed Multiplayer Rearmed
0%
Assassin's Creed Nexus VR
0%
Assassin's Creed Pirates
0%
Assassin's Creed Project Legacy
0%
Assassin's Creed Rebellion
0%
Assassin's Creed Recollection
0%
Assassin's Creed Revelations Mobile
0%
Assassin's Creed Rogue
0%
Assassin's Creed The Americas Collection
0%
Assassin's Creed Unity Arno's Chronicles
0%
Assault Android Cactus
0%
Asteroids 2000
0%
Asteroids Deluxe
0%
Asteroids Hyper 64
0%
Asteroids Recharged
0%
A Story About My Uncle
0%
Atomic Bomberman
0%
Atomic Punk
0%
Attack of the Zolgear
0%
ATV Offroad Fury
0%
ATV Offroad Fury 2
0%
ATV Offroad Fury 3
0%
ATV Offroad Fury 4
0%
Audiosurf
0%
Audiosurf Tilt
0%
Aussie Rules Footy
0%
Australian Rugby League
0%
Australian Rules Football
0%
Avengers Damage Control
0%
Avengers in Galactic Storm
0%
Avengers Initiative
0%
A View to a Kill
0%
Azure Striker Gunvolt
0%
Azure Striker Gunvolt 2
0%
Azure Striker Gunvolt 3
0%
Baby Pac Man
0%
Babysitting Mama
0%
Baby Steps
0%
Babyz
0%
Backyard Baseball
0%
Backyard Baseball 09
0%
Backyard Baseball 10
0%
Backyard Baseball 2001
0%
Backyard Baseball 2003
0%
Backyard Baseball 2005
0%
Backyard Baseball 2006
0%
Backyard Basketball
0%
Backyard Basketball 2004
0%
Backyard Football
0%
Backyard Football 08
0%
Backyard Football 09
0%
Backyard Football 10
0%
Backyard Football 2002
0%
Backyard Football 2004
0%
Backyard Football 2006
0%
Backyard Hockey
0%
Backyard Hockey 2005
0%
Backyard NBA Basketball
0%
Backyard Skateboarding
0%
Backyard Skateboarding Game of the Year Edition
0%
Backyard Soccer
0%
Backyard Soccer 2004
0%
Backyard Soccer MLS Edition
0%
Backyard Sports Baseball 2007
0%
Backyard Sports Baseball 2015
0%
Backyard Sports Basketball 2007
0%
Backyard Sports Basketball 2015
0%
Backyard Sports Football 2007
0%
Backyard Sports Rookie Rush
0%
Backyard Sports Sandlot Sluggers
0%
Bacon The Game
0%
Badland Party
0%
Bait!
0%
Balan Wonderworld
0%
Baldur's Gate 2 Enhanced Edition
0%
Baldur's Gate 2 Shadows of Amn
0%
Baldur's Gate Dark Alliance
0%
Baldur's Gate Dark Alliance 2
0%
Baldur's Gate Enhanced Edition
0%
Ballistic Baseball
0%
Balloon Fight
0%
Balls of Steel
0%
Ballz
0%
Banana Shooter
0%
Band Hero
0%
Banjo-Pilot
0%
Baraduke
0%
Baraduke 2
0%
Bart and the Beanstalk
0%
Bartman Meets Radioactive Man
0%
Bart's House of Weirdness
0%
Bart Simpson's Escape from Camp Deadly
0%
Bart's Nightmare
0%
Bart vs the Juggernauts
0%
Bart vs the Space Mutants
0%
Bart vs the World
0%
Baseball Stars
0%
Baseball Stars 2
0%
Baseball Stars Color
0%
Baseball Stars Professional
0%
Batman and Robin
0%
Batman Arkham Origins Blackgate
0%
Batman Arkham VR
0%
Batman Beyond Return of the Joker
0%
Batman Chaos in Gotham
0%
Batman Dark Tomorrow
0%
Batman Forever The Arcade Game
0%
Batman Gotham City Racer
0%
Batman Justice Unbalanced
0%
Batman Return of the Joker
0%
Batman Returns
0%
Batman Rise of Sin Tzu
0%
Batman The Brave and the Bold The Videogame
0%
Batman The Caped Crusader
0%
Batman The Enemy Within
0%
Batman The Telltale Series
0%
Batman Toxic Chill
0%
Batman Vengeance
0%
Battleborn
0%
Battle Cats Quest
0%
Battlefield Heroes
0%
Battlefield Mobile
0%
Battlefield Online
0%
Battlefield Play4Free
0%
Battlefield Vietnam
0%
Battle Qix
0%
Battles of Prince of Persia
0%
Battlestations Midway
0%
Battlestations Pacific
0%
Battletoads Arcade
0%
Battletoads in Battlemaniacs
0%
Beastieball
0%
Beast Wars Transformers
0%
Beat Around The Bush
0%
Beat Hazard
0%
Beat Hazard 2
0%
Beat Hazard 3
0%
Beat Hazard Ultra
0%
Beat the Boss
0%
Beautiful Katamari
0%
Bee Simulator
0%
Before Your Eyes
0%
Bejeweled
0%
Bejeweled 2
0%
Bejeweled 3
0%
Bejeweled Blitz
0%
Bejeweled Stars
0%
Bejeweled Twist
0%
Bendy in Nightmare Run
0%
Bentley's Hackpack
0%
Best Fiends
0%
Better Half
0%
Beyond Divinity
0%
Beyond Kung-Fu Return of the Master
0%
B-Force Blaster
0%
Big Brain Academy Brain vs Brain
0%
Big Brain Academy Wii Degree
0%
Big Bumpin'
0%
Bill Walsh College Football
0%
Bionicle
0%
Bionicle Challenge
0%
Bionicle Defenders
0%
Bionicle Heroes
0%
Bionicle Mask of Control
0%
Bionicle Mask of Creation
0%
Bionicle Matoran Adventures
0%
Bionicle Maze of Shadows
0%
BioShock Challenge Rooms
0%
BioShock Industrial Revolution
0%
BioShock The Collection
0%
Blackbox
0%
Blade 2
0%
Blade Trinity
0%
Blasphemous
0%
Blasphemous 2
0%
Blasphemous Deluxe Edition
0%
Blaster
0%
Blasteroids
0%
Blinx 2 Masters of Time and Space
0%
Blinx The Time Sweeper
0%
Blitz The League
0%
Blitz The League 2
0%
Block Buster
0%
Block Hexa Puzzle
0%
Blood Fresh Supply
0%
Bloons 2 Christmas Pack
0%
Bloons 2 Spring Fling
0%
Bloons Adventure Time TD
0%
Bloons Card Storm
0%
Bloons Insanity
0%
Bloons Junior
0%
Bloons Player Pack
0%
Bloons Pop
0%
Bloons Pop 3
0%
Bloons Super Monkey
0%
Blossom Blast Saga
0%
Bloxorz
0%
Bobby Carrot
0%
Bobby Carrot 2 Winterland
0%
Bobby Carrot 3 Evolution
0%
Bobby Carrot 4 Flower Power
0%
Bobby Carrot 5 Forever
0%
Bombergirl
0%
Bomberman 64 The Second Attack
0%
Bomberman '93
0%
Bomberman '94
0%
Bomberman Blast
0%
Bomberman Blitz
0%
Bomberman Collection
0%
Bomberman Collection Volume 2
0%
Bomberman Dojo
0%
Bomberman GB
0%
Bomberman GB 2
0%
Bomberman GB 3
0%
Bomberman Generation
0%
Bomberman Jetters
0%
Bomberman Kart
0%
Bomberman Land
0%
Bomberman Land 2
0%
Bomberman Land 3
0%
Bomberman Land Touch
0%
Bomberman Land Touch 2
0%
Bomberman Live
0%
Bomberman Live Battlefest
0%
Bomberman Max
0%
Bomberman Max 2
0%
Bomberman Online
0%
Bomberman Party Edition
0%
Bomberman Quest
0%
Bomberman Selection
0%
Bomberman Story
0%
Bomberman Story DS
0%
Bomberman Touch 2 Volcano Party
0%
Bomberman Touch The Legend of Mystic Bomb
0%
Bomberman Tournament
0%
Bomberman Ultra
0%
Bomberman World
0%
Bonk 3 Bonk's Big Adventure
0%
Bonk's Adventure
0%
Bonk's Return
0%
Bonk's Revenge
0%
Boogerman A Pick and Flick Adventure
0%
Book of Potions
0%
Book of Spells
0%
Boom Blox
0%
Boom Blox Bash Party
0%
Borderlands 2 VR
0%
Borderlands Legends
0%
Borderlands The Handsome Collection
0%
BoxBoxBoy
0%
BoxBoy
0%
BoxBoy and BoxGirl
0%
Brain Age
0%
Brain Age 2
0%
Brain Age Concentration Training
0%
Brain Age Express Arts and Letters
0%
Brain Age Express Math
0%
Brain Age Express Sudoku
0%
Brawlout
0%
Break a Leg
0%
Brian Lara Cricket
0%
Brian Lara Cricket '96
0%
Brian Lara Cricket '99
0%
Brian Lara International Cricket 2005
0%
Brian Lara International Cricket 2007
0%
Brian Lara Pressure Play
0%
Brotato
0%
BS F-Zero Grand Prix
0%
BS Legend of Zelda
0%
BS Legend of Zelda: Ancient Stone Tablets
0%
Bubble Dizzy
0%
Bubble Saga
0%
Bubble Trouble Golly Ghost 2
0%
Bubble Witch 2 Saga
0%
Bubble Witch 3 Saga
0%
Bubble Witch Saga
0%
Bubsy 2
0%
Bubsy in Claws Encounters of the Furred Kind
0%
Bubsy in Fractured Furry Tales
0%
Bubsy Paws on Fire
0%
Bubsy The Woolies Strike Back
0%
Buckshot Roulette
0%
Bugsnax
0%
Bulletstorm
0%
Burger Chase
0%
Burger - The Game
0%
BurgerTime
0%
BurgerTime Delight
0%
BurgerTime Deluxe
0%
BurgerTime Party
0%
BurgerTime World Tour
0%
Burnout Crash
0%
Burnout Legends
0%
Burn the Rope
0%
Burn the Rope Lite
0%
Burrito Bison
0%
Bus Simulator 16
0%
Bus Simulator 18
0%
Bus Simulator 2008
0%
Bus Simulator 2009
0%
Bus Simulator 2012
0%
Bus Simulator 21
0%
Bus Simulator City Ride
0%
Buzz Brain Bender
0%
Buzz Brain of
0%
Buzz HQ
0%
Buzz Junior Ace Racers
0%
Buzz Junior Dino Den
0%
Buzz Junior Jungle Party
0%
Buzz Junior Monster Rumble
0%
Buzz Junior Robo Jam
0%
Buzz Master Quiz
0%
Buzz Quiz Player
0%
Buzz Quiz TV
0%
Buzz Quiz World
0%
Buzz The BIG Quiz
0%
Buzz The Hollywood Quiz
0%
Buzz The Mega Quiz
0%
Buzz The Music Quiz
0%
Buzz The Pop Quiz
0%
Buzz The Schools Quiz
0%
Buzz The Sports Quiz
0%
Buzz The Ultimate Music Quiz
0%
BYE-BYE BOXBOY
0%
Cactus McCoy 2 The Ruins of Calavera
0%
Cactus McCoy and the Curse of Thorns
0%
Call of Duty 2 Big Red One
0%
Call of Duty Black Ops Declassified
0%
Call of Duty Black Ops DS
0%
Call of Duty Modern Warfare 2 Force Recon
0%
Call of Duty Modern Warfare 3 Defiance
0%
Call of Duty Modern Warfare Mobilized
0%
Call of Duty Roads to Victory
0%
Call of Duty The War Collection
0%
Call of Duty Warzone 2.0
0%
Call of Duty World at War Final Fronts
0%
Call of Juarez
0%
Call of Juarez Bound in Blood
0%
Call of Juarez Gunslinger
0%
Call of Juarez The Cartel
0%
Camping Mama Outdoor Adventures
0%
Canabalt
0%
Candy Crush Friends Saga
0%
Candy Crush Jelly Saga
0%
Candy Scabs
0%
Cannon Fodder
0%
Cannon Fodder 2
0%
Cannon Fodder 3
0%
Canyon Climber
0%
Capcom vs SNK 2 Mark of the Millennium 2001
0%
Capcom vs SNK Millennium Fight 2000
0%
Captain America and The Avengers
0%
Captain America in The Doom Tube of Dr Megalomann
0%
Captain America Sentinel of Liberty
0%
Captain America The Winter Soldier The Official Game
0%
Caravan Heart
0%
Car Mechanic Simulator 2014
0%
Car Mechanic Simulator 2015
0%
Car Mechanic Simulator 2018
0%
Car Mechanic Simulator 2021
0%
Carmen Sandiego Adventures in Math
0%
Carmen Sandiego handheld
0%
Carmen Sandiego in Japan
0%
Carmen Sandiego Junior Detective
0%
Carmen Sandiego Math Detective
0%
Carmen Sandiego Returns
0%
Carmen Sandiego's ThinkQuick Challenge
0%
Carmen Sandiego The Secret of the Stolen Drums
0%
Carmen Sandiego To Steal Or Not To Steal
0%
Carmen Sandiego Word Detective
0%
CaseOh's Basics in Eating and Fast Food
0%
Castlevania 2 Belmont's Revenge
0%
Castlevania Aria of Sorrow
0%
Castlevania Bloodlines
0%
Castlevania Chronicles
0%
Castlevania Circle of the Moon
0%
Castlevania Curse of Darkness
0%
Castlevania Dawn of Sorrow
0%
Castlevania Dracula X
0%
Castlevania Grimoire of Souls
0%
Castlevania Harmony of Despair
0%
Castlevania Judgment
0%
Castlevania Lament of Innocence
0%
Castlevania Legacy of Darkness
0%
Castlevania Legends
0%
Castlevania Lords of Shadow
0%
Castlevania Lords of Shadow 2
0%
Castlevania Lords of Shadow Mirror of Fate
0%
Castlevania Order of Ecclesia
0%
Castlevania Portrait of Ruin
0%
Castlevania The Adventure
0%
Castlevania The Adventure ReBirth
0%
Castlevania The Arcade
0%
Castlevania The Dracula X Chronicles
0%
Cat Goes Fishing
0%
Catherine
0%
Catherine Full Body
0%
Catly
0%
Cats the Commander
0%
Catz and Dogz
0%
Catz and Dogz 2
0%
Catz and Dogz 3
0%
Catz and Dogz 4
0%
Catz and Dogz 5
0%
Celeste 2 Lani's Trek
0%
Celeste 64 Fragments of the Mountain
0%
Championship Manager
0%
Championship Manager 13 14
0%
Championship Manager 17
0%
Championship Manager 2
0%
Championship Manager 2006
0%
Championship Manager 2007
0%
Championship Manager 2008
0%
Championship Manager 2009 Express
0%
Championship Manager 2010
0%
Championship Manager 2011
0%
Championship Manager 3
0%
Championship Manager 4
0%
Championship Manager 5
0%
Championship Manager '93
0%
Championship Manager 96 97
0%
Championship Manager 97 98
0%
Championship Manager Italia
0%
Championship Manager Online
0%
Championship Manager PSP
0%
Championship Manager Season 00 01
0%
Championship Manager Season 01 02
0%
Championship Manager Season 03 04
0%
Championship Manager Season 99 00
0%
Champ Man
0%
Champ Man 15
0%
Champ Man 16
0%
Chibi-Robo Park Patrol
0%
Chibi-Robo Photo Finder
0%
Chibi-Robo Zip Lash
0%
Chicory A Colorful Tale
0%
Chilly Willy
0%
Chocobo and the Magic Picture Book The Witch the Girl and the Five Heroes
0%
Chocobo Anywhere
0%
Chocobo Anywhere 2.5 Infiltrate Ancient Ruins
0%
Chocobo Anywhere 2 Escape Ghost Ship
0%
Chocobo Anywhere 3 Defeat The Great Rainbow-Colored Demon
0%
Chocobo Collection
0%
Chocobo de Mobile
0%
Chocobo GP
0%
Chocobo Land A Game of Dice
0%
Chocobo on the Job
0%
Chocobo Panic
0%
Chocobo Racing
0%
Chocobo's Chocotto Farm
0%
Chocobo's Crystal Tower
0%
Chocobo's Dungeon 2
0%
Chocobo's Mysterious Dungeon
0%
Chocobo's Mystery Dungeon Every Buddy
0%
Chocolatier
0%
Chocolatier 2 Secret Ingredients
0%
Chocolatier Decadence by Design
0%
Choco-Mate
0%
Chordosis
0%
Chuchel
0%
Chuzzle
0%
Cid and Chocobo's Mysterious Dungeon
0%
City Smash
0%
City Smash 2
0%
CivCity Rome
0%
Civilization Beyond Earth
0%
Civilization Revolution
0%
Civilization Revolution 2
0%
CivNet
0%
Class of '09 The Flip Side
0%
Class of '09 The Re-Up
0%
Class of '09 Trey Pack
0%
ClayFighter
0%
ClayFighter 2 Judgment Clay
0%
ClayFighter 63
0%
ClayFighter Sculptor's Cut
0%
ClayFighter Tournament Edition
0%
Claymates
0%
CLeM
0%
Clicker Heroes
0%
Clicker Heroes 2
0%
Clive Barker's Undying
0%
Clockwork Knight
0%
Clockwork Knight 2
0%
Clusterduck
0%
ClusterTruck
0%
cmplt
0%
Coin Crypt
0%
Colin McRae Dirt
0%
Colin McRae Dirt 2
0%
Colin McRae Rally
0%
Colin McRae Rally 04
0%
Colin McRae Rally 2
0%
Colin McRae Rally 2005
0%
Colin McRae Rally 3
0%
College Football USA 96
0%
College Football USA 97
0%
College Hoops 2K6
0%
College Hoops 2K7
0%
College Hoops 2K8
0%
Colors Game
0%
Command and Conquer
0%
Command and Conquer 3 Tiberium Wars
0%
Command and Conquer 4 Tiberian Twilight
0%
Command and Conquer Generals
0%
Command and Conquer Red Alert
0%
Command and Conquer Red Alert 2
0%
Command and Conquer Red Alert 3
0%
Command and Conquer Remastered Collection
0%
Command and Conquer Renegade
0%
Command and Conquer Rivals
0%
Command and Conquer Sole Survivor
0%
Command and Conquer The First Decade
0%
Command and Conquer Tiberian Sun
0%
Command and Conquer Tiberium Alliances
0%
Command and Conquer Yuri's Revenge
0%
Commanders Attack of the Genos
0%
Conduit 2
0%
Conker Live and Reloaded
0%
Conker's Big Reunion
0%
Conker's Pocket Tales
0%
Conler's Big Reunion
0%
Contra 3D
0%
Contra 3 The Alien Wars
0%
Contra 4
0%
Contra Evolution
0%
Contra Force
0%
Contra Hard Corps
0%
Contra Legacy of War
0%
Contra Operation Galuga
0%
Contra ReBirth
0%
Contra Rogue Corps
0%
Contra Shattered Soldier
0%
Cooking Mama 2 Dinner With Friends
0%
Cooking Mama 3 Shop and Chop
0%
Cooking Mama 4 Kitchen Magic
0%
Cooking Mama 5 Bon Appetite
0%
Cooking Mama Cookstar
0%
Cooking Mama Cuisine
0%
Cooking Mama World Kitchen
0%
Cosmo Gang the Video
0%
Cosmo's Cosmic Adventure
0%
Counter-Strike Condition Zero
0%
Counter-Strike Neo
0%
Counter-Strike Nexon Studio
0%
Counter-Strike Online
0%
Counter-Strike Online 2
0%
Crafting Mama
0%
Crash Bandicoot 2 N-Tranced
0%
Crash Bandicoot Mutant Island
0%
Crash Bandicoot Nitro Kart 2
0%
Crash Bandicoot Nitro Kart 3D
0%
Crash Bandicoot On the Run
0%
Crash Bandicoot Purple Ripto's Rampage
0%
Crash Bandicoot The Huge Adventure
0%
Crash Boom Bang
0%
Crash Mind Over Mutant
0%
Crash Nitro Kart
0%
Crash n' the Boys Street Challenge
0%
Crash Tag Team Racing
0%
Crash Team Rumble
0%
Crash Twinsanity
0%
Crazy Kong
0%
Crazy Taxi 3 High Roller
0%
Crazy Taxi Catch a Ride
0%
Crazy Taxi City Rush
0%
Crazy Taxi Fare Wars
0%
Crazy Taxi Tycoon
0%
Creaks
0%
Creator Harry Potter and the Chamber of Secrets
0%
Cricket 07
0%
Cricket 2000
0%
Cricket 2002
0%
Cricket 2004
0%
Cricket 2005
0%
Cricket 96
0%
Cricket 97
0%
Crisis Zone
0%
Critical Velocity
0%
Croc Legend of the Gobbos
0%
Croc Mobile Jungle Rumble
0%
Croc Mobile Pinball
0%
Croc Mobile Volcanic Panic
0%
Crosswordle
0%
Crossy Road Castle
0%
CroXZy Road
0%
Crusaders of Might and Magic
0%
Cryptid Aquarium
0%
Crysis 4
0%
Crysis Remastered
0%
Crysis Remastered Trilogy
0%
Crysis Warhead
0%
Crystal Defenders Vanguard Storm
0%
Crystal Guardians
0%
Crystal Kingdom Dizzy
0%
C The Contra Adventure
0%
CUE
0%
Cult of the Lamb
0%
Custom Robo
0%
Custom Robo Arena
0%
Custom Robo Battle Revolution
0%
Custom Robo GX
0%
Custom Robo V2
0%
Cut the Rope 3
0%
Cut the Rope BLAST
0%
Cut the Rope Daily
0%
Cut the Rope Experiments
0%
Cut the Rope Holiday Gift
0%
Cut the Rope Magic
0%
Cut the Rope Remastered
0%
Cut the Rope Time Travel
0%
Cyber Danganronpa VR The Class Trial
0%
Cyberdimension Neptunia 4 Goddesses Online
0%
Cyber Shadow
0%
Cyber Sled
0%
Cyber Troopers Virtual-On Force
0%
Cyber Troopers Virtual-On Marz
0%
Cyber Troopers Virtual-On Ontario Tangram
0%
Cycles International GP Racing
0%
Cypher 007
0%
Dance Central
0%
Dance Central 2
0%
Dance Central 3
0%
Dance Central Spotlight
0%
Dance Dance Revolution 2ndMix
0%
Dance Dance Revolution 3rdMix
0%
Dance Dance Revolution 4thMix
0%
Dance Dance Revolution 5thMix
0%
Dance Dance Revolution A
0%
Dance Dance Revolution A20
0%
Dance Dance Revolution A3
0%
Dance Dance Revolution Extreme
0%
Dance Dance Revolution SuperNova
0%
Dance Dance Revolution SuperNova 2
0%
Dance Dance Revolution World
0%
Dance Dance Revolution X
0%
Dance Dance Revolution X2
0%
Dance Dance Revolution X3 VS 2ndMix
0%
Dancing Stage featuring Disney's Rave
0%
Danganronpa Monokuma Strikes Back
0%
Danganronpa Unlimited Battle
0%
Daredevil
0%
Dark Messiah of Might and Magic
0%
DarkScape
0%
Dark Souls Remastered
0%
Darkspore
0%
Dave the Diver
0%
Day Off
0%
DC Universe Online
0%
DDRMAX 2 Dance Dance Revolution 7thMix
0%
DDRMAX Dance Dance Revolution 6thMix
0%
Dead Frontier
0%
Dead Frontier Outbreak
0%
Dead Frontier Outbreak 2
0%
Dead Head Fred
0%
Dead Island Definitive Edition
0%
Dead Island Epidemic
0%
Dead Island Riptide
0%
Dead Island Survivors
0%
Dead Rising 2 Off the Record
0%
Dead Rising Chop Till You Drop
0%
Dead Rising Collection
0%
Dead Rising Mobile
0%
Dead Rising Triple Pack
0%
Dead Space Extraction
0%
Dead Space Ignition
0%
Death Rally
0%
Deathrow
0%
DeathSpank
0%
DeathSpank 2
0%
Death Worm
0%
de Blob
0%
de Blob 2
0%
Dedede's Drum Dash Deluxe
0%
DEEEER Simulator
0%
Deep Rock Galactic Survivor
0%
Deer Hunter
0%
Deer Hunter 2
0%
Deer Hunter 2003 Legendary Hunting
0%
Deer Hunter 2004
0%
Deer Hunter 2005
0%
Deer Hunter 2014
0%
Deer Hunter 2 The Hunt Continues
0%
Deer Hunter 3
0%
Deer Hunter 3D
0%
Deer Hunter 3 Gold
0%
Deer Hunter 3 The Legend Continues
0%
Deer Hunter 4 World-Class Record Bucks
0%
Deer Hunter 5 Tracking Trophies
0%
Deer Hunter African Safari
0%
Deer Hunter Bow Master
0%
Deer Hunter Challenge
0%
Deer Hunter Companion
0%
Deer Hunter First Shot
0%
Deer Hunter Online
0%
Deer Hunter Reloaded
0%
Deer Hunter Tournament
0%
Desert Strike Return to the Gulf
0%
Destroy All Humans
0%
Destroy All Humans 2
0%
Destroy All Humans 2 Reprobed
0%
Destroy All Humans Big Willy Unleashed
0%
Destroy All Humans Path of the Furon
0%
Detena TwinBee
0%
Devil May Cry Peak of Combat
0%
Devil World
0%
Diablo 2 Resurrected
0%
Diamond Diaries Saga
0%
Diamond Digger Saga
0%
Dies irae
0%
Dig Dug Deeper
0%
Dig Dug Digging Strike
0%
Dig Dug Island
0%
Digimon Racing
0%
Digimon Story Cyber Sleuth
0%
Digimon Story Cyber Sleuth Hacker's Memory
0%
Digimon Story Lost Evolution
0%
Digimon Story Super Xros Wars Blue
0%
Digimon Story Super Xros Wars Red
0%
Digimon Tamers
0%
Digimon World Dawn
0%
Digimon World DS
0%
Digimon World Dusk
0%
Digimon World Next Order
0%
Digimon World Re:Digitize
0%
Digimon World Re:Digitize Decode
0%
Dimension Tripper Neptune Top Nep
0%
Diner
0%
Dino Crisis Dungeon in Chaos
0%
Dino Stalker
0%
Dirt Rally
0%
Dirt Rally 2
0%
Dirt Showdown
0%
Disco Ant
0%
Disney Art Academy
0%
Disney Crossy Road
0%
Disney Melee Mania
0%
Dissidia 012 Final Fantasy
0%
Dissidia Final Fantasy
0%
Dissidia Final Fantasy Opera Omnia
0%
Divilethion
0%
Divine Divinity
0%
Divinity 2 Ego Draconis
0%
Divinity 2 The Dragon Knight Saga
0%
Divinity Dragon Commander
0%
Dizzy
0%
Dizzy 3 and a Half Into Magicland
0%
Dizzy Down the Rapids
0%
Dizzy Panic
0%
Dizzy Prince of the Yolkfolk
0%
Dizzy The Adventurer
0%
DJ Hero
0%
DJ Hero 2
0%
DK Jungle Climber
0%
DmC Devil May Cry
0%
Doc Louis's Punch-Out
0%
Do-Do
0%
Doki Doki Literature Club Plus
0%
Doki Doki Panic
0%
Donkey Kong '94
0%
Donkey Kong Classics
0%
Do Nothing
0%
Don't Touch Anything VR
0%
Donut County
0%
Doodle Alchemy
0%
Doodle Creatures
0%
Doodle Devil
0%
Doodle Farm
0%
Doodle God
0%
Doodle God Universe
0%
Doodle Kingdom
0%
Doodle Tanks
0%
Doom 2 RPG
0%
Doom 3 BFG Edition
0%
Doom 3 Resurrection of Evil
0%
Doomed Love
0%
Doom Exodus
0%
Doom Resurrection
0%
Doom VFR
0%
Dordle
0%
DoReMi Fantasy
0%
DoReMi Fantasy Milon's DokiDoki Adventure
0%
Doritos Crash Course
0%
Do Run Run
0%
Dots
0%
DoubleDouble Dragon and Kunio Kun Retro Brawler Bundle
0%
Downtown Nekketsu Dodgeball
0%
Downtown Nekketsu Jidaigeki
0%
Downtown Nekketsu March Super Awesome Field Day
0%
Downtown Nekketsu March The Great Portable Athletic Meet
0%
Downtown Nekketsu Monogatari EX
0%
Downtown Smash Dodgeball
0%
Downtown Special Kunio Kun's Historical Period Drama
0%
D-Pad Hero
0%
Dragon Age 2
0%
Dragon Age Dreadwolf
0%
Dragon Age Inquisition
0%
Dragon Age Journeys
0%
Dragon Age Legends
0%
Dragon Age The Last Court
0%
Dragon Quest and Final Fantasy in Itadaki Street Mobile
0%
Dragon Quest and Final Fantasy in Itadaki Street Portable
0%
Dragon Quest and Final Fantasy in Itadaki Street Special
0%
Dragon Quest Heroes Rocket Slime
0%
Dragon Quest Monsters 1 and 2
0%
Dragon Rage
0%
Dragon Slayer
0%
Dragon Slayer Jr Romancia
0%
Dragon Slayer The Legend of Heroes
0%
Dragon Wang
0%
Dragon Warrior Monsters
0%
Dragon Warrior Monsters 2
0%
Draw a Stickman EPIC
0%
Draw a Stickman EPIC 2
0%
Draw a Stickman EPIC 3
0%
Drawn to Life SpongeBob SquarePants Edition
0%
Drawn to Life The Next Chapter
0%
Drawn to Life Two Realms
0%
Dream Chronicles
0%
Dream Chronicles 2 The Eternal Maze
0%
Dream Chronicles The Book of Air
0%
Dream Chronicles The Book of Water
0%
Dream Chronicles The Chosen Child
0%
DreamMix TV World Fighters
0%
Dreams
0%
DreamWorks Trolls Remix Rescue
0%
Dreamworld Pogie
0%
Dredge
0%
Dr Kawashima's Brain Training
0%
Dr Mario 64
0%
Dr Mario Express
0%
Dr Mario Online Rx
0%
Drome Racers
0%
Duck Game
0%
Duke Nukem Advance
0%
Duke Nukem Arena
0%
Duke Nukem Critical Mass
0%
Duke Nukem Mobile
0%
Duke Nukem Mobile Bikini Project
0%
Duke Nukem Time to Kill
0%
Duke Nukem Zero Hour
0%
Dumb Ways to Dash
0%
Dumb Ways to Die 2 The Games
0%
Dumb Ways to Die 3 World Tour
0%
Dumb Ways to Die 4
0%
Dumb Ways to Die Superheroes
0%
Dumb Ways to Draw
0%
Dumb Ways to Draw 2
0%
Dungeon Keeper
0%
Dungeon Keeper 2
0%
Dungeons and Dragons Dark Alliance
0%
Dying Light Bad Blood
0%
Earthworm Jim HD
0%
Earthworm Jim Menace 2 the Galaxy
0%
EA Sports Active
0%
EA Sports Active 2
0%
EA Sports College Football 25
0%
EA Sports FC Online
0%
EA Sports Madden NFL Football
0%
EA Sports Madden NFL Football Season 2
0%
EA Sports MMA
0%
EA Sports NASCAR Racing
0%
EA Sports PGA Tour
0%
EA Sports UFC
0%
EA Sports UFC 2
0%
EA Sports UFC 3
0%
EA Sports UFC 4
0%
EA Sports WRC
0%
eBaseball Powerful Pro Baseball 2022
0%
Ecco Jr
0%
Ecco Jr and the Great Ocean Treasure Hunt
0%
Ecco the Dolphin Defender of the Future
0%
Ecco The Tides of Time
0%
eFootball PES 2020
0%
Egg Inc.
0%
El Dorado Gate Volume 1
0%
El Dorado Gate Volume 2
0%
El Dorado Gate Volume 3
0%
El Dorado Gate Volume 4
0%
El Dorado Gate Volume 5
0%
El Dorado Gate Volume 6
0%
El Dorado Gate Volume 7
0%
Elektra
0%
Elevator Action
0%
Elevator Action Death Parade
0%
Elevator Action Deluxe
0%
Elevator Action EX
0%
Elevator Action Invasion
0%
Elevator Action Old and New
0%
Elevator Action Returns
0%
Elite Beat Agents
0%
Enchanted Portals
0%
Endless Ocean
0%
Endless Ocean 2 Adventures of the Deep
0%
Endless Ocean Luminous
0%
Enter the Gungeon House of the Gundead
0%
Escape Dead Island
0%
Escape from Monkey Island
0%
Escape the Ayuwoki
0%
ESPN NBA Basketball
0%
ESPN NFL 2K5
0%
ESPN NFL Football
0%
ESPN NHL 2K5
0%
ESPN NHL Hockey
0%
Estpolis Denki DX
0%
Etrian Mystery Dungeon
0%
Etrian Mystery Dungeon 2
0%
Etrian Odyssey
0%
Etrian Odyssey 2 Heroes of Lagaard
0%
Etrian Odyssey 2 Untold The Fafnir Knight
0%
Etrian Odyssey 3 The Drowned City
0%
Etrian Odyssey 4 Legends of the Titan
0%
Etrian Odyssey 5 Beyond the Myth
0%
Etrian Odyssey Nexus
0%
Etrian Odyssey Origins Collection
0%
Etrian Odyssey Untold The Millennium Girl
0%
ET's Rugby League
0%
Europa Universalis Rome
0%
Euro Truck Simulator 2
0%
Even More Bloons
0%
Everblue
0%
Everblue 2
0%
Everybody's Golf
0%
Everybody's Golf 2
0%
Everybody's Golf 3
0%
Everybody's Golf 4
0%
Everybody's Golf 5
0%
Everybody's Golf 6
0%
Everybody's Golf Portable
0%
Everybody's Golf Portable 2
0%
Everybody's Golf VR
0%
Everybody's Stress Buster
0%
Everybody's Tennis
0%
Everybody's Tennis Portable
0%
Evolve
0%
eXceed 2nd Vampire REX
0%
eXceed 3rd JADE PENETRATE
0%
eXceed Gun Bullet Children
0%
Excitebike 64
0%
Excitebike Bun Bun Mario Battle Stadium
0%
Exerion
0%
Exerion 2 Zorni
0%
Exerizer
0%
Exit 2
0%
Exit the Gungeon
0%
Exoprimal
0%
E.X. Troopers
0%
F1 2000
0%
F1 2001
0%
F1 2002
0%
F1 2009
0%
F1 2010
0%
F1 2011
0%
F1 2012
0%
F1 2013
0%
F1 2014
0%
F1 2015
0%
F1 2016
0%
F1 2017
0%
F1 2018
0%
F1 2019
0%
F1 2020
0%
F1 2021
0%
F1 22
0%
F1 23
0%
F1 24
0%
F1 25
0%
F1 Career Challenge
0%
F1 Championship Season 2000
0%
F1 Circus
0%
F1 Circus '91
0%
F1 Circus '92
0%
F1 Circus CD
0%
F1 Circus MD
0%
F1 Circus Special Pole to Win
0%
F-1 Grand Prix
0%
F-1 Grand Prix Part 2
0%
F-1 Grand Prix Part 3
0%
F1 Manager
0%
F1 Race
0%
F1 Race Stars
0%
F-1 Spirit
0%
F-1 Spirit 3D Special
0%
F-1 World Grand Prix
0%
F-1World Grand Prix 2
0%
F-1 World Grand Prix 2000
0%
Face Raiders
0%
Faces tris 3
0%
Factory Balls
0%
Factory Balls 2
0%
Factory Balls 3
0%
Factory Balls 4
0%
Factory Balls Christmas Edition
0%
Factory Balls Forever
0%
Fae Farm
0%
Fallout Pinball
0%
Fallout Shelter Online
0%
Fallout Tactics Brotherhood of Steel
0%
Famicom Grand Prix 2 3D Hot Rally
0%
Famicom Grand Prix F1 Race
0%
Family Party 30 Great Games Obstacle Arcade
0%
Family Stadium 2003
0%
Famista
0%
Famista 2
0%
Famista 3
0%
Famista 4
0%
Famista 64
0%
Famista '89
0%
Famista '90
0%
Famista '91
0%
Famista '92
0%
Famista '93
0%
Famista '94
0%
Famista Advance
0%
Famista Dream Match
0%
Famista Wireless
0%
Fancy Pants Adventure World 1
0%
Fancy Pants Adventure World 1 Remix
0%
Fancy Pants Adventure World 2
0%
Fancy Pants Adventure World 3
0%
Fantastic Dizzy
0%
Fantastic Four
0%
Fantastic Four Flame On
0%
Fantastic Four Rise of the Silver Surfer
0%
Fantasy World Dizzy
0%
Far Cry Instincts
0%
Far Cry Instincts Evolution
0%
Far Cry Instincts Predator
0%
Far Cry Vengeance
0%
Farm Heroes Saga
0%
Farm Heroes Super Saga
0%
Farming Simulator 16 Bit Edition
0%
Farming Simulator 2008
0%
Farming Simulator 2009
0%
Farming Simulator 2011
0%
Farming Simulator 2013
0%
FarmVille
0%
FarmVille 2
0%
FarmVille 2 Country Escape
0%
FarmVille 3
0%
Fast Food
0%
Fatal Frame 3 The Tormented
0%
Fatal Frame Maiden of Black Water
0%
Fatal Frame Mask of the Lunar Eclipse
0%
Fatal Fury 2
0%
Fatal Fury 3 Road to the Final Victory
0%
Fatal Fury City of the Wolves
0%
Fatal Fury First Contact
0%
Fatal Fury King of Fighters
0%
Fatal Fury Special
0%
Fatal Fury Wild Ambition
0%
Fat Princess Adventures
0%
Fat Princess Piece of Cake
0%
Fear Assessment
0%
F.E.A.R. Extraction Point
0%
F.E.A.R. Online
0%
F.E.A.R. Perseus Mandate
0%
Fears to Fathom
0%
Feeding Frenzy
0%
Feeding Frenzy 2
0%
Fieldrunners
0%
Fieldrunners 2
0%
Fieldrunners 2 For Ipad
0%
Fieldrunners Attack
0%
Fieldrunners For Ipad
0%
FIFA 2000
0%
FIFA 2001
0%
FIFA Football 2002
0%
FIFA Football 2004
0%
FIFA Football 2005
0%
FIFA International Soccer
0%
FIFA Manager 06
0%
FIFA Manager 07
0%
FIFA Manager 08
0%
FIFA Manager 09
0%
FIFA Manager 10
0%
FIFA Manager 11
0%
FIFA Manager 12
0%
FIFA Manager 13
0%
FIFA Manager 14
0%
FIFA Mobile
0%
FIFA Road to World Cup 98
0%
FIFA Soccer 95
0%
FIFA Soccer 96
0%
FIFA Soccer Manager
0%
FIFA Street
0%
FIFA Street 2
0%
FIFA Street 3
0%
FIFA World
0%
FIFA World Cup 98
0%
Fighters Megamix
0%
Fighting for One Piece
0%
Fighting Vipers
0%
Fighting Vipers 2
0%
Fight Night 2004
0%
Fight Night Champion
0%
Fight Night Round 2
0%
Fight Night Round 3
0%
Fight Night Round 4
0%
Final Fantasy 12 Revenant Wings
0%
Final Fantasy 4 The After Years
0%
Final Fantasy Adventure
0%
Final Fantasy Agito
0%
Final Fantasy Airborne Brigade
0%
Final Fantasy All the Bravest
0%
Final Fantasy Artniks
0%
Final Fantasy Artniks Dive
0%
Final Fantasy Awakening
0%
Final Fantasy Brave Exvius
0%
Final Fantasy Brave Exvius Tap
0%
Final Fantasy Crystal Chronicles Echoes of Time
0%
Final Fantasy Crystal Chronicles My Life as a Darklord
0%
Final Fantasy Crystal Chronicles My Life as a King
0%
Final Fantasy Crystal Chronicles Ring of Fates
0%
Final Fantasy Crystal Chronicles The Crystal Bearers
0%
Final Fantasy Digital Card Game
0%
Final Fantasy Dimensions
0%
Final Fantasy Dimensions 2
0%
Final Fantasy Explorers
0%
Final Fantasy Explorers-Force
0%
Final Fantasy Fables Chocobo's Dungeon
0%
Final Fantasy Fables Chocobo Tales
0%
Final Fantasy Grandmasters
0%
Final Fantasy Portal App
0%
Final Fantasy Record Keeper
0%
Final Fantasy Tactics A2 Grimoire of the Rift
0%
Final Fantasy Tactics S
0%
Final Fantasy Tactics The War of the Lions
0%
Final Fantasy The 4 Heroes of Light
0%
Final Fantasy Type-0
0%
Final Fantasy Unlimited on PC
0%
Final Fantasy Unlimited with U
0%
Final Fantasy World Wide Words
0%
Final Fantasy X-2 Last Mission
0%
Final Whistle
0%
finity
0%
Fireboy and Watergirl 2 Light Temple
0%
Fireboy and Watergirl 3 Ice Temple
0%
Fireboy and Watergirl 4 Crystal Temple
0%
Fireboy and Watergirl 5 Elements
0%
Fireboy and Watergirl 6 Fairy Tales
0%
Fireboy and Watergirl in the Forest Temple
0%
Fire Emblem Echoes Shadows of Valentia
0%
Fire Emblem Gaiden
0%
Fire Emblem Genealogy of the Holy War
0%
Fire Emblem Heroes
0%
Fire Emblem Mystery of the Emblem
0%
Fire Emblem New Mystery of the Emblem
0%
Fire Emblem Shadow Dragon and the Blade of Light
0%
Fire Emblem Shadow Dragoon
0%
Fire Emblem The Binding Blade
0%
Fire Emblem The Blazing Blade
0%
Fire Emblem The Sacred Stones
0%
Fire Emblem Thracia 776
0%
Fire Emblem Warriors Three Hopes
0%
Fist of the North Star Lost Paradise
0%
Five Nights at Freddy's Into the Pit
0%
Flaggle
0%
Flash Element TD
0%
Flight Simulator
0%
Flight Simulator 1.0
0%
Flight Simulator 2.0
0%
Flight Simulator 2000
0%
Flight Simulator 2002
0%
Flight Simulator 2004 A Century of Flight
0%
Flight Simulator 2024
0%
Flight Simulator 3.0
0%
Flight Simulator 4.0
0%
Flight Simulator 5.0
0%
Flight Simulator 5.1
0%
Flight Simulator 98
0%
Flight Simulator for Windows 95
0%
Flight Simulator X
0%
Flight Simulator X Steam Edition
0%
Flowers Le Quatre Saisons
0%
Flowers Le Volume sur Automne
0%
Flowers Le Volume sur Ete
0%
Flowers Le Volume sur Hiver
0%
Flowers Le Volume sur Printemps
0%
Flying Gorilla
0%
Food Truck Simulator
0%
Football Manager Live
0%
Football Manager Mobile
0%
Football Manager Online
0%
Football Mania
0%
For Honor
0%
Formula Circus
0%
Fortress
0%
Forza Customs
0%
Forza Street
0%
Freddy in Space 3 Chica in Space
0%
Free Realms
0%
Freez'Bees
0%
Frequency
0%
Freshly-Picked Tingle's Rosy Rupeeland
0%
Friday the 13th Killer Puzzle
0%
Friday the 13th The Computer Game
0%
Friday the 13th The Game
0%
Frogger 25th Anniversary
0%
Frogger 3D
0%
Frogger Advance The Great Quest
0%
Frogger Ancient Shadow
0%
Frogger and the Rumbling Ruins
0%
Frogger Beats n' Bounces
0%
Frogger Beyond
0%
Frogger Decades
0%
Frogger Evolution
0%
Frogger Free
0%
Frogger Get Hoppin'
0%
Frogger Great City Wilds
0%
Frogger Helmet Chaos
0%
Frogger He's Back
0%
Frogger Hop Skip and Jumpin' Fun
0%
Frogger Hop Trivia
0%
Frogger Hyper Arcade Edition
0%
Frogger Inferno
0%
Frogger in Toy Town
0%
Frogger Launch
0%
Frogger Pinball
0%
Frogger Puzzle
0%
Frogger Returns
0%
Frogger's Adventures 2 The Lost Wand
0%
Frogger's Adventures Temple of the Frog
0%
Frogger's Adventures The Rescue
0%
Frogger's Crackout
0%
Frogger's Journey The Forgotten Relic
0%
Frogger The Great Quest
0%
Frogger Universal Treasure
0%
Frogger Woodland Wilds
0%
Frostpunk
0%
Frostpunk 2
0%
Fruit Ninja Classic
0%
Fruit Ninja Puss in Boots
0%
Fruit Ninja VR
0%
Fruit Ninja VR 2
0%
Full Screen Mario
0%
Furi
0%
Future Cop LAPD
0%
Future Spy
0%
F-Zero AX
0%
F-Zero Climax
0%
F-Zero GP Legend
0%
F-Zero Maximum Velocity
0%
F-Zero X
0%
Galaga 30th Collection
0%
Galaga '88
0%
Galaga and Galaxian
0%
Galaga Arrangement
0%
Galaga Destination Earth
0%
Galaga Kai
0%
Galaga Legions
0%
Galaga Legions DX
0%
Galaga Remix
0%
Galaga Special Edition
0%
Galaga Wars
0%
Galaxian 2
0%
Galaxian3 Project Dragoon
0%
Galaxian Fever
0%
Galaxian Heroes
0%
Galaxian Mini
0%
Gal Guardians Demon Purge
0%
Gal Gun
0%
Gal Gun 2
0%
Gal Gun Double Peace
0%
Gal Gun Returns
0%
Gal Gunvolt
0%
Gal Gun VR
0%
Galidor Defenders of the Outer Dimension
0%
Game and Wario
0%
Game and Watch Super Mario
0%
Game and Watch: The Legend of Zelda
0%
Game and Watch: Zelda
0%
Game Party
0%
Game Party Champions
0%
Game Party In Motion
0%
Gaplus
0%
Gardening Mama
0%
Gardening Mama 2 Forest Friends
0%
Gardenscapes New Acres
0%
Garou Mark of the Wolves
0%
Garten of Banban 2
0%
Garten of Banban 3
0%
Garten of Banban 4
0%
GB Genjin Land Viva Chikkun Kingdom
0%
Gears 5 Game of the Year Edition
0%
Gears of War Ultimate Edition
0%
Gears Pop
0%
Gear Stadium
0%
Gear Stadium Heiseiban
0%
Genjin Collection
0%
Geometry Blaster
0%
Geometry Dash World
0%
Geometry Wars
0%
Geometry Wars 3 Dimensions
0%
Geometry Wars 3 Dimensions Evolved
0%
Geometry Wars Galaxies
0%
Geometry Wars Retro Evolved
0%
Geometry Wars Retro Evolved 2
0%
Geometry Wars Touch
0%
Geometry Wars Waves
0%
German Truck Simulator
0%
Get Hi
0%
Gex 3 Deep Cover Gecko
0%
Gex Enter the Gecko
0%
Ghost Rider
0%
Ghoul Panic Oh Bakyun
0%
Gimkit
0%
Gin Rummy Classic
0%
Goal
0%
Goat Simulator Pocket Edition
0%
God Eater
0%
God Eater 2
0%
God Eater 3
0%
God Eater Mobile
0%
God Eater Online
0%
God Eater Resonant Ops
0%
God Eater Resurrection
0%
Go Dizzy Go
0%
God of War 3 Remastered
0%
God of War A Call From the Wilds
0%
God of War Betrayal
0%
God of War Collection
0%
God of War Origins Collection
0%
God of War Saga
0%
Gods Eater Burst
0%
Go Go Nekketsu Hockey Club slip and Slide Madness
0%
GO! GO! Pogo Cat
0%
GoldenEye Rogue Agent
0%
Golden Sun Dark Dawn
0%
Golly Ghost
0%
Golly Ghosts Goal
0%
Good Friend Chao
0%
Goofy Ahh Game
0%
Google Dinosaur Game
0%
Google Feud
0%
Gorf
0%
Gothic
0%
Gothic 2
0%
Gothic 3
0%
Gothic 3 Forsaken Gods
0%
GP-1
0%
GP 500
0%
Gradius
0%
Gradius 2
0%
Gradius 3
0%
Gradius 4
0%
Gradius 5
0%
Gradius Advance
0%
Gradius ARC
0%
Gradius Collection
0%
Gradius Gaiden
0%
Gradius NEO
0%
Gradius ReBirth
0%
Gradius The Interstellar Assault
0%
Gradius the Slot
0%
Grand Prix 500 2
0%
Grand Prix 500cc
0%
Grand Slam Tennis
0%
Grand Slam Tennis 2
0%
Granny 3
0%
Granny Chapter Two
0%
Gran Turismo 4 Prologue
0%
Gran Turismo 5 Prologue
0%
Gran Turismo Concept
0%
Gran Turismo HD Concept
0%
Gran Turismo Sport
0%
Great Sluggers '94
0%
Great Sluggers New World Stadium
0%
Green Day Rock Band
0%
Grid
0%
Grid 2
0%
Grid Autosport
0%
Gridiron Fight
0%
Grid Legends
0%
Gris
0%
Grobda
0%
Grounded
0%
GTA Vice City Stories
0%
Guacamelee
0%
Guardians of the Galaxy The Telltale Series
0%
Guardians of the Galaxy The Universal Weapon
0%
Guild Wars
0%
Guild Wars 2
0%
Guild Wars 2 Living World Season 1
0%
Guild Wars 2 Living World Season 2
0%
Guild Wars 2 Living World Season 3
0%
Guild Wars 2 Living World Season 4
0%
Guild Wars Factions
0%
Guild Wars Nightfall
0%
Guild Wars Prophecies
0%
Guilty Gear 2 Overture
0%
Guilty Gear Dust Strikers
0%
Guilty Gear Isuka
0%
Guilty Gear Judgment
0%
Guilty Gear Petit
0%
Guilty Gear Petit 2
0%
Guilty Gear X
0%
Guilty Gear X2
0%
Guilty Gear X2 Reload
0%
Guilty Gear X Plus
0%
Guilty Gear Xrd REV 2
0%
Guilty Gear Xrd -REVELATOR-
0%
Guilty Gear Xrd -SIGN-
0%
Guilty Gear X Ver 1-5
0%
Guilty Gear XX Accent Core
0%
Guilty Gear XX Accent Core Plus
0%
Guilty Gear XX Accent Core Plus R
0%
Guilty Gear XX Slash
0%
Guitar Hero Aerosmith
0%
Guitar Hero Encore Rock the 80s
0%
Guitar Hero Metallica
0%
Guitar Hero On Tour Decades
0%
Guitar Hero Smash Hits
0%
Guitar Hero Van Halen
0%
Guitar Hero Warriors of Rock
0%
Gunbird
0%
Gunbird 2
0%
Gunbird Special Edition
0%
Gunvolt Chronicles Luminous Avenger iX
0%
Gunvolt Chronicles Luminous Avenger iX 2
0%
Guppy Guard Express
0%
Gwent The Witcher Card Game
0%
GYLT
0%
Gyromite
0%
hack
0%
hack G.U.
0%
hack Link
0%
hack Versus
0%
Halls of Torment
0%
Halo Firearm Raven
0%
Halo Spartan Strike
0%
Halo Wars 2 Awakening The Nightmare
0%
Hammerin' Harry
0%
Hammerin' Harry Ghost Building Company
0%
Hammerin' Harry Robot Empire
0%
Hammerin' Hero
0%
Hamsterz Life
0%
Hard Corps Uprising
0%
Harry Potter and the Chamber of Secrets
0%
Harry Potter and the Deathly Hallows Part 1
0%
Harry Potter and the Deathly Hallows Part 2
0%
Harry Potter and the Goblet of Fire
0%
Harry Potter and the Half-Blood Prince
0%
Harry Potter and the Order of the Phoenix
0%
Harry Potter and the Philosopher's Stone
0%
Harry Potter and the Prisoner of Azkaban
0%
Harry Potter Find Scabbers
0%
Harry Potter for Kinect
0%
Harry Potter Hogwarts Mystery
0%
Harry Potter Magic Awakened
0%
Harry Potter Mastering Magic
0%
Harry Potter Puzzles and Spells
0%
Harry Potter Quidditch World Cup
0%
Harry Potter Wizards Unite
0%
Hasbro Family Fun Pack
0%
Hasbro Family Game Night
0%
Hasbro Family Game Night 2
0%
Hasbro Family Game Night 3
0%
Hasbro Family Game Night 4 The Game Show
0%
Hasbro Game Night
0%
Hatris
0%
Hatsune Miku and Future Stars Project Mirai
0%
Hatsune Miku Project DIVA
0%
Hatsune Miku Project DIVA 2nd
0%
Hatsune Miku Project DIVA Arcade
0%
Hatsune Miku Project DIVA Arcade Future Tone
0%
Hatsune Miku Project DIVA Extend
0%
Hatsune Miku Project DIVA F
0%
Hatsune Miku Project DIVA F 2nd
0%
Hatsune Miku Project DIVA Future Tone
0%
Hatsune Miku Project DIVA Future Tone DX
0%
Hatsune Miku Project DIVA Mega Mix
0%
Hatsune Miku Project DIVA X
0%
Hatsune Miku Project Mirai 2
0%
Hatsune Miku Project Mirai DX
0%
Hatsune Miku VR Future Live
0%
Haunted Castle
0%
Hay Day Pop
0%
Heads Off
0%
Heavenly Guardian
0%
Heavenstrike Rivals
0%
Hello Kitty Island Adventure
0%
Hello Neighbor Nicky's Diaries
0%
Hello Neighbor VR Search and Rescue
0%
Hello Puppets
0%
Hello Puppets Midnight Show
0%
Hello Puppets VR
0%
Heretic
0%
Heroes Chronicles Clash of the Dragons
0%
Heroes Chronicles Conquest of the Underworld
0%
Heroes Chronicles Masters of the Elements
0%
Heroes Chronicles Revolt of the Beastmasters
0%
Heroes Chronicles The Fiery Moon
0%
Heroes Chronicles The Final Chapters
0%
Heroes Chronicles The Sword of Frost
0%
Heroes Chronicles The World Tree
0%
Heroes Chronicles Warlords of the Wastelands
0%
Heroes of Dragon Age
0%
Heroes of Might and Magic
0%
Heroes of Might and Magic 2
0%
Heroes of Might and Magic 3
0%
Heroes of Might and Magic 4
0%
Heroes of Might and Magic 5
0%
Heroes of Might and Magic 6
0%
Heroes of Might and Magic 7
0%
Heroes of Might and Magic Mini
0%
Heroes of Might and Magic Online
0%
Heroes of Might and Magic Quest for the Dragon Bone Staff
0%
HEROish
0%
Herzog
0%
Herzog Zwei
0%
Hidden Folks
0%
Higher Lower
0%
Hill Climb Racing
0%
Hi-Ten Bomberman
0%
Hi-Ten Chara Bomb
0%
Hitman 2 Silent Assassin
0%
Hitman Codename 47
0%
Hitman Contracts
0%
Hitman Go
0%
Hitman HD Enhanced Collection
0%
Hitman HD Trilogy
0%
Hitman Sniper
0%
Hitman Sniper The Shadows
0%
Hitman Trilogy
0%
Hoa
0%
Holeio
0%
HoloCure Save the Fans
0%
Homescapes
0%
Hopper
0%
Horsez
0%
Horsez 2
0%
Hot Air Bloon
0%
Hotel Mario
0%
Hotline Miami 2 Wrong Number
0%
House Flipper VR
0%
Howard the Duck
0%
Human Fall Flat 2
0%
Hungry Shark Evolution
0%
Huntdown
0%
HyperBlade
0%
Hyperdevotion Noire Goddess Black Heart
0%
Hyperdimension Neptunia
0%
Hyperdimension Neptunia mk2
0%
Hyperdimension Neptunia Producing Perfection
0%
Hyperdimension Neptunia ReBirth 1
0%
Hyperdimension Neptunia ReBirth 1 Plus
0%
Hyperdimension Neptunia ReBirth 2 Sisters Generation
0%
Hyperdimension Neptunia ReBirth 3 V Generation
0%
Hyperdimension Neptunia U Action Unleashed
0%
Hyperdimension Neptunia Victory
0%
Hyper Light Breaker
0%
Hyper Olympics in Nagano
0%
Hyper Sports
0%
Hyper Sports 2002 Winter
0%
Hyper Sports Track and Field
0%
Hyper Sports Winter
0%
Hyper Street Fighter 2 The Anniversary Edition
0%
Hyrule Warriors: Definitive Edition
0%
Hyrule Warriors: Legends
0%
I Am a Teacher Super Mario Sweater
0%
I Am Bean
0%
I Am Bread
0%
I Am Fish
0%
ICC Cricket World Cup England 99
0%
Ice Scream 4 Rod's Factory
0%
Ice Scream 5 Friends Mike
0%
Ice Scream 6 Friends Charlie
0%
Ice Scream 7 Friends Lis
0%
Ice Scream 8 Final Chapter
0%
Ice Scream Tycoon
0%
Ice Scream United Multiplayer
0%
Idle Human
0%
I Expect You To Die 2 The Spy and the Lair
0%
I Expect You To Die 3 Cog in the Machine
0%
I Hate Running Backwards
0%
ilomilo
0%
I Love Katamari
0%
Image Fight
0%
Image Fight 2 Operation Deepstriker
0%
Inazuma Eleven
0%
Inazuma Eleven 2
0%
Inazuma Eleven 3
0%
Inazuma Eleven Dash
0%
Inazuma Eleven Everyday
0%
Inazuma Eleven GO
0%
Inazuma Eleven GO 2 Chrono Stone
0%
Inazuma Eleven GO Galaxy
0%
Inazuma Eleven GO Strikers 2013
0%
Inazuma Eleven Online
0%
Inazuma Eleven SD
0%
Inazuma Eleven Strikers
0%
Inazuma Eleven Strikers 2012 Xtreme
0%
Inazuma Eleven Victory Road
0%
Incredibox
0%
Inside
0%
International Match Day
0%
International Track and Field
0%
International Track and Field 2000
0%
Intrepid Izzy
0%
Invizimals
0%
Invizimals Battle of the Hunters
0%
Invizimals Hidden Challenges
0%
Invizimals New Alliance
0%
Invizimals Revolution
0%
Invizimals Shadow Zone
0%
Invizimals The Alliance
0%
Invizimals The Lost Kingdom
0%
Invizimals The Lost Tribes
0%
Invizimals The Resistance
0%
Invizimals TV Tracker
0%
I.Q. Intelligent Qube
0%
Iron Man 3 The Official Game
0%
Iron Man and X-O Manowar in Heavy Metal
0%
Iron Man VR
0%
Iru and Luca's Marvelous Mysterious Key
0%
Isekai Slow Life
0%
Island Xtreme Stunts
0%
Itadaki Street
0%
Itadaki Street 2
0%
Itadaki Street 3
0%
Itadaki Street Dragon Quest and Final Fantasy 30th Anniversary
0%
Itadaki Street DS
0%
Itadaki Street for Smartphone
0%
Itadaki Street Gorgeous King
0%
Itadaki Street Mobile
0%
Itadaki Street Wii
0%
Itchy and Scratchy in Miniature Golf Madness
0%
Itchy and Scratchy Land
0%
It's Kunio's Dodgeball Assemble Everyone
0%
I Was a Teenage Exocolonist
0%
Jack-In-A-Castle
0%
Jacksmith
0%
Jagged Alliance
0%
Jagged Alliance 2
0%
Jagged Alliance 3
0%
Jagged Alliance Back in Action
0%
Jagged Alliance Deadly Games
0%
Jagged Alliance DS
0%
Jagged Alliance Flashback
0%
Jagged Alliance Online
0%
Jagged Alliance Online Reloaded
0%
Jagged Alliance Rage
0%
Jak and Daxter Bundle
0%
Jak and Daxter Collection
0%
Jak and Daxter The Lost Frontier
0%
Jak X Combat Racing
0%
James Bond 007 Agent Under Fire
0%
James Bond 007 Blood Stone
0%
James Bond 007 Everything or Nothing
0%
James Bond 007 From Russia with Love
0%
James Bond 007 Nightfire
0%
James Bond 007 The Duel
0%
James Bond Jr
0%
James Bond Live and Let Die
0%
James Bond The Spy Who Loved Me
0%
Jammer Splash
0%
Japanese Rural Life Adventure
0%
Jazz Jackrabbit
0%
Jazz Jackrabbit 2
0%
Jelly Boy
0%
JellyCar
0%
JellyCar 2
0%
JellyCar 3
0%
Jelly Mario
0%
Jelly Truck
0%
Jeopardy World Tour
0%
Jet Grind Radio
0%
Jetpack Joyride 2
0%
Jetpac Refuelled
0%
Jigty Jelly
0%
Jigty Jigsaw Puzzles
0%
Jikkyo Powerful Major League
0%
Jikkyo Powerful Major League 2
0%
Job Simulator
0%
Joe and Mac
0%
John Madden Duo CD Football
0%
John Madden Football 2
0%
John Madden Football '92
0%
John Madden Football '93
0%
Joker 2
0%
Joker 3
0%
JR East Train Simulator
0%
Jr Pac Man
0%
Judgement
0%
Juiced
0%
Juiced 2 Hot Import Nights
0%
Juiced Eliminator
0%
Jungle Rumble Freedom Happiness and Bananas
0%
Jungle Strike
0%
Junkbot
0%
Junkworld TD
0%
Just Dance 2023 Edition
0%
Just Dance 2024 Edition
0%
Just Dance Best of
0%
Just Dance Disney Party
0%
Just Dance Disney Party 2
0%
Just Dance Kids
0%
Just Dance Kids 2
0%
Just Dance Kids 2014
0%
Just Dance Summer Party
0%
Just Dance Wii
0%
Just Dance Wii 2
0%
Just Dance Wii U
0%
Just Draw
0%
Justice League Chronicles
0%
Justice League Cosmic Chaos
0%
Justice League Heroes
0%
Justice League Heroes The Flash
0%
Justice League Heroes United
0%
Justice League Injustice for All
0%
Justice League Task Force
0%
Just Shapes and Beats
0%
Just War Trains
0%
Kaboom
0%
Kaizo Mario World
0%
Kane and Lynch 2 Dog Days
0%
Kane and Lynch Dead Men
0%
Kao Challengers
0%
Kao the Kangaroo Mystery of the Volcano
0%
Kao the Kangaroo Round 2
0%
Kao the Kangaroo Trilogy
0%
Katamari Amore
0%
Katamari Damacy Mobile
0%
Katamari Damacy Reroll
0%
Katamari Forever
0%
Kellogg's Marvel's Civil War VR
0%
Kellogg's The Amazing Spider-Man 2
0%
Kevin SHeedy's AFL Coach 2002
0%
Keyboardmania
0%
Keyboardmania 2ndMIX
0%
Keyboardmania 3rdMIX
0%
Keyboard Sports Saving QWERTY
0%
Kick Off
0%
Kick Off 2
0%
Kick Off 2002
0%
Kick Off 2 1MB
0%
Kick Off 3
0%
Kick Off 96
0%
Kick Off 97
0%
Kick Off 98
0%
Kick Off Revival
0%
Kick Off World
0%
Kid Dracula
0%
Kid Icarus of Myths and Monsters
0%
Kid Niki Radical Ninja
0%
Kiki Kaikai
0%
Kiki Kaikai Dotouhen
0%
Kiki Kaikai The Bizarre World
0%
Killer Gorilla
0%
Kill It With Fire
0%
Kill It With Fire 2
0%
Kill It With Fire VR
0%
Kindergarten
0%
Kindergarten 2
0%
Kinect Sports Rivals
0%
Kinect Sports Season Two
0%
Kingdom Hearts 358/2 Days
0%
Kingdom Hearts 3D Dream Drop Distance
0%
Kingdom Hearts Chain of Memories
0%
Kingdom Hearts Coded
0%
Kingdom Hearts HD 1.5 Remix
0%
Kingdom Hearts HD 2.5 Remix
0%
Kingdom Hearts HD 2.8 Final Chapter Prologue
0%
Kingdom Hearts Mobile
0%
Kingdom Hearts X
0%
Kingdoms Merge and Build
0%
King's Bounty
0%
Kirby Battle Royal
0%
Kirby Fighters 2
0%
Kirby of the Stars Magical Tower of Medal Land
0%
Kirby's Block Ball
0%
Kirby's Blowout Blast
0%
Kirby's Dream Buffet
0%
Kirby's Extra Epic Yarn
0%
Kirby's Gourmet Race
0%
Kirby Slide
0%
Kirby's Return to Dream Land Deluxe
0%
Kirby's Star Stacker
0%
Kirby's Toy Box
0%
Kirigiri Sou
0%
Kitty Q
0%
Knight Boy
0%
Knighthood - Epic RPG Knights
0%
Knights of the Temple Infernal Crusade
0%
Knockout Kings 2000
0%
Knockout Kings 2001
0%
Knockout Kings 2002
0%
Knockout Kings 2003
0%
Knockout Kings 99
0%
Konami '88
0%
Konami GT
0%
Konami Sports Series
0%
Konami Suzume TwinBee Taisen-ban
0%
Korogashi Puzzle Katamari Damacy
0%
Krusty's Fun House
0%
Kung Fu Kid
0%
Kung-Fu Master
0%
Kung-Fu Master 2
0%
Kunio Kun Bangai Ranto Hen
0%
Kunio Kun Nekketsu Collection 1
0%
Kunio Kun Nekketsu Collection 2
0%
Kunio Kun Nekketsu Collection 3
0%
Kunio Kun Nekketsu Complete Famicom Hen
0%
Kunio Kun no Nekketsu Street
0%
Kunio Kun Renegade
0%
Kunio Kun's Nekketsu Soccer League
0%
Kunio no Oden
0%
Kurt Warner's Arena Football Unleashed
0%
Kuru Kuru Kururin
0%
Kururin Paradise
0%
Kururin Squash
0%
Kwik Snax
0%
Lara Croft and the Guardian of Light
0%
Lara Croft and the Temple of Osiris
0%
Lara Croft Go
0%
Lara Croft Reflections
0%
Lara Croft Relic Run
0%
Layton Brothers Mystery Room
0%
Layton's Mystery Journey Katrielle and the Millionaire's Conspiracy
0%
Legacy of the Wizard
0%
Legaia 2 Duel Saga
0%
Legend of Legaia
0%
Legend of Slime
0%
Legend of Solgard
0%
Legends of Might and Magic
0%
LEGO 2K Drive
0%
LEGO Alpha Team
0%
LEGO Batman 2 DC Super Heroes
0%
Lego Batman The Mobile Game
0%
LEGO Battles
0%
LEGO Battles Ninjago
0%
LEGO Bionicle Quest for the Toa
0%
LEGO Brawls
0%
LEGO Brick Breaker
0%
LEGO Bricks
0%
LEGO Bricktales
0%
LEGO Bricktopia
0%
LEGO Builder Bots
0%
LEGO Builder's Journey
0%
LEGO Chess
0%
LEGO Chic Boutique
0%
LEGO City My City
0%
LEGO City Team Up
0%
LEGO City Undercover The Chase Begins
0%
LEGO Creator
0%
LEGO Creator Harry Potter
0%
LEGO Creator Knights' Kingdom
0%
LEGO Cube
0%
LEGO Duplo Minispiele 2
0%
LEGO Duplo Zoo
0%
LEGO Escape
0%
LEGO Fever
0%
LEGO Friends
0%
LEGO Friends Dress Up
0%
LEGO Fun to Build
0%
LEGO Galaxy Squad Bug Battle
0%
LEGO Harry Potter Collection
0%
LEGO Hero Factory Brain Attack
0%
Lego Hill Climb Adventures
0%
Lego Horizon Adventures
0%
LEGO Indiana Jones The Original Adventures
0%
LEGO Juniors Create and Cruise
0%
LEGO Knights' Kingdom
0%
LEGOland
0%
LEGO Legacy Heroes Unboxed
0%
LEGO Legends of Chima Laval's Journey
0%
LEGO Legends of Chima Online
0%
LEGO Legends of Chima Speedorz
0%
LEGO Legends of Chima Tribe Fighters
0%
LEGO Loco
0%
LEGO Marvel Collection
0%
LEGO Marvel's Avengers
0%
LEGO Marvel Super Heroes Universe in Peril
0%
LEGO Minifigures Online
0%
LEGO Monster Fighters Race
0%
LEGO My Style Kindergarten
0%
LEGO My Style Preschool
0%
LEGO Nexo Knights Merlok 2.0
0%
LEGO Ninjago Nindroids
0%
Lego Ninjago Rebooted
0%
Lego Ninjago Ride Ninja
0%
LEGO Ninjago Rise of the Snakes
0%
LEGO Ninjago Shadow of Ronin
0%
Lego Ninjago Skybound
0%
Lego Ninjago Spinjitzu Scavenger Hunt
0%
Lego Ninjago The Final Battle
0%
Lego Ninjago Tournament
0%
Lego Ninjago Wu-Cru
0%
LEGO Pirates of the Caribbean
0%
LEGO Racers
0%
LEGO Racers 2
0%
LEGO Rock Band
0%
LEGO Rock Raiders
0%
LEGO Star Wars Battles
0%
LEGO Star Wars Castaways
0%
LEGO Star Wars Microfighters
0%
LEGO Stunt Rally
0%
LEGO The Lord of the Rings
0%
LEGO Tower
0%
LEGO Universe
0%
LEGO Worldbuilder
0%
LEGO World Soccer
0%
Leisure Suit Larry
0%
Lemmings
0%
Lemmings Touch
0%
Letter2
0%
Letter Boxed
0%
Life Is Strange Remastered Collection
0%
Lifeline
0%
Life of George
0%
Like a Dragon Ishin
0%
Limbo
0%
Lineage
0%
Lineage 2
0%
Lineage 2 Blood League
0%
Lineage 2 M
0%
Lineage 2 Revolution
0%
Lineage M
0%
Lineage Red Knights
0%
Lineage W
0%
Line GoGo TwinBee
0%
LINE Puzzle de Inazuma Eleven
0%
Link: The Faces of Evil
0%
Lips
0%
LittleBigPlanet PS Vita
0%
Little Kitty Big City
0%
Little League Baseball Championship Series
0%
LMA Manager
0%
LMA Manager 2001
0%
LMA Manager 2002
0%
LMA Manager 2003
0%
LMA Manager 2004
0%
LMA Manager 2005
0%
LMA Manager 2006
0%
LMA Manager 2007
0%
LMA Manager 2008
0%
LMA Professional Manager 2005
0%
Logical Journey of the Zoombinis
0%
Lone Echo
0%
Lone Echo 2
0%
Loop Hero
0%
Lord Monarch
0%
Lorelei and the Laser Eyes
0%
Lost Judgement
0%
Lost Planet 2
0%
Lost Planet 3
0%
Lost Planet Extreme Condition
0%
Lost Planet Extreme Condition Colonies Edition
0%
Lotus 3 The Ultimate Challenge
0%
Lotus Esprit Turbo Challenge
0%
Lotus Turbo Challenge 2
0%
LovePlus
0%
LovePlus i
0%
Lucky's Tale
0%
Lufia 2 Rise of the Sinistrals
0%
Lufia and the Fortress of Doom
0%
Lufia Curse of the Sinistrals
0%
Lufia The Legend Returns
0%
Lufia The Ruins of Lore
0%
Luigi's Hammer Toss
0%
Lunar Jetman
0%
Lunch Lady
0%
Luxor
0%
Luxor 2
0%
Luxor 3
0%
Luxor 5th Passage
0%
Luxor Adventures
0%
Luxor Amun Rising
0%
Luxor Evolved
0%
Luxor Mahjong
0%
Luxor Quest for the Afterlife
0%
Madagascar
0%
Madagascar Escape 2 Africa
0%
Madagascar Kartz
0%
Madagascar Operation Penguin
0%
Madden NFL 2000
0%
Madden NFL 2001
0%
Madden NFL 2002
0%
Madden NFL 2003
0%
Madden NFL 2004
0%
Madden NFL 2005
0%
Madden NFL 64
0%
Madden NFL '94
0%
Madden NFL '95
0%
Madden NFL '96
0%
Madden NFL 97
0%
Madden NFL 98
0%
Madden NFL 99
0%
Madden NFL Football
0%
Madden NFL Mobile
0%
Mafia 2 Definitive Edition
0%
Mafia 2 Mobile
0%
Mafia 3 Rivals
0%
Magicland Dizzy
0%
Mahjong Saga
0%
Manchester United Manager 2005
0%
Manor Lords
0%
Manual Samuel
0%
Mappy
0%
Mappy-Land
0%
Mari0
0%
Marine Park Empire
0%
Mario and Luigi Bowser's Inside Story Jr.'s journey
0%
Mario and Rabbids
0%
Mario and Rabbids Sparks of Hope
0%
Mario and Wario
0%
Mario Bros Special
0%
Mario Clash
0%
Mario Excitebike
0%
Mario Golf GB
0%
Mario Kart Arcade GP
0%
Mario Kart Arcade GP 2
0%
Mario Kart Arcade GP DX
0%
Mario Kart Live Home Circuit
0%
Mario no Photopi
0%
Mario Party Star Rush
0%
Mario Pinball Land
0%
Mario Power Tennis
0%
Mario's Bombs Away
0%
Mario's Cement Factory
0%
Mario's Early Years Fun with Letters
0%
Mario's Early Years Fun with Numbers
0%
Mario's Early Years Preschool Fun
0%
Mario's Game Gallery
0%
Mario's Picross
0%
Mario's Picross 2
0%
Mario Sports Mix
0%
Mario's Super Picross
0%
Mario Teaches Typing
0%
Mario Teaches Typing 2
0%
Mario Tennis Open
0%
Mario vs Donkey Kong Mini-Land Mayhem
0%
Marvel 1943 Rise of Hydra
0%
Marvel Avengers Academy
0%
Marvel Avengers Alliance
0%
Marvel Avengers Battle for Earth
0%
Marvel Battle Lines
0%
Marvel Disk Wars The Avengers Ultimate Heroes
0%
Marvel Duel
0%
Marvel End Time Arena
0%
Marvel Future Fight
0%
Marvel Future Revolution
0%
Marvel Heroes Omega
0%
Marvel Nemesis Rise of the Imperfects
0%
Marvel Pinball
0%
Marvel Powers United VR
0%
Marvel Realm of Champions
0%
Marvel's Blade
0%
Marvel Super Heroes 3D Grandmaster's Challenge
0%
Marvel Super Heroes in War of the Gems
0%
Marvel Super Hero Squad
0%
Marvel Super Hero Squad Comic Combat
0%
Marvel Super Hero Squad Online
0%
Marvel Super Hero Squad The Infinity Gauntlet
0%
Marvel Super War
0%
Marvel's Wolverine
0%
Marvel Tsum Tsum
0%
Marvel Ultimate Alliance 3 The Black Order
0%
Marvel vs Capcom 3 Fate of Two Worlds
0%
Marvel vs Capcom Origins
0%
Marvel War of Heroes
0%
Mass Destruction VR Shooting Galaga Fever
0%
Mass Effect
0%
Mass Effect 2
0%
Mass Effect 3
0%
Mass Effect Andromeda
0%
Mass Effect Andromeda APEX HQ
0%
Mass Effect Datapad
0%
Mass Effect Galaxy
0%
Mass Effect Infiltrator
0%
Mass Effect Legendary Edition
0%
Mass Effect Trilogy
0%
MasterChef
0%
Master X Master
0%
Match Day
0%
Match Day 2
0%
Math Blaster
0%
Math Blaster Cross Terrain Challenge
0%
Math Blaster Episode 2 Secret of the Lost City
0%
Math Blaster for 1st Grade
0%
Math Blaster for 2nd Grade
0%
Math Blaster for Kindergarten
0%
Math Blaster HyperBlast
0%
Math Blaster HyperBlast 2
0%
Math Blaster in the Prime Adventure
0%
Math Blaster Jr
0%
Math Blaster Master the Basics
0%
Math Blaster Mystery
0%
Math Blaster Mystery The Great Brain Robbery
0%
Math Blaster Space Zapper
0%
Max Payne
0%
Max Payne 2 The Fall of Max Payne
0%
Max Payne 3
0%
MaXSplosion
0%
Me and My Katamari
0%
Medal of Honor Above and Beyond
0%
Medal of Honor Allied Assault
0%
Medal of Honor European Assault
0%
Medal of Honor Heroes
0%
Medal of Honor Heroes 2
0%
Medal of Honor Infiltrator
0%
Medal of Honor Pacific Assault
0%
Medal of Honor Underground
0%
Medal of Honor Vanguard
0%
Mega Bomberman
0%
Megadimension Neptunia 7
0%
Megadimension Neptunia 7R
0%
Mega-Lo-Mania
0%
Mega Man 2 The Power Fighters
0%
Mega Man and Bass
0%
Mega Man Battle and Chase
0%
Mega Man Battle Chip Challenge
0%
Mega Man Battle Network 5 Double Team DS
0%
Mega Man Battle Network Legacy Collection
0%
Mega Man Dr Wily's Revenge
0%
Mega Man Maverick Hunter X
0%
Mega Man Network Transmission
0%
Mega Man Powered Up
0%
Mega Man Soccer
0%
Mega Man Star Force
0%
Mega Man Star Force 2
0%
Mega Man Star Force 3
0%
Mega Man The Power Battle
0%
Mega Man X Collection
0%
Mega Man X Command Mission
0%
Mega Man X DiVE
0%
Mega Man X DiVE Offline
0%
Mega Man X Legacy Collection
0%
Mega Man X Legacy Collection 2
0%
Mega Man Xtreme
0%
Mega Man Xtreme 2
0%
Mega Man Zero Collection
0%
Mega Man ZX
0%
Mega Man ZX Advent
0%
MegaTagmension Blanc + Neptune VS Zombies
0%
Melon Playground
0%
Men in Black 2 Alien Escape
0%
Men in Black 3
0%
Men in Black The Game
0%
Men in Black The Series Crashdown
0%
Mercenaries 2 World in Flames
0%
Mercenaries Playground of Destruction
0%
Merge Mansion
0%
Metal Dogs
0%
Metal Gear Acid
0%
Metal Gear Acid 2
0%
Metal Gear Ghost Babel
0%
Metal Gear Solid Mobile
0%
Metal Gear Solid Social Ops
0%
Metal Gear Solid The Twin Snakes
0%
Metal Gear Solid Touch
0%
Metal Gear Survive
0%
Metal Max
0%
Metal Max 2
0%
Metal Max 2 Kai
0%
Metal Max 2 Reloaded
0%
Metal Max 3
0%
Metal Max 4
0%
Metal Max Fireworks
0%
Metal Max Returns
0%
Metal Max Xeno
0%
Metal Max Xeno Reborn
0%
Metal Saga Chain of Sandstorm
0%
Metal Saga Mobile
0%
Metal Saga New Frontier
0%
Metal Saga Season of Steel
0%
Metal Saga The Ark of Wastes
0%
Metal Slug 1st Mission
0%
Metal Slug 2nd Mission
0%
Metal Slug Advance
0%
Metal Slug Attack
0%
Metal Slug Awakening
0%
Metal Slug Commander
0%
Metal Slug Defense
0%
Metal Slug Super Vehicle-001
0%
Metal Slug Tactics
0%
Metal Slug Touch
0%
Metal Slug XX
0%
Metaphor ReFantazio
0%
Meteor Blaster
0%
Metropolis Street Racer
0%
MFP My Friend Pedro
0%
MIB Alien Crisis
0%
Michelin Rally Masters Race of Champions
0%
Micro Machines
0%
Micro Machines 2 Turbo Tournament
0%
Micro Machines Military
0%
Micro Machines V3
0%
Micro Machines V4
0%
Micro Machines World Series
0%
Micro Maniacs
0%
MicroProse Soccer
0%
Microsoft Combat Flight Simulator
0%
Midnight Club 3 DUB Edition Remix
0%
Midnight Club L.A. Remix
0%
Midnight Club Los Angeles Complete Edition
0%
Midnight Club Street Racing
0%
Midnight Ghost Hunt
0%
Midnight Run - Road Fighter 2
0%
Midnight Star
0%
Midnight Star Renegade
0%
Midtown Madness
0%
Midtown Madness 2
0%
Midtown Madness 3
0%
Might and Magic 10 Legacy
0%
Might and Magic 2 Gates to Another World
0%
Might and Magic 3 Isles of Terra
0%
Might and Magic 4 Clouds of Xeen
0%
Might and Magic 5 Darkside of Xeen
0%
Might and Magic 6 The Mandate of Heaven
0%
Might and Magic 7 For Blood and Honor
0%
Might and Magic 8 Day of the Destroyer
0%
Might and Magic 9 Writ of Fate
0%
Might and Magic Book 1 The Secret of the Inner Sanctum
0%
Might and Magic Chess Royale
0%
Might and Magic Clash of Heroes
0%
Might and Magic Duel of Champions
0%
Might and Magic Elemental Guardians
0%
Might and Magic Heroes Battles
0%
Might and Magic Heroes Era of Chaos
0%
Might and Magic Heroes Kingdoms
0%
Might and Magic Mobile
0%
Might and Magic Mobile 2
0%
Might and Magic Online
0%
Might and Magic Raiders
0%
Mighty Doom
0%
Mighty Gunvolt
0%
Mighty Gunvolt Burst
0%
Mighty No 9
0%
Miku Flick
0%
Miku Flick 02
0%
Milon no Hoshizora Shabon Puzzle Kumikyoku
0%
Milon's Secret Castle
0%
Miner Speed
0%
Minicraft
0%
Mini Crossword
0%
Minivaders
0%
Minna de Invaders
0%
Minutes to Meltdown
0%
Mirror's Edge Catalyst
0%
MLB 06 The Show
0%
MLB 07 The Show
0%
MLB 08 The Show
0%
MLB 09 The Show
0%
MLB 10 The Show
0%
MLB 11 The Show
0%
MLB 12 The Show
0%
MLB 13 The Show
0%
MLB 14 The Show
0%
MLB 15 The Show
0%
MLB 2000
0%
MLB 2001
0%
MLB 2002
0%
MLB 2003
0%
MLB 2004
0%
MLB 2005
0%
MLB 2006
0%
MLB 2K10
0%
MLB 2K11
0%
MLB 2K12
0%
MLB 2K13
0%
MLB 2K5
0%
MLB 2K6
0%
MLB 2K7
0%
MLB 2K8
0%
MLB 2K9
0%
MLB '98
0%
MLB '99
0%
MLB Slugfest 2003
0%
MLB Slugfest 2004
0%
MLB Slugfest 2006
0%
MLB Slugfest Loaded
0%
Mobile Train Simulator
0%
Mobius Final Fantasy
0%
Moero TwinBee
0%
Mojib-Ribbon
0%
Mom Hid My Game
0%
Mom Hid My Game 2
0%
Mom Hid My Game 3
0%
Mom Hid My Game 4
0%
Momoko 120%
0%
Momoko 1200%
0%
Momoko 1200% in Machigai Sagashi
0%
Momoko no Kasei Bowling
0%
Monkey Ball
0%
Monkey Island 2 LeChuck's Revenge
0%
Monkey Island 2 LeChuck's Revenge Special Edition
0%
Monster Farm Online
0%
Monster Farm POP
0%
Monster Farm POP 2
0%
Monster Game with Casino Game
0%
Monster House
0%
Monster Hunter 2
0%
Monster Hunter Diary Poka Poka Airou Village
0%
Monster Hunter Dynamic Hunting
0%
Monster Hunter Frontier G
0%
Monster Hunter Frontier Online
0%
Monster Hunter i
0%
Monster Hunter Portable 3rd
0%
Monster Rancher 1 and 2 DX
0%
Monster Rancher 1 Million
0%
Monster Rancher Advance
0%
Monster Rancher Advance 2
0%
Monster Rancher Battle Card Episode 2
0%
Monster Rancher Battle Card Game
0%
Monster Rancher DS
0%
Monster Rancher EVO
0%
Monster Rancher Explorer
0%
Monster Rancher Hop-A-Bout
0%
Monster Truck Madness
0%
Monster Truck Madness 2
0%
Monster Truck Madness 64
0%
Monument Valley
0%
Monument Valley 2
0%
Monument Valley Panoramic Edition
0%
Moonbreaker
0%
Mopeio
0%
More Bloons
0%
Mortal Kombat Advance
0%
Mortal Kombat Arcade Kollection
0%
Mortal Kombat Komplete Edition
0%
Mortal Kombat Mobile
0%
Mortal Kombat Mythologies Sub-Zero
0%
Mortal Kombat Onslaught
0%
Mortal Kombat Special Forces
0%
Mortal Kombat Trilogy
0%
Mortal Kombat XL
0%
Motel Simulator
0%
Motocross Madness
0%
Motocross Madness 2
0%
MotoGP
0%
MotoGP 06
0%
MotoGP 07
0%
MotoGP 08
0%
MotoGP 09 10
0%
MotoGP 10 11
0%
MotoGP 13
0%
MotoGP 14
0%
MotoGP 19
0%
MotoGP 2
0%
MotoGP 20
0%
MotoGP 3
0%
MotoGP 4
0%
Motor Rock
0%
Move or Die
0%
Mr and Mrs Pac-Man
0%
Mr. Do
0%
Mr. Do's Castle
0%
Mr. Do's Wild Ride
0%
Mr. Wimpy
0%
Mr. Zombie's Called Jam Hsiao
0%
Ms Pac-Man Maze Madness
0%
Ms Pac-Man Quest for the Golden Maze
0%
Ms 'Splosion Man
0%
Mutant Football League
0%
Mutant Football League 2
0%
Mutant League Football
0%
Mutant League Hockey
0%
MVP 06 NCAA Baseball
0%
MVP 07 NCAA Baseball
0%
MVP Baseball 2003
0%
MVP Baseball 2004
0%
MVP Baseball 2005
0%
MVP Baseball Online 2012
0%
MVP Baseball Online 2013
0%
MVP Baseball Online 2014
0%
MX 2002 featuring Ricky Carmichael
0%
MX Superfly
0%
MX Unleashed
0%
MX vs ATV Alive
0%
MX vs ATV All Out
0%
MX vs ATV Legends
0%
MX vs ATV Reflex
0%
MX vs ATV Supercross
0%
MX vs ATV Unleashed
0%
MX vs ATV Untamed
0%
My Brother Ate My Pudding
0%
My First Gran Turismo
0%
My Friendly Neighborhood
0%
My Friend Pedro
0%
My Friend Pedro Ripe for Revenge
0%
My Frogger Toy Trials
0%
My Hero Academia Battle for All
0%
My Hero Academia Clash Heroes Battle
0%
My Hero Academia Smash Rising
0%
My Hero Academia Smash Tap
0%
My Hero Academia The Strongest Hero
0%
My Hero One's Justice
0%
My Hero One's Justice 2
0%
My Hero Ultra Impact
0%
My Hero Ultra Rumble
0%
My Mammott
0%
My Monster Rancher
0%
My Muppets Show
0%
My Musical Cats
0%
My Nintendo Picross: The Legend of Zelda: Twilight Princess
0%
My Om Nom
0%
My PomPom
0%
MySims
0%
MySims Agents
0%
MySims Kingdom
0%
MySims Party
0%
MySims Racing
0%
MySims SkyHeroes
0%
My Singing Monsters Composer
0%
My Singing Monsters Dawn Of Fire
0%
My Singing Monsters Playground
0%
Myst
0%
Myst 3 Exile
0%
Myst 4 Revelation
0%
Myst 5 End of Ages
0%
Mystery World Dizzy
0%
My Talking Angela
0%
My Talking Angela 2
0%
My Talking Hank
0%
My Talking Tom
0%
My Talking Tom 2
0%
My Talking Tom and Friends
0%
Myth 2 Soulblighter
0%
Myth 3 The Wolf Age
0%
Mythic Legends
0%
Myth The Fallen Lords
0%
Namco Anthology
0%
Namco Anthology 2
0%
Namco Museum
0%
Namco Museum 50th Anniversary
0%
Namco Museum 64
0%
Namco Museum Archives
0%
Namco Museum Battle Collection
0%
Namco Museum Collection
0%
Namco Museum DS
0%
Namco Museum Encore
0%
Namco Museum Essentials
0%
Namco Museum Megamix
0%
Namco Museum Mini Player
0%
Namco Museum Remix
0%
Namco Museum Virtual Arcade
0%
Namco Museum Vol 1
0%
Namco Museum Vol 2
0%
Namco Museum Vol 3
0%
Namco Museum Vol 4
0%
Namco Museum Vol 5
0%
Naruto Shippuden Ultimate Ninja 4
0%
Naruto Shippuden Ultimate Ninja 5
0%
Naruto Shippuden Ultimate Ninja Blazing
0%
Naruto Shippuden Ultimate Ninja Heroes 3
0%
Naruto Shippuden Ultimate Ninja Impact
0%
Naruto Shippuden Ultimate Ninja Storm 2
0%
Naruto Shippuden Ultimate Ninja Storm 3 Full Burst
0%
Naruto Shippuden Ultimate Ninja Storm 4
0%
Naruto Shippuden Ultimate Ninja Storm Generations
0%
Naruto Shippuden Ultimate Ninja Storm Revolution
0%
Naruto Ultimate Ninja
0%
Naruto Ultimate Ninja 2
0%
Naruto Ultimate Ninja 3
0%
Naruto Ultimate Ninja Heroes
0%
Naruto Ultimate Ninja Heroes 2 The Phantom Fortress
0%
Naruto Ultimate Ninja Storm
0%
Naruto x Boruto Ultimate Ninja Storm Connections
0%
NASCAR 06 Total Team Control
0%
NASCAR 07
0%
NASCAR 08
0%
NASCAR 09
0%
NASCAR 2000
0%
NASCAR 2001
0%
NASCAR 2005 Chase for the Cup
0%
NASCAR 98
0%
NASCAR 99
0%
NASCAR Kart Racing
0%
NASCAR Revolution
0%
NASCAR Road Racing
0%
NASCAR Rumble
0%
NASCAR SimRacing
0%
NASCAR Thunder 2002
0%
NASCAR Thunder 2003
0%
NASCAR Thunder 2004
0%
Natural Selection
0%
Natural Selection 2
0%
Natural Ultimate Digital Experiment
0%
Navy Field
0%
Navy Field 2
0%
NBA 2K23 Arcade Edition
0%
NBA 2K24 MyTEAM Mobile
0%
NBA 2K25 MyTEAM Mobile
0%
NBA 2K Online
0%
NBA 2K Online 2
0%
NBA 2K Playgrounds 2
0%
NBA 2KVR Experience
0%
NBA Hangtime
0%
NBA Hoopz
0%
NBA Jam
0%
NBA Jam 2000
0%
NBA Jam 2001
0%
NBA Jam 2002
0%
NBA Jam 99
0%
NBA Jam Extreme
0%
NBA Jam On Fire Edition
0%
NBA Jam Tournament Edition
0%
NBA Live 06
0%
NBA Live 07
0%
NBA Live 08
0%
NBA Live 09
0%
NBA Live 10
0%
NBA Live 11
0%
NBA Live 13
0%
NBA Live 14
0%
NBA Live 15
0%
NBA Live 16
0%
NBA Live 18
0%
NBA Live 19
0%
NBA Live 20
0%
NBA Live 2000
0%
NBA Live 2001
0%
NBA Live 2002
0%
NBA Live 2003
0%
NBA Live 2004
0%
NBA Live 2005
0%
NBA Live 95
0%
NBA Live 96
0%
NBA Live 97
0%
NBA Live 98
0%
NBA Live 99
0%
NBA Live Mobile
0%
NBA Playgrounds
0%
NBA Showtime NBA on NBC
0%
NBA Street
0%
NBA Street 2
0%
NBA Street Homecourt
0%
NBA Street Online
0%
NBA Street Online 2
0%
NBA Street Showdown
0%
NBA Street V3
0%
NCAA Basketball 09
0%
NCAA Basketball 10
0%
NCAA Football 06
0%
NCAA Football 07
0%
NCAA Football 08
0%
NCAA Football 09
0%
NCAA Football 10
0%
NCAA Football 11
0%
NCAA Football 12
0%
NCAA Football 13
0%
NCAA Football 14
0%
NCAA Football 2000
0%
NCAA Football 2001
0%
NCAA Football 2002
0%
NCAA Football 2003
0%
NCAA Football 2004
0%
NCAA Football 2005
0%
NCAA Football 98
0%
NCAA Football 99
0%
NCAA March Madness 06
0%
NCAA March Madness 07
0%
NCAA March Madness 08
0%
NCAA March Madness 2000
0%
NCAA March Madness 2001
0%
NCAA March Madness 2002
0%
NCAA March Madness 2003
0%
NCAA March Madness 2004
0%
NCAA March Madness 2005
0%
NCAA March Madness 98
0%
NCAA March Madness 99
0%
Need for Speed 3 Hot Pursuit
0%
Need for Speed Carbon
0%
Need for Speed High Stakes
0%
Need for Speed Hot Pursuit
0%
Need for Speed Hot Pursuit 2
0%
Need for Speed Nitro
0%
Need for Speed No Limits
0%
Need for Speed Payback
0%
Need for Speed Porsche Unleashed
0%
Need for Speed ProStreet
0%
Need for Speed Shift
0%
Need for Speed Shift 2 Unleashed
0%
Need for Speed Undercover
0%
Nekketsu Beach Volley da yo Kunio Kun
0%
Nekketsu Dodgeball Bu i
0%
Nekketsu Fighting Legend
0%
Nekketsu High School Dodgeball Club
0%
Nekketsu High School Dodgeball Club MD Soccer Edition
0%
Nekketsu High School Dodgeball Club Soccer Story
0%
Nekketsu Koha Kunio Kun Special
0%
Nekketsu Koko Dodgeball Bu CD Soccer Hen
0%
Nekketsu Koko Dodgeball Bu Kyoteki Dodge Soldier no Mak
0%
Nekketsu Koko Dodgeball Bu PC Bangai Hen
0%
Nekketsu Koko Dodgeball Bu PC Soccer Hen
0%
Nekketsu Koko Kunio Kun Online
0%
Nekketsu Koko Soccer Bu World Cup Hen
0%
Nekketsu Street Basketball All Out Dunk Heroes
0%
Nekograms
0%
Nemesis
0%
Nemesis 2
0%
Nemesis 3 The Eve of Destruction
0%
Nemesis The Wizardry Adventure
0%
Neo Bomberman
0%
Neo Contra
0%
Neo Super Robot Wars
0%
Nep-Nep Connect Chaos Champloo
0%
Neptunia and Friends
0%
Neptunia Collection
0%
Neptunia Game Maker REvolution
0%
Neptunia re Verse
0%
Neptunia Shooter
0%
Neptunia Sisters VS Sisters
0%
Neptunia Virtual Stars
0%
Neptunia x Senran Kagura Ninja Wars
0%
NES Baseball
0%
NES Golf
0%
NES Remix
0%
NES Remix 2
0%
NES Remix Pack
0%
NES Tennis
0%
Net de Bomberman
0%
Neutopia
0%
Neutopia 2
0%
Neva
0%
New International Track and Field
0%
New LovePlus
0%
New Rally-X
0%
New Super Chick Sisters
0%
New Super Lucky's Tale
0%
New Tales From the Borderlands
0%
NFL 2K Playmakers
0%
NFL Blitz
0%
NFL Blitz 2000
0%
NFL Blitz 2001
0%
NFL Blitz 2002
0%
NFL Blitz 2003
0%
NFL Blitz 99
0%
NFL Blitz Pro
0%
NFL Blitz Special Edition
0%
NFL Street
0%
NFL Street 2
0%
NFL Street 3
0%
NHL 2K
0%
NHL 2K10
0%
NHL 2K11
0%
NHL 2K2
0%
NHL 2K3
0%
NHL 2K6
0%
NHL 2K7
0%
NHL 2K8
0%
NHL 2K9
0%
NHL Hitz 2002
0%
NHL Hitz 2003
0%
NHL Hitz Pro
0%
NHL Hockey
0%
NHL Legacy Edition
0%
NHLPA Hockey '93
0%
NHL Slapshot
0%
NHL SuperCard
0%
NHL SuperCard 2K17
0%
NHL SuperCard 2K18
0%
Nickelodeon All Stars Brawl
0%
Nickelodeon All Stars Brawl 2
0%
Nickelodeon Extreme Tennis
0%
Nickelodeon Teenage Mutant Ninja Turtles Totally Turtles Tabletop Pinball
0%
Night in the Woods
0%
Night of the Consumers
0%
Night of the Living Treehouse of Horror
0%
Nine Hours, Nine Persons, Nine Doors
0%
Ninja Gaiden 2 The Dark Sword of Chaos
0%
Ninja Gaiden 3 Razor's Edge
0%
Ninja Gaiden Black
0%
Ninja Gaiden Dragon Sword
0%
Ninja Gaiden Master Collection
0%
Ninja Gaiden Shadow
0%
Ninja Gaiden Sigma
0%
Ninja Gaiden Sigma 2
0%
Ninja Gaiden Sigma Plus
0%
Ninja Gaiden The Ancient Ship of Doom
0%
Ninja Gaiden Trilogy
0%
Ninja Gaiden X
0%
Ninja Turtles The Next Mutation
0%
Nintendogs and Cats
0%
Nintendo Land: The Legend of Zelda: Battle Quest
0%
Nintendo Puzzle Collection
0%
Nintendo World Cup
0%
Noby Noby Boy
0%
Noclip VR
0%
No-good Noelle
0%
No Time to Explain
0%
No Time to Explain Remastered
0%
NRL Mascot Mania
0%
Nuclear Strike
0%
Numan Athletics
0%
Nun Massacre
0%
Observation Duty
0%
Octodad Deadliest Catch
0%
Octogeddon
0%
Octordle
0%
Oddballz Your Wacky Computer Petz
0%
Oddworld Abe's Exoddus
0%
Oddworld Abe's Oddysee
0%
Oddworld Adventures
0%
Oddworld Adventures 2
0%
Oddworld Munch's Oddysee
0%
Oddworld New 'n' Tasty
0%
Oddworld Soulstorm
0%
Oddworld Stranger's Wrath
0%
Off Road Challenge
0%
Offroad Thunder
0%
Ogre Battle 64
0%
Ogre Battle Garden Prince of Zenobia
0%
Ogre Battle The March of the Black Queen
0%
Oh Baby Kart
0%
Oh Sir The Hollywood Roast
0%
Oh Sir The Insult Simulator
0%
Okamiden
0%
Okay
0%
Omega Strikers
0%
Om Nom Bubbles
0%
Om Nom Candy Flick
0%
Om Nom Merge
0%
Om Nom Run
0%
One Hour One Life
0%
One Must Fall
0%
One Must Fall 2097
0%
One Must Fall Battlegrounds
0%
One Piece Aim The King of Berry
0%
One Piece Become the Pirate King
0%
One Piece Birth of Luffy's Dream Pirate Crew
0%
One Piece Bon Bon Journey
0%
One Piece Bounty Rush
0%
One Piece Burning Blood
0%
One Piece Burning Will
0%
One Piece Chopper's Big Adventure
0%
One Piece Dragon Dream
0%
One Piece Fighting Path
0%
One Piece Gear Spirit
0%
One Piece Gigant Battle
0%
One Piece Gigant Battle 2 New World
0%
One Piece Going Baseball
0%
One Piece Grand Adventure
0%
One Piece Grand Battle
0%
One Piece Grand Battle 2
0%
One Piece Grand Battle 3
0%
One Piece Grand Battle Rush
0%
One Piece Grand Battle Swan Colosseum
0%
One Piece Grand Cruise
0%
One Piece Grand Line Dream Adventure Log
0%
One Piece Great Hidden Treasure of the Nanatsu Islands
0%
One Piece Great Pirate Colosseum
0%
One Piece Legend of the Rainbow Island
0%
One Piece Ocean's Dream
0%
One Piece Odyssey
0%
One Piece Pirates' Carnival
0%
One Piece Romance Dawn
0%
One Piece Round the Land
0%
One Piece Set Sail Pirate Crew
0%
One Piece Sett Sail
0%
One Piece Super Grand Battle X
0%
One Piece The Road of the Strong
0%
One Piece The Voyage
0%
One Piece Thousand Storm
0%
One Piece Treasure Battle
0%
One Piece Treasure Cruise
0%
One Piece Treasure Wars
0%
One Piece Treasure Wars 2 Welcome to Buggyland
0%
One Piece Unlimited Adventure
0%
One Piece Unlimited Cruise Episode 1
0%
One Piece Unlimited Cruise Episode 2
0%
One Piece Unlimited Cruise SP
0%
One Piece Unlimited World Red
0%
One Piece World Seeker
0%
Operation C
0%
Operation Flashpoint Cold War Crisis
0%
Operation Flashpoint Dragon Rising
0%
Operation Flashpoint Red River
0%
Operation Stealth
0%
Orcs Must Die
0%
Orcs Must Die 2
0%
Orcs Must Die 3
0%
Orcs Must Die Unchained
0%
Ori and the Blind Forest
0%
Ori and the Blind Forest Definitive Edition
0%
Osmos
0%
OSU 2
0%
Otogi
0%
Otomedius
0%
Otomedius Excellent
0%
Otomedius Gorgeous
0%
Overland
0%
Overlord Dark Legend
0%
Overlord Fellowship of Evil
0%
Overlord Minions
0%
Overlord Raising Hell
0%
Pac and Pal
0%
Pac-Attack
0%
Pacific Drive
0%
Pac-In-Time
0%
Pac-Man 256
0%
Pac-Man 2 The New Adventures
0%
Pac Man 99
0%
Pac-Man Adventures in Time
0%
Pac-Man All-Stars
0%
Pac-Man and the Ghostly Adventures
0%
Pac-Man and the Ghostly Adventures 2
0%
Pac-Man Arrangement
0%
Pac-Man Battle Royal
0%
Pac-Man Championship Edition
0%
Pac-Man Championship Edition 2
0%
Pac-Man Championship Edition DX
0%
Pac-Man Chomp Mania
0%
Pac-Mania
0%
Pac-Man Mega Tunnel Battle
0%
Pac-Man Party
0%
Pac-Man Party Royale
0%
Pac-Man Pinball Advance
0%
Pac-Man Plus
0%
Pac-Man VR
0%
Pac-Man Vs
0%
PAC-MAN Waka Waka Run
0%
Pac-Man World Rally
0%
Pac 'n' Roll
0%
Pac-Pix
0%
Pancake - The Game
0%
Pango
0%
Panic Shot Rockman
0%
Panzer Dragoon 2 Zwei
0%
Panzer Dragoon Mini
0%
Panzer Dragoon Orta
0%
Panzer Dragoon Remake
0%
Panzer Dragoon Saga
0%
Papa Louie 2 When Burgers Attack
0%
Papa Louie 3 When Sundaes Attack
0%
Papa Louie Pals
0%
Papa Louie When Pizzas Attack
0%
Papa Pear Saga
0%
Papa's Bakeria
0%
Papa's Bakeria To Go
0%
Papa's Burgeria
0%
Papa's Burgeria HD
0%
Papa's Burgeria To Go
0%
Papa's Cheeseria
0%
Papa's Cheeseria To Go
0%
Papa's Cluckeria
0%
Papa's Cluckeria To Go
0%
Papa's Cupcakeria
0%
Papa's Cupcakeria HD
0%
Papa's Cupcakeria To Go
0%
Papa's Donuteria
0%
Papa's Donuteria To Go
0%
Papa's Freezeria
0%
Papa's Freezeria Deluxe
0%
Papa's Freezeria HD
0%
Papa's Freezeria To Go
0%
Papa's Hot Doggeria
0%
Papa's Hot Doggeria HD
0%
Papa's Hot Doggeria To Go
0%
Papa's Mocharia
0%
Papa's Mocharia To Go
0%
Papa's Paleteria
0%
Papa's Paleteria To Go
0%
Papa's Pancakeria
0%
Papa's Pancakeria To Go
0%
Papa's Pastaria To Go
0%
Papa's Pizzeria HD
0%
Papa's Pizzeria To Go
0%
Papa's Scooperia
0%
Papa's Scooperia HD
0%
Papa's Scooperia To Go
0%
Papa's Sushiria To Go
0%
Papa's Tacomia
0%
Papa's Taco Mia HD
0%
Papa's Taco Mia To Go
0%
Papa's Wingeria
0%
Papa's Wingeria HD
0%
Papa's Wingeria To Go
0%
Papers, Please
0%
Paradise Bay
0%
Paradise Lost
0%
Parallax
0%
Parasite Eve
0%
Parasite Eve 2
0%
Party Animals
0%
Party Panic
0%
Pastel Jan
0%
Patapon 2
0%
Patapon 3
0%
Pathologic
0%
Pathologic 2
0%
Pathologic Classic HD
0%
PD Ultraman Invaders
0%
Peggle Blast
0%
Peggle Extreme
0%
Peggle Nights
0%
Pengi
0%
Pengo
0%
Pengon
0%
Pengy
0%
Penumbra Black Plague
0%
Penumbra Overture
0%
Penumbra Requiem
0%
Penumbra Tech Demo
0%
Pepenga Pengo
0%
Pepper Panic Saga
0%
Pepsi Invaders
0%
Percy Penguin
0%
Peter Pepper's Ice Cream Factory
0%
Pet Rescue Puzzle Saga
0%
Pet Rescue Saga
0%
Petz Catz 2
0%
Petz Dogz 2
0%
PGA European Tour
0%
PGA Tour 06
0%
PGA Tour 07
0%
PGA Tour 08
0%
PGA Tour 09
0%
PGA Tour 10
0%
PGA Tour 11
0%
PGA Tour 12
0%
PGA Tour 13
0%
PGA Tour 14
0%
PGA Tour 2000
0%
PGA Tour 2001
0%
PGA Tour 2002
0%
PGA Tour 2003
0%
PGA Tour 2004
0%
PGA Tour 2005
0%
PGA Tour 2K21
0%
PGA Tour 2K23
0%
PGA Tour 96
0%
PGA Tour 97
0%
PGA Tour 98
0%
PGA Tour Golf
0%
PGA Tour Golf 2
0%
PGA Tour Golf 3
0%
PGA Tour Mobile
0%
PGA Tour Online
0%
PGA Tour Pro
0%
Phoenix Wright Ace Attorney Trilogy
0%
Phozon
0%
Pico's School
0%
Pico's School 2
0%
Pico's School Love Conquers All
0%
Pictlogica Final Fantasy
0%
Piffle
0%
Pikmin Finder
0%
Pikuniku
0%
Pinball FX
0%
Pinball FX 2
0%
Pinball FX 3
0%
Pin-Pong
0%
Pit People
0%
PixelJunk 4am
0%
PixelJunk Eden
0%
PixelJunk Eden 2
0%
PixelJunk Eden Obscura
0%
PixelJunk Monsters
0%
PixelJunk Monsters 2
0%
PixelJunk Monsters Online
0%
PixelJunk Monsters Trouble in Paradise
0%
PixelJunk Nom Nom Galaxy
0%
PixelJunk Racers
0%
PixelJunk Raiders
0%
PixelJunk Scrappers
0%
PixelJunk Shooter
0%
PixelJunk Shooter 2
0%
PixelJunk SideScroller
0%
PixelJunk VR Dead Hungry
0%
PKMN Quiz
0%
PlanetSide
0%
PlanetSide 2
0%
PlanetSide Arena
0%
Plants vs Zombies 2 Action Edition
0%
Plants vs Zombies 2 Adventure
0%
Plants vs Zombies 2 All Stars
0%
Plants vs Zombies 2 Clan
0%
Plants vs Zombies 2 Clash
0%
Plants vs Zombies 2 Crit
0%
Plants vs Zombies 2 Duty
0%
Plants vs Zombies 2 Egypt
0%
Plants vs Zombies 2 Evolve
0%
Plants vs Zombies 2 Expedition
0%
Plants vs Zombies 2 Fantasy
0%
Plants vs Zombies 2 Food
0%
Plants vs Zombies 2 Future
0%
Plants vs Zombies 2 Garden
0%
Plants vs Zombies 2 Glory
0%
Plants vs Zombies 2 Guard
0%
Plants vs Zombies 2 Guardian
0%
Plants vs Zombies 2 Heroes
0%
Plants vs Zombies 2 King
0%
Plants vs Zombies 2 Kingdom
0%
Plants vs Zombies 2 League
0%
Plants vs Zombies 2 Legend
0%
Plants vs Zombies 2 Madness
0%
Plants vs Zombies 2 Odyssey
0%
Plants vs Zombies 2 Reborn
0%
Plants vs Zombies 2 Renaissance Age
0%
Plants vs Zombies 2 Revenge
0%
Plants vs Zombies 2 Summon
0%
Plants vs Zombies 2 Tang Ping
0%
Plants vs Zombies 2 Tencent Edition
0%
Plants vs Zombies 2 Ultimate Battle
0%
Plants vs Zombies 2 Warfare
0%
Plants vs Zombies 2 World
0%
Plants vs Zombies 3D
0%
Plants vs Zombies 3D Merge
0%
Plants vs Zombies 3 Welcome to Zomburbia
0%
Plants vs Zombies Android TV Edition
0%
Plants vs Zombies AR Trading Cards
0%
Plants vs Zombies Match
0%
Player Manager
0%
Play Novel Silent Hill
0%
Please Don't Touch Anything
0%
Please Don't Touch Anything 3D
0%
Please Don't Touch Anything House Broken
0%
Plumber Crack
0%
Pocketbike Racer
0%
Pocket Bomberman
0%
Pocket Card Jockey
0%
Pocket Digimon World
0%
Pocket Digimon World Cool Battle Disc
0%
Pocket Digimon World Nature Battle Disc
0%
Pocket Digimon World Wind Battle Disc
0%
Pocket Mortys
0%
Pocket Racer
0%
Pocket Shrek
0%
Pocky and Rocky
0%
Pocky and Rocky 2
0%
Pocky and Rocky Reshrined
0%
Pocky and Rocky with Becky
0%
Pogostuck
0%
Point Blank 2 Gunbarl
0%
Point Blank 3 Gunbalina
0%
Point Blank Adventures
0%
Point Blank DS
0%
Point Blank Gun Bullet
0%
Point Blank X
0%
Pokedex 3D
0%
Pokemon Art Academy
0%
Pokemon Black and Blue
0%
Pokemon Card GB2 Great Rocket
0%
Pokemon Chess
0%
Pokemon Dash
0%
Pokemon Duel
0%
Pokemon Infinite Fusion
0%
Pokemon Masters EX
0%
Pokemon Mystery Dungeon Adventure Team
0%
Pokemon Mystery Dungeon Explorers of Darkness
0%
Pokemon Mystery Dungeon Gates to Infinity
0%
Pokemon Mystery Dungeon Rescue Team DX
0%
Pokemon Picross
0%
Pokemon Puzzle Challenge
0%
Pokemon Puzzle League
0%
Pokemon Ranger Guardian Signs
0%
Pokemon Ranger Shadows of Almia
0%
Pokemon Red White and Blue
0%
Pokemon TCG Online
0%
Pokemon Trading Card Game
0%
Pokemon Trading Card Game Pocket
0%
PokePark 2 Wonders Beyond
0%
PokePark Wii Pikachu's Adventure
0%
Pokerogue
0%
Pokken Tournament DX
0%
Pole Position
0%
Pong Doubles
0%
Pong Quest
0%
Pong The Next Level
0%
Pong World
0%
POOSTALL Royale
0%
Pop'n TwinBee
0%
Pop'n TwinBee Rainbow Bell Adventures
0%
Poppy's Playtime
0%
Poptropica
0%
Populous
0%
Populous 2 Trials of the Olympian Gods
0%
Populous DS
0%
Populous The Beginning
0%
Portal Runner
0%
Portal Still Alive
0%
Postal 2 Corkscrew Rules
0%
Postal Babes
0%
Postal Brain Damaged
0%
Postal Redux
0%
Potato Sack
0%
Potpourrii
0%
Power Chord
0%
Power Pros 10
0%
Power Pros 11
0%
Power Pros 12
0%
Power Pros 13
0%
Power Pros 14
0%
Power Pros 2
0%
Power Pros 2009
0%
Power Pros 2010
0%
Power Pros 2011
0%
Power Pros 2012
0%
Power Pros 2013
0%
Power Pros 2014
0%
Power Pros 2016
0%
Power Pros 2018
0%
Power Pros 3
0%
Power Pros 4
0%
Power Pros 5
0%
Power Pros 6
0%
Power Pros 7
0%
Power Pros 8
0%
Power Pros 9
0%
Power Pros '94
0%
Power Wash Simulator VR
0%
Prince of Persia 2 The Shadow and the Flame
0%
Prince of Persia 3D
0%
Prince of Persia Classic
0%
Prince of Persia Harem Adventures
0%
Prince of Persia The Fallen King
0%
Prince of Persia The Forgotten Sands
0%
Prince of Persia The Lost Crown
0%
Prince of Persia The Sands of Time
0%
Prince of Persia The Two Thrones
0%
Prince of Persia Trilogy
0%
Prince of Persia Warrior Within
0%
Princess Maker
0%
Princess Maker 2
0%
Princess Maker 3 Fairy Tales Come True
0%
Princess Maker 4
0%
Princess Maker 5
0%
Princess Maker KAKAO
0%
Princess Maker Legend of Another World
0%
Princess Maker Pocket
0%
Princess Maker Social
0%
Princess Punt Sweets
0%
Privateer 2 The Darkening
0%
Pro Baseball Family Stadium
0%
Pro Baseball Family Stadium '87
0%
Pro Baseball Family Stadium '88 Nendoban
0%
Pro Baseball Family Stadium '90
0%
Pro Baseball Family Stadium Home Run Contest
0%
Pro Baseball Family Stadium Pennant Race
0%
Pro Baseball Famista 2011
0%
Pro Baseball Famista Climax
0%
Pro Baseball Famista DS
0%
Pro Baseball Famista DS 2009
0%
Pro Baseball Famista DS 2010
0%
Pro Baseball Famista Evolution
0%
Pro Baseball Famista Online 2010
0%
Pro Baseball Famista Returns
0%
Professor Layton and the Azran Legacy
0%
Professor Layton and the Curious Village
0%
Professor Layton and the Diabolical Box
0%
Professor Layton and the Last Specter
0%
Professor Layton and the Miracle Mask
0%
Professor Layton and The New World of Steam
0%
Professor Layton and the Unwound Future
0%
Professor Layton vs Phoenix Wright Ace Attorney
0%
Professor Pac-Man
0%
Project CARS
0%
Project CARS 2
0%
Project CARS 3
0%
Project CARS GO
0%
Project Gotham Racing
0%
Project Gotham Racing 2
0%
Project Gotham Racing 3
0%
Project Gotham Racing 4
0%
Project Gotham Racing Ferrari Edition
0%
Project Gotham Racing Mobile
0%
Project Hot Tub
0%
PROJECT PLAYTIME
0%
Project Sylpheed
0%
Project Zero 2 Wii Edition
0%
Project Zomboid
0%
Pro Jumper! Guilty Gear Tangent!?
0%
Pro Yakyuu Famista 2020
0%
Psychonauts in the Rhombus of Ruin
0%
Punch Ball Mario Bros
0%
Puppet Fever
0%
Puppy Pong
0%
Push Me Pull You
0%
Puss in Boots
0%
Putt-Putt and Fatty Bear's Activity Pack
0%
Putt-Putt and Pep's Balloon-o-Rama
0%
Putt-Putt and Pep's Dog on a Stick
0%
Putt-Putt Enters the Race
0%
Putt-Putt Goes to the Moon
0%
Putt-Putt Joins the Circus
0%
Putt-Putt Joins the Parade
0%
Putt-Putt Pep's Birthday Surprise
0%
Putt-Putt Saves the Zoo
0%
Putt-Putt's Fun House
0%
Putt-Putt's Fun Pack
0%
Putt-Putt's One Stop Fun Shop
0%
Putt-Putt Travels Through Time
0%
PuzzGrid
0%
Puzzle Archive
0%
Puzzle Saga
0%
Puzz Loop
0%
Puzz Loop 2
0%
Pyramid Solitaire Saga
0%
Qix
0%
Qix 2
0%
Qix Adventure
0%
Quadrapong
0%
Quake Live
0%
Q.U.B.E.
0%
Q.U.B.E. 10th Anniversary
0%
Q.U.B.E. 2
0%
Q.U.B.E. 2 Ultimate Edition
0%
Qube Puzzle
0%
Quest for Glory
0%
Quest for Glory 2
0%
Quest for Glory 3
0%
Quest for Glory 4
0%
Quest for Glory 5
0%
Questprobe Featuring Human Torch and The Thing
0%
Questprobe Featuring Spider-Man
0%
Questprobe Featuring The Hulk
0%
Quick Draw
0%
Quordle
0%
R4 Ridge Racer Type 4
0%
Rabbids at Versailles
0%
Rabbids Big Bang
0%
Rabbids Coding
0%
Rabbids Crazy Rush
0%
Rabbids Go Again
0%
Rabbids Go Home
0%
Rabbids Go Phone
0%
Rabbids Heroes
0%
Rabbids Invasion The Interactive TV Show
0%
Rabbids Lab
0%
Rabbids Land
0%
Rabbids Party of Legends
0%
Rabbids Rumble
0%
Rabbids Volcano Panic
0%
Rabbids Wild Race
0%
Race Driver Grid
0%
Rage Racer
0%
Railfan
0%
Railroad Tycoon
0%
Railroad Tycoon 2
0%
Railroad Tycoon 3
0%
Railroad Tycoon Deluxe
0%
Rally-X
0%
Ratchet and Clank All 4 One
0%
Ratchet and Clank Before the Nexus
0%
Ratchet and Clank Collection
0%
Ratchet and Clank Full Frontal Assault
0%
Ratchet and Clank Future A Crack in Time
0%
Ratchet and Clank Future Quest for Booty
0%
Ratchet and Clank Future Tools of Destruction
0%
Ratchet and Clank Going Commando
0%
Ratchet and Clank Going Mobile
0%
Ratchet and Clank Into the Nexus
0%
Ratchet and Clank Rift Apart
0%
Rave Racer
0%
Raving Rabbids Alive and Kicking
0%
Raving Rabbids Party Collection
0%
Raving Rabbids Travel in Time
0%
RayCrisis
0%
RayForce
0%
Rayman Activity Centre
0%
Rayman Adventures
0%
Rayman Bowling
0%
Rayman Brain Games
0%
Rayman Designer
0%
Rayman Fiesta Run
0%
Rayman Golf
0%
Rayman Junior
0%
Rayman Kart
0%
Rayman M
0%
Rayman Mini
0%
Rayman Premier Clics
0%
Rayman Raving Rabbids
0%
Rayman Raving Rabbids 2
0%
Rayman Raving Rabbids TV Party
0%
RayStorm
0%
Razing Storm
0%
RBI Baseball
0%
RBI Baseball 14
0%
RBI Baseball 15
0%
RBI Baseball 16
0%
RBI Baseball 17
0%
RBI Baseball 18
0%
RBI Baseball 19
0%
RBI Baseball 2
0%
RBI Baseball 20
0%
RBI Baseball 21
0%
RBI Baseball 3
0%
RBI Baseball 4
0%
RBI Baseball '93
0%
RBI Baseball '94
0%
RBI Baseball '95
0%
RC Pro-Am
0%
RC Pro-Am 2
0%
Reading Blaster 2000
0%
Reading Blaster Ages 9-12
0%
Reading Blaster for 1st Grade
0%
Reading Blaster for Kindergarten
0%
Reading Blaster Invasion of the World Snatchers
0%
Reading Blaster Jr
0%
Real Bout Densetsu Special Dominated Mind
0%
Real Bout Fatal Fury
0%
Real Bout Fatal Fury 2 The Newcomers
0%
Real Bout Fatal Fury Special
0%
Real Racing
0%
Real Racing 2
0%
Real Racing 3
0%
Rebel Riders
0%
Red Dead Online
0%
Red Herring
0%
Red's First Flight
0%
Remnants of Skystone
0%
Rendition
0%
Renegade Kunio Kun
0%
Resident Evil Gaiden
0%
Resident Evil Operation Raccoon City
0%
Resident Evil Portable
0%
Resident Evil Resistance
0%
Resident Evil RE:Verse
0%
Resident Evil Survivor
0%
Resident Evil Survivor 2 Code Veronica
0%
Resident Evil The Darkside Chronicles
0%
Resident Evil The Mercenaries 3D
0%
Resident Evil The Umbrella Chronicles
0%
Return of the Invaders
0%
Return to Monkey Island
0%
Rhythm Tengoku
0%
Rick and Morty Virtual Rick-ality
0%
Rick Dangerous
0%
Rick Dangerous 2
0%
Riddle Transfer
0%
Riddle Transfer 2
0%
Ridge Racer 3D
0%
Ridge Racer 6
0%
Ridge Racer 64
0%
Ridge Racer 7
0%
Ridge Racer Accelerated
0%
Ridge Racer Draw and Drift
0%
Ridge Racer Drift
0%
Ridge Racer DS
0%
Ridge Racer Revolution
0%
Ridge Racer Slipstream
0%
Ridge Racer Unbounded
0%
Ridge Racer V
0%
Riki Densetsu
0%
Ring Fit Adventure
0%
Ripened Tingle's Balloon Trip of Love
0%
Riptide GP Renegade
0%
Rise of Kingdoms
0%
Rise of the Teenage Mutant Ninja Turtles Ninja Run
0%
Rivals 2
0%
Riven
0%
River City Dodge Ball All Stars
0%
River City Girls
0%
River City Girls 2
0%
River City Girls Zero
0%
River City Knights of Justice
0%
River City Melee Battle Royal Special
0%
River City Melee Mach
0%
River City Ransom
0%
River City Ransom Underground
0%
River City Saga Three Kingdoms
0%
River City Saga Three Kingdoms Next
0%
River City Soccer Hooligans
0%
River City Super Sports Challenge
0%
River City Super Sports Challenge All Stars Special
0%
River City Tokyo Rumble
0%
Roach Race
0%
Road Fighter
0%
Road Fighters
0%
Road Rage
0%
Road Rash
0%
Road Rash 2
0%
Road Rash 3
0%
Road Rash 3D
0%
Road Rash 64
0%
Road Rash Jailbreak
0%
Road Redemption
0%
Robopon 2 Cross Version
0%
Robopon 2 Ring Version
0%
Robopon 64
0%
Robopon Moon
0%
Robopon Star
0%
Robopon Sun
0%
Robotron 2084
0%
Robotron X
0%
Rock and Roll Racing 2 Red Asphalt
0%
Rock Band Blitz
0%
Rock Band Mobile
0%
Rock Band Reloaded
0%
Rock Band Unplugged
0%
Rock Band VR
0%
Rock Garden Deluxe
0%
Rockman EXE 4.5 Real Operation
0%
Rockman EXE Operate Shooting Star
0%
Rockman EXE WS
0%
Rock n' Roll Racing
0%
Rod Land
0%
Roller Coaster Tycoon 3D
0%
Roller Coaster Tycoon 3 Mobile
0%
Roller Coaster Tycoon 4 Mobile
0%
Roller Coaster Tycoon Adventures
0%
Roller Coaster Tycoon Classic
0%
Roller Coaster Tycoon Joyride
0%
Roller Coaster Tycoon Puzzle
0%
Roller Coaster Tycoon Touch
0%
Roller Coaster Tycoon World
0%
Rolling With Katamari
0%
Romance of the Three Kingdoms
0%
Romance of the Three Kingdoms 10
0%
Romance of the Three Kingdoms 11
0%
Romance of the Three Kingdoms 12
0%
Romance of the Three Kingdoms 13
0%
Romance of the Three Kingdoms 14
0%
Romance of the Three Kingdoms 2
0%
Romance of the Three Kingdoms 3 Dragon of Destiny
0%
Romance of the Three Kingdoms 4 Wall of Fire
0%
Romance of the Three Kingdoms 5
0%
Romance of the Three Kingdoms 6 Awakening of the Dragon
0%
Romance of the Three Kingdoms 7
0%
Romance of the Three Kingdoms 8
0%
Romance of the Three Kingdoms 9
0%
Romance of the Three Kingdoms Touch
0%
Room Smash
0%
Rory Mcllroy PGA Tour
0%
Rovio Classics Angry Birds
0%
RPG Maker
0%
RPG Maker 2000
0%
RPG Maker 2003
0%
RPG Maker 95
0%
RPG Maker Fes
0%
RPG Maker MV
0%
RPG Maker MZ
0%
RPG Maker Unite
0%
RPG Maker VX
0%
RPG Maker VX Ace
0%
RPG Maker XP
0%
RPG Tsukuru Dante 98
0%
RPG Tsukuru Super Dante
0%
R Racing Evolution
0%
Rubber Bandits
0%
Rubber Hose Rampage
0%
Rugby League
0%
Rugby League 2
0%
Rugby League 2 World Cup Edition
0%
Rugby League 3
0%
Rugby League Challenge
0%
Rugby League Live
0%
Rugby League Live 2
0%
Rugby League Live 2 Gold Edition
0%
Rugby League Live 3
0%
Rugby League Live 4
0%
Rugby League Live 4 World Cup Edition
0%
Rugby League Live 5
0%
Ruiner
0%
Run Sackboy Run
0%
Rusty's Real Deal Baseball
0%
Rytlock's Critter Rampage
0%
Sackboy's Prehistoric Moves
0%
Sacred Citadel
0%
Saints Row
0%
Saints Row 2
0%
Saints Row 4
0%
Saints Row Gat Out of Hell
0%
Saints Row The Third
0%
Salamander
0%
Salamander 2
0%
Sam and Max Beyond Time and Space
0%
Sam and Max Beyond Time and Space Remastered
0%
Sam and Max Save the World
0%
Sam and Max Save the World Remastered
0%
Sam and Max The Devil's Playhouse
0%
Sam and Max The Devil's Playhouse Remastered
0%
Sam and Max This Time It's Virtual
0%
Samba De Amigo
0%
Samba de Amigo Party-To-Go
0%
Sandiego Inc
0%
Saturn Bomberman
0%
Saturn Bomberman Fight
0%
Scene It Box Office Smash
0%
Scene It Lights Camera Action
0%
Schim
0%
Schoolgirl Strikers
0%
Schoolgirl Strikers Twinkle Melodies
0%
Science Blaster Jr
0%
Scorn
0%
SCP The Foundation
0%
Scramble
0%
Scribblenauts Collection
0%
Scribblenauts Mega Pack
0%
Scribblenauts Remix
0%
Scribblenauts Showdown
0%
Scribblenauts Unlimited
0%
Scribblenauts Unmasked
0%
Scrubby Daddy Saga
0%
SD F-1 Grand Prix
0%
SD Gundam Over Galaxian
0%
Seaman
0%
Seaman 2
0%
Secret Agent Clank
0%
Security Breach Fury's Rage
0%
Sedecordle
0%
seesaw
0%
Sega Ages
0%
Sega Ages 2500
0%
Sega Ages Online
0%
SEGA Ages Sonic the Hedgehog
0%
Sega All Star Battle
0%
Sega Bass Fishing
0%
Sega Bass Fishing 2
0%
Sega Bass Fishing Duel
0%
Sega Marine Fishing
0%
Sega Rally 2
0%
Sega Rally 2006
0%
Sega Rally 3
0%
Sega Rally Championship
0%
Sega Rally Online Arcade
0%
Sega Rally Revo
0%
Sega Superstars
0%
Sega Superstars Tennis
0%
Sega Vintage Collection
0%
Sensible Golf
0%
Sensible Soccer 2006
0%
Sensible Soccer 92 93
0%
Sensible Soccer '98
0%
Sensible Soccer European Champions
0%
Sensible Soccer European Club Edition
0%
Sensible Soccer International Edition
0%
Sensible Soccer Mobile
0%
Sensible Soccer Skillz
0%
Sensible World of Soccer
0%
Sensible World of Soccer 95-96
0%
Sensible World of Soccer 96-97
0%
Sensible World of Soccer 97-98
0%
Sensible World of Soccer 97-98 World Cup Edition
0%
Sensible World of Soccer European Championship Edition
0%
Serious Sam 2
0%
Serious Sam 3 BFE
0%
Serious Sam 4
0%
Serious Sam Advance
0%
Serious Sam Double D
0%
Serious Sam Kamikaze Attack
0%
Serious Sam Next Encounter
0%
Serious Sam's Bogus Detour
0%
Serious Sam Siberian Mayhem
0%
Serious Sam The First Encounter
0%
Serious Sam The Greek Encounter
0%
Serious Sam The Random Encounter
0%
Serious Sam The Second Encounter
0%
Serious Sam Tormental
0%
Serious Sam VR The Last Hope
0%
Shadow of the Tomb Raider
0%
Shadows Over Loathing
0%
Shaken but Not Stirred
0%
Shank
0%
Shank 2
0%
Shantae Advance Risky Revolution
0%
Shantae and the Pirate's Curse
0%
Shantae and the Seven Sirens
0%
Shantae Risky's Revenge
0%
Shariki
0%
Shenmue 1 and 2
0%
Shenmue City
0%
Sherlock Holmes and the Hound of the Baskervilles
0%
Sherlock Holmes and the Mystery of Osborne House
0%
Sherlock Holmes Chapter One
0%
Sherlock Holmes Crimes and Punishments
0%
Sherlock Holmes The Awakened
0%
Sherlock Holmes The Case of the Silver Earring
0%
Sherlock Holmes The Devil's Daughter
0%
Sherlock Holmes The Mystery of the Frozen City
0%
Sherlock Holmes The Mystery of the Mummy
0%
Sherlock Holmes The Mystery of the Persian Carpet
0%
Sherlock Holmes Versus Arsene Lupin
0%
Sherlock Holmes Versus Jack the Ripper
0%
Shifters
0%
Shoot Away
0%
Shoot Away 2
0%
Shoot Away Pro
0%
Shoot-'Em-Up Construction Kit
0%
Shooty Skies
0%
Shovel Knight Plague of Shadows
0%
Shovel Knight Specter of Torment
0%
Shrek 2 Activity Center Twisted Fairy Tale Fun
0%
Shrek 2 Beg for Mercy
0%
Shrek 2 Ogre Bowler
0%
Shrek 2 Team Action
0%
Shrek 2 The Adventure of Puss in Boots
0%
Shrek 2 Trivia
0%
Shrek Alarm
0%
Shrek Disarming Charming
0%
Shrek Double Trouble
0%
Shrek Dragon's Tale
0%
Shrek Extra Large
0%
Shrek Fairy Godmother's Revenge
0%
Shrek Fairy Tale Freakdown
0%
Shrek Fiona's Rescue
0%
Shrek Forever After
0%
Shrek Game Land Activity Center
0%
Shrek Hassle at the Castle
0%
Shrek Imperial Peril
0%
Shrek Jumble Rumble
0%
Shrek Kart
0%
Shrek n' Roll
0%
Shrek Ogres and Dronkeys
0%
Shrek Party
0%
Shrek Reekin' Havoc
0%
Shrek's Carnival Craze
0%
Shrek's Fairytale Kingdom
0%
Shrek Smash n' Crash Racing
0%
Shrek Super Party
0%
Shrek SuperSlam
0%
Shrek Swamp Fun with Early Math
0%
Shrek Swamp Fun with Phonics
0%
Shrek Swamp Kart Speedway
0%
Shrek the Third
0%
Shrek the Third Arthur's School Day Adventure
0%
Shrek the Third The Search for Arthur
0%
Shrek Treasure Hunt
0%
Shuffle Cats
0%
Sid Meier's Railroads
0%
Sid Meier's SimGolf
0%
Sigil
0%
Silent Hill Ascension
0%
Silent Hill Orphan
0%
Silent Hill Orphan 2
0%
Silent Hill Orphan 3
0%
Silent Hill The Arcade
0%
Silent Hill The Escape
0%
Silent Line Armored Core
0%
Silkbulb Test
0%
Silpheed
0%
Silpheed Alternative Menace From Beyond the Stars
0%
Silpheed The Lost Planet
0%
Silver Surfer
0%
SimAnt
0%
SimCity 3000
0%
SimCity 4
0%
SimCity 64
0%
SimCity Buildit
0%
SimCity Creator
0%
SimCity DS
0%
SimCity DS 2
0%
SimCity Social
0%
SimCity Societies
0%
SimCoaster
0%
SimCopter
0%
SimEarth
0%
SimFarm
0%
SimGolf
0%
SimHealth
0%
SimIsle
0%
SimLife
0%
SimPark
0%
SimRefinery
0%
SimSafari
0%
Sim Theme Park
0%
SimTower
0%
SimTown
0%
SimTunes
0%
Skateball
0%
Skate It
0%
Skate Jam
0%
Skitchin'
0%
Skullgirls 2nd Encore
0%
Sky Burger
0%
Skylanders Battlecast
0%
Skylanders Battlegrounds
0%
Skylanders Cloud Patrol
0%
Skylanders Collection Vault
0%
Skylanders Lost Islands
0%
Skylanders Ring of Heroes
0%
Skylanders Superchargers Racing
0%
Skylanders Universe
0%
Slashy Souls
0%
Slay the Spire 2
0%
Slider Scouts
0%
Slime Mori Mori Dragon Quest
0%
Slime Mori Mori Dragon Quest 3
0%
Slitherio
0%
Slope 2
0%
Sly 2 Band of Thieves
0%
Sly 3 Honor Among Thieves
0%
Sly Cooper and the Thievius Raccoonus
0%
Sly Cooper Thieves in Time
0%
Smash Dude
0%
Snail Bob
0%
Snail Bob 2
0%
Snail Bob 3
0%
Snail Bob 4
0%
Snail Bob 5
0%
Snail Bob 6
0%
Snail Bob 7
0%
Snail Bob 8
0%
Snail Bob Mobile
0%
Snail Bob Mobile 2
0%
Snakeio
0%
Snake Rattle 'n' Roll
0%
Sneak King
0%
Sneaky Sasquatch
0%
Sneaky Snakes
0%
SNK vs Capcom Card Fighters Clash
0%
SNK vs Capcom SVC Chaos
0%
SNK vs Capcom The Match of the Millennium
0%
Snoopy Tennis
0%
SOCOM 2
0%
SOCOM 3
0%
SOCOM 4
0%
SOCOM Combined Assault
0%
SOCOM Confrontation
0%
SOCOM Fireteam Bravo
0%
SOCOM Fireteam Bravo 2
0%
SOCOM Fireteam Bravo 3
0%
SOCOM Tactical Strike
0%
SOCOM U.S. Navy SEALs
0%
Solar Assault
0%
Solar Jetman
0%
Solar Smash
0%
Solar Smash 2D
0%
Soldam
0%
Soldier of Fortune
0%
Soldier of Fortune 2 Double Helix
0%
Soldier of Fortune Gold Edition
0%
Soldier of Fortune Online
0%
Soldier of Fortune Payback
0%
Solitaire Stories
0%
Solvalou
0%
Sometimes You Die
0%
Song of Bloom
0%
Songs of Conquest
0%
Sonic Athletics
0%
Sonic Billiards
0%
Sonic Bowling
0%
Sonic Cosmo Fighter Galaxy Patrol
0%
Sonic Eraser
0%
Sonic Fishing
0%
Sonic Golf
0%
Sonic Jump 2
0%
Sonic Kart 3D X
0%
Sonic Labyrinth
0%
Sonic Pinball Party
0%
Sonic Popcorn Shop
0%
Sonic Prime Dash
0%
Sonic Racing Kart
0%
Sonic Racing Shift Up
0%
Sonic Rivals
0%
Sonic Rivals 2
0%
Sonic's Casino Poker
0%
Sonic Shuffle
0%
Sonic Speed DX
0%
Sonic Speed Simulator
0%
Sonic's Schoolhouse
0%
Sonic Tennis
0%
Sonic the Hedgehog's Gameworld
0%
Sorcerian
0%
South Park Phone Destroyer
0%
South Park Snow Day
0%
South Park The Fractured But Whole
0%
Soviet Strike
0%
Space Channel 5 VR Kinda Funky News Flash
0%
Space Duel
0%
Space Galaga
0%
Space Invaders 90
0%
Space Invaders '95 The Attack of Lunar Loonies
0%
Space Invaders Collection
0%
Space Invaders Counter Attack
0%
Space Invaders CX
0%
Space Invaders DX
0%
Space Invaders Evolution
0%
Space Invaders Extreme
0%
Space Invaders Extreme 2
0%
Space Invaders Frenzy
0%
Space Invaders Fukkatsu no Hi
0%
Space Invaders Get Even
0%
Space Invaders Gigamax
0%
Space Invaders Hidden Heroes
0%
Space Invaders Infinity Gene
0%
Space Invaders Part 2
0%
Space Invaders Pinball
0%
Space Invaders Revolution
0%
Space Invaders The Beat Attacker
0%
Space Invaders World Defense
0%
Space Invaders World War
0%
Space Invaders x Pac-Man
0%
Space Raiders
0%
Spades
0%
Spartan X 2
0%
Speedball
0%
Speedball 2 Brutal Deluxe
0%
SpeedRunners
0%
Spellbound Dizzy
0%
Spelling Blaster
0%
SpellTower
0%
Spider-Man 2 Enter Electro
0%
Spider-Man 2 The Sinister Six
0%
Spider-Man and the X-Men in Arcade's Revenge
0%
Spider-Man and Venom Maximum Carnage
0%
Spider-Man Battle for New York
0%
Spider-Man Far From home Virtual Reality Experience
0%
Spider-Man Friend or Foe
0%
Spider-Man Homecoming Virtual Reality Experience
0%
Spider-Man Mysterio's Menace
0%
Spider-Man Return of the Sinister Six
0%
Spider-Man Sinister Six
0%
Spider-Man The Video Game
0%
Spider-Man vs The Kingpin
0%
Spirit Camera
0%
Spiritfarer
0%
Spiritfarer Farewell Edition
0%
Splashdown
0%
Splashdown Rides Gone Wild
0%
'Splosion Man
0%
SpongeBob Adventures In a Jam
0%
SpongeBob and Friends Attack of the Toybots
0%
SpongeBob and Friends Battle for Volcano Island
0%
SpongeBob Dinner Dash
0%
SpongeBob Dinner Dash Deluxe
0%
SpongeBob Dinner Dash Lite
0%
SpongeBob for iOS
0%
SpongeBob Get Cooking
0%
SpongeBob HeroPants
0%
SpongeBob Krusty Cook-Off
0%
SpongeBob Moves In
0%
SpongeBob's Atlantis SquarePantis
0%
SpongeBob's Boating Bash
0%
SpongeBob Simulator
0%
Spongebob SolitairePants
0%
SpongeBob SquarePants 3D Obstacle Odyssey
0%
SpongeBob SquarePants and Friends in Freeze Frame Frenzy
0%
SpongeBob SquarePants and Friends Unite
0%
SpongeBob SquarePants Battle for Bikini Bottom Rehydrated
0%
SpongeBob SquarePants Bowling
0%
SpongeBob SquarePants Collapse
0%
SpongeBob SquarePants Creature from the Krusty Krab
0%
SpongeBob SquarePants Darts
0%
SpongeBob SquarePants Diner Dash
0%
SpongeBob SquarePants Employee of the Month
0%
SpongeBob SquarePants featuring Nicktoons Globs of Doom
0%
SpongeBob SquarePants in Bikini Bottom Bowling
0%
SpongeBob SquarePants Legend of the Lost Spatula
0%
SpongeBob SquarePants Lights Camera Pants
0%
SpongeBob SquarePants Monopoly
0%
SpongeBob SquarePants Movin' With Friends
0%
SpongeBob SquarePants Operation Krabby Patty
0%
SpongeBob SquarePants Patty Pursuit
0%
SpongeBob SquarePants Plankton's Robotic Revenge
0%
SpongeBob SquarePants Revenge of the Flying Dutchman
0%
SpongeBob SquarePants SuperSponge
0%
SpongeBob SquarePants The Game of Life
0%
SpongeBob SquarePants The Yellow Avenger
0%
SpongeBob SquarePants Typing
0%
SpongeBob SquarePants Underpants Slam
0%
SpongeBob SquigglePants
0%
SpongeBob's Surf and Skate Roadtrip
0%
SpongeBob's Truth or Square
0%
SpongeBob's Truth or Square SpongeBob SquarePants
0%
SpongeBob vs The Big One Beach Party Cook-Off
0%
Spooky's Jump Scare Mansion
0%
Sporcle
0%
Spore Creature Creator
0%
Spore Creatures
0%
Spore Hero
0%
Spore Hero Arena
0%
Spore Origins
0%
Spyro 2 Season of Flame
0%
Spyro A Hero's Tail
0%
Spyro Attack of the Rhynocs
0%
Spyro Orange The Cortex Conspiracy
0%
Spyro Season of Ice
0%
Spyro Shadow Legacy
0%
Squaredance
0%
Squirrel Stapler
0%
Squirrel with a Gun
0%
SSX
0%
SSX 3
0%
SSX Blur
0%
SSX on Tour
0%
SSX Tricky
0%
Stack-Up
0%
S.T.A.L.K.E.R. 2 Heart of Chornobyl
0%
S.T.A.L.K.E.R. Call of Pripyat
0%
S.T.A.L.K.E.R. Clear Sky
0%
S.T.A.L.K.E.R. Shadow of Chernobyl
0%
Star Fox 64 3D
0%
Star Fox Command
0%
Star Fox Guard
0%
Star Wars Battlefront Elite Squadron
0%
Star Wars Battlefront Mobile Squadrons
0%
Star Wars Battlefront Renegade Squadron
0%
Stay Cool Kobayashi San A River City Ransom Story
0%
Steak and Jake
0%
Steak and Jake Midnight March
0%
Stick With It
0%
Sticky Terms
0%
Stitch
0%
Stone Age
0%
Strands
0%
Stranger of Paradise Final Fantasy Origin
0%
Street Fighter 2 Champion Edition
0%
Street Fighter 2 Hyper Fighting
0%
Street Fighter 2 The New Challengers
0%
Street Fighter 2 Turbo
0%
Street Fighter Duel
0%
Street Fighter The Movie
0%
Street Fighter X Mega Man
0%
Street Fighter X Tekken
0%
Street Smart
0%
Streets of Rage
0%
Streets of Rage 2
0%
Streets of Rage 3
0%
Streets of Rage 4
0%
Streets of SimCity
0%
Sucker For Love
0%
Suck Up
0%
Sugar Game
0%
Sugar Sugar
0%
Sugar Sugar 2
0%
Sugar Sugar 3
0%
Suika Game
0%
Super Adventure Rockman
0%
Super Alpine Racer
0%
Super Baseball 2020
0%
Superbike 2001
0%
Superbike World Championship
0%
Super Bomberman R Online
0%
Super Bonk
0%
Super Bubsy
0%
Super BurgerTime
0%
Super Chick Sisters
0%
Super Contra
0%
Superdimension Neptune vs Sega Hard Girls
0%
Super Dodge Ball
0%
Super Dodgeball Brawlers
0%
Super F1 Circus
0%
Super F1 Circus 2
0%
Super F1 Circus 3
0%
Super F1 Circus Gaiden
0%
Super F1 Circus Limited
0%
Super Famista
0%
Super Famista 2
0%
Super Famista 3
0%
Super Famista 4
0%
Super Famista 5
0%
Super Fancy Pants Adventure
0%
Super Genjin 2
0%
Superhot VR
0%
Super Impossible Road
0%
Super Kick Off
0%
Super Kiwi 64
0%
Super Light
0%
Superliminal
0%
Super Lucky's Tale
0%
Superman Activity Center
0%
Superman Countdown to Apokolips
0%
Superman Returns
0%
Superman Shadow of Apokolips
0%
Superman The Game
0%
Superman The Greatest Superhero
0%
Superman The Man of Steel
0%
Superman The New Adventures
0%
Super Mario Advance 2
0%
Super Mario Bros and Friends When I Grow Up
0%
Super Mario Race
0%
Super Match Soccer
0%
Super Mega Baseball
0%
Super Mega Baseball 2
0%
Super Mega Baseball 3
0%
Super Mega Baseball 4
0%
Super Mega Mini Party
0%
Super Monkey Ball 2 Sakura Edition
0%
Super Monkey Ball 3D
0%
Super Monkey Ball Adventure
0%
Super Monkey Ball Banana Blitz
0%
Super Monkey Ball Banana Blitz HD
0%
Super Monkey Ball Banana Mania
0%
Super Monkey Ball Banana Splitz
0%
Super Monkey Ball Bounce
0%
Super Monkey Ball Deluxe
0%
Super Monkey Ball Jr
0%
Super Monkey Ball Step and Roll
0%
Super Monkey Ball Ticket Blitz
0%
Super Monkey Ball Tip n' Tilt
0%
Super Monkey Ball Tip n' Tilt 2
0%
Super Monkey Ball Touch and Roll
0%
Super Neptunia RPG
0%
Super Off Road
0%
Super Off Road The Baja
0%
Super Pac-Man
0%
Super Pong
0%
Super RBI Baseball Baseball
0%
Super RC Pro-Am
0%
SuperRobo Gakuen
0%
Super Robot Taisen OG Saga Endless Frontier
0%
Super Robot Taisen OG Saga Endless Frontier Exceed
0%
Super Robot Taisen Original Generation
0%
Super Robot Taisen Original Generation 2
0%
Super Robot Wars
0%
Super Robot Wars 30
0%
Super Robot Wars 64
0%
Super Robot Wars A
0%
Super Robot Wars Alpha
0%
Super Robot Wars Alpha Gaiden
0%
Super Robot Wars BX
0%
Super Robot Wars Card Chronicle
0%
Super Robot Wars Compact
0%
Super Robot Wars Compact 2
0%
Super Robot Wars Compact 3
0%
Super Robot Wars Cross Omega
0%
Super Robot Wars D
0%
Super Robot Wars DD
0%
Super Robot Wars EX
0%
Super Robot Wars F
0%
Super Robot Wars F Final
0%
Super Robot Wars Gaiden Maso Kishin - The Lord of Elemental
0%
Super Robot Wars GC
0%
Super Robot Wars Impact
0%
Super Robot Wars J
0%
Super Robot Wars K
0%
Super Robot Wars L
0%
Super Robot Wars - Link Battler
0%
Super Robot Wars MX
0%
Super Robot Wars NEO
0%
Super Robot Wars OG Infinite Battle
0%
Super Robot Wars OG Saga Maso Kishin 2 - Revelation of Evil God
0%
Super Robot Wars OG Saga Maso Kishin 3 - Pride of Justice
0%
Super Robot Wars OG Saga Maso Kishin F - Coffin of the End
0%
Super Robot Wars OG The Moon Dwellers
0%
Super Robot Wars Operation Extend
0%
Super Robot Wars Original Generation Gaiden
0%
Super Robot Wars Original Generations
0%
Super Robot Wars R
0%
Super Robot Wars Scramble Commander
0%
Super Robot Wars Scramble Commander the 2nd
0%
Super Robot Wars T
0%
Super Robot Wars UX
0%
Super Robot Wars V
0%
Super Robot Wars W
0%
Super Robot Wars X
0%
Super Robot Wars Z
0%
Super Robot Wars Z Special Disc
0%
Super Scribblenauts
0%
Super Space Invaders '91
0%
Super Stickman Golf
0%
Super Stickman Golf 2
0%
Super Stickman Golf 3
0%
Super Street Fighter 2 Turbo HD Remix
0%
Super Street Fighter 4 3D Edition
0%
Super Technos World River City and Technos Arcade Classics
0%
Super Tetris 3
0%
Super Tofu Boy
0%
supertype
0%
Super Valis 4
0%
Super Wing Commander
0%
Super World Stadium
0%
Super World Stadium 2000
0%
Super World Stadium 2001
0%
Super World Stadium '92
0%
Super World Stadium '92 Gekitoban
0%
Super World Stadium '93
0%
Super World Stadium '95
0%
Super World Stadium '96
0%
Super World Stadium '97
0%
Super World Stadium '98
0%
Super World Stadium '99
0%
Super Xevious
0%
Super Xevious GAMP no Nazo
0%
Super Zaxxon
0%
Supra Mayro 64
0%
Supra Mayro Bross Legend of the Lost Kingdom
0%
Supra Mayro Kratt
0%
Surgeon Simulator 2
0%
Survive Mola Mola
0%
SVC Card Fighters 2 Expand Edition
0%
SVC Card Fighters DS
0%
Swamp Attack
0%
Swamp Attack 2
0%
Swapnote
0%
Swordquest Airworld
0%
Swordquest Earthworld
0%
Swordquest Fireworld
0%
Swordquest Waterworld
0%
Swords of Xeen
0%
Syd of Valis
0%
Syndicate
0%
Syndicate Wars
0%
System Shock
0%
System Shock 2
0%
System Shock 2 Enhanced Edition
0%
System Shock 3
0%
System Shock Enhanced Edition
0%
Taco Bell Tasty Temple Challenge
0%
Tactics Ogre
0%
Tactics Ogre The Knight of Lodis
0%
Taiko no Tatsujin Pop Tap BeatSpades
0%
Tails and the Music Maker
0%
Tak 2 The Staff of Dreams
0%
Tak and the Power of Juju
0%
Tak The Great Juju Challenge
0%
Tales From the Borderlands
0%
Tales of Monkey Island
0%
Talking Angela Color Splash
0%
Talking Bacteria John, John, and John
0%
Talking Gina the Giraffe
0%
Talking Ginger
0%
Talking Ginger 2
0%
Talking Jump Up
0%
Talking Larry
0%
Talking Lila
0%
Talking Pierre
0%
Talking Rex
0%
Talking Roby
0%
Talking Santa
0%
Talking Santa meets Ginger
0%
Talking Tom Bubble Shooter
0%
Talking Tom Cake Jump
0%
Talking Tom Camp
0%
Talking Tom Candy Run
0%
Talking Tom Fun Fair
0%
Talking Tom Gold Run
0%
Talking Tom Hero Dash
0%
Talking Tom Jetski
0%
Talking Tom Jetski 2
0%
Talking Tom Pool
0%
Talking Tom Splash Force
0%
Talking Tom Time Rush
0%
Tap My Katamari
0%
TD Overdrive The Brotherhood Speed
0%
Team Kirby Clash Deluxe
0%
Tecmo Bowl
0%
Tecmo Bowl Kickoff
0%
Tecmo Bowl Throwback
0%
Tecmo Cup
0%
Tecmo Super Bowl
0%
Tecmo Super Bowl 2
0%
Tecmo Super Bowl 3 Final Edition
0%
Tecmo World Cup Soccer
0%
Teenage Mutant Hero Turtles
0%
Teenage Mutant Hero Turtles Four for Four
0%
Teenage Mutant Ninja Turtles 2 Back from the Sewers
0%
Teenage Mutant Ninja Turtles 2 Battle Nexus
0%
Teenage Mutant Ninja Turtles 2 Splinter Speaks
0%
Teenage Mutant Ninja Turtles 3 Mutant Nightmare
0%
Teenage Mutant Ninja Turtles 3 Radical Rescue
0%
Teenage Mutant Ninja Turtles 3 Shredder's Last Stand
0%
Teenage Mutant Ninja Turtles 3 The Manhattan Project
0%
Teenage Mutant Ninja Turtles Arcade Attack
0%
Teenage Mutant Ninja Turtles Arcade Wrath of the Mutants
0%
Teenage Mutant Ninja Turtles Basketball
0%
Teenage Mutant Ninja Turtles Battle for the City
0%
Teenage Mutant Ninja Turtles Battle Match
0%
Teenage Mutant Ninja Turtles Danger of the Ooze
0%
Teenage Mutant Ninja Turtles Dimension X Assault
0%
Teenage Mutant Ninja Turtles Fall of the Foot Clan
0%
Teenage Mutant Ninja Turtles Fast Forward Ninja Training NYC
0%
Teenage Mutant Ninja Turtles Legends
0%
Teenage Mutant Ninja Turtles Manhattan Missions
0%
Teenage Mutant Ninja Turtles Mutant Madness
0%
Teenage Mutant Ninja Turtles Mutant Rumble
0%
Teenage Mutant Ninja Turtles Mutants and Monsters Mayhem
0%
Teenage Mutant Ninja Turtles Mutants in Manhattan
0%
Teenage Mutant Ninja Turtles Mutants Unleashed
0%
Teenage Mutant Ninja Turtles Pizza Drop
0%
Teenage Mutant Ninja Turtles Portal Power
0%
Teenage Mutant Ninja Turtles Rooftop Run
0%
Teenage Mutant Ninja Turtles Smash-Up
0%
Teenage Mutant Ninja Turtles The Cowabunga Collection
0%
Teenage Mutant Ninja Turtles The Last Ronin
0%
Teenage Mutant Ninja Turtles The Ninja Tribunal
0%
Teenage Mutant Ninja Turtles Tournament Fighters
0%
Teenage Mutant Ninja Turtles Training Lair
0%
Teenage Mutant Ninja Turtles Turtles in Time Re-Shelled
0%
Teenage Mutant Ninja Turtles Way of the Warrior
0%
Teenage Mutant Ninja Turtles World Tour
0%
Tehkan World Cup
0%
Tekken Dark Resurrection
0%
Terry's Wonderland 3D
0%
Terry's Wonderland Retro
0%
Terry's Wonderland SP
0%
Test Drive 2001
0%
Test Drive 3 The Passion
0%
Test Drive 4
0%
Test Drive 4X4
0%
Test Drive 5
0%
Test Drive Cycles
0%
Test Drive Eve of Destruction
0%
Test Drive Ferrari Racing Legends
0%
Test Drive Le Mans
0%
Test Drive Off-Road
0%
Test Drive Off-Road 3
0%
Test Drive Off-Road Wide Open
0%
Test Drive Unlimited 2
0%
Test Drive V-Rally
0%
Tetris 2 Bombliss
0%
Tetris 4D
0%
Tetris 64
0%
Tetris and Dr Mario
0%
Tetris Battle Gaiden
0%
Tetris Blast
0%
Tetris Classic
0%
Tetris DX
0%
Tetris Jr
0%
Tetrisphere
0%
Tetris Plus 2
0%
Tetris S
0%
The 3rd Birthday
0%
The Adventures of Batman and Robin
0%
The Adventures of Batman and Robin Activity Center
0%
The Adventures of Batman and Robin Cartoon Maker
0%
The Amazing Spider-Man 3 Invasion of the Spider-Slayers
0%
The Amazing Spider-Man and Captain America in Dr Doom's Revenge
0%
The Amazing Spider-Man Lethal Foes
0%
The Amazing Spider-Man Web of Fire
0%
The Astonishing New Records of Nekketsu Portable Gold Medal
0%
Theatrhythm Final Bar Line
0%
Theatrhythm Final Fantasy
0%
Theatrhythm Final Fantasy All-Star Carnival
0%
Theatrhythm Final Fantasy Curtain Call
0%
The Awesome Adventures of Captain Spirit
0%
The Baconing
0%
The Banner Saga
0%
The Banner Saga 2
0%
The Banner Saga 3
0%
The Banner Saga Factions
0%
The Baseball Tale of Downtown Nekketsu
0%
The Battle Cats POP
0%
The Battle Cats Unite
0%
The Bureau XCOM Declassified
0%
The Burgle Cats
0%
The Classic Lotus Trilogy
0%
The Climb
0%
The Climb 2
0%
The Coffin of Andy and Leyley
0%
The Conduit
0%
The Curse of Monkey Island
0%
The Dark Prince
0%
The Death and Return of Superman
0%
The Duel Test Drive 2
0%
The Elder Scrolls Blades
0%
The Escapists
0%
The Escapists 2
0%
The Expendables 8-Bit
0%
The Fancy Pants Adventures Classic Pack
0%
The F.A. Premier League Football Manager 2000
0%
The F.A. Premier League Football Manager 2001
0%
The F.A. Premier League Football Manager 2002
0%
The F.A. Premier League Football Manager 99
0%
The Flintstones BurgerTime in Bedrock
0%
The Golf Club
0%
The Golf Club 2
0%
The Golf Club 2019 featuring PGA Tour
0%
The Great Ace Attorney 2 Resolve
0%
The Great Ace Attorney Adventures
0%
The Incredible Hulk The Pantheon Saga
0%
The Incredible Hulk Ultimate Destruction
0%
The Invincible Iron Man
0%
The Itchy and Scratchy Game
0%
The Lab
0%
The Last of Us Left Behind
0%
The Last of Us Part 1
0%
The Legendary Starfy
0%
The Legend of Kage
0%
The Legend of Kage 2
0%
The Legend of Xanadu
0%
The Legend of Zelda: A Link to the Past and Four Swords
0%
The Legend of Zelda: Game Watch
0%
The Legend of Zelda: Link's Awakening DX
0%
The Legend of Zelda: Tri Force Heroes
0%
The LEGO Batman Movie Game
0%
The LEGO Movie 2 Videogame
0%
The Living Daylights
0%
The Long Drive
0%
The Mortuary Assistant
0%
The Original Nekketsu Tough Guy Kunio
0%
The Plucky Squire
0%
The Political Machine
0%
The Political Machine 2008
0%
The Political Machine 2012
0%
The Political Machine 2016
0%
The Political Machine 2020
0%
The Political Machine 2024
0%
The Political Machine Express 2008
0%
The Punisher
0%
The Punisher No Mercy
0%
The Punisher The Ultimate Payback
0%
The Revenge of Shinobi
0%
The Rising of Gourb
0%
The Rogue Prince of Persia
0%
The Room
0%
The Room Old Sins
0%
The Room Three
0%
The Room Two
0%
The Room VR A Dark Matter
0%
The Secret of Monkey Island
0%
The Secret of Monkey Island Special Edition
0%
The Simpsons Arcade
0%
The Simpsons Bowling
0%
The Simpsons Cartoon Studio
0%
The Simpsons Game
0%
The Simpsons Skateboarding
0%
The Simpsons Tapped Out
0%
The Simpsons Wrestling
0%
The Sims Bowling
0%
The Sims Bustin' Out
0%
The Sims Carnival
0%
The Sims DJ
0%
The Sims FreePlay
0%
The Sims Medieval
0%
The Sims Mobile
0%
The Sims Online
0%
The Sims Pool
0%
The Sims Social
0%
The Sly Collection
0%
The SpongeBob SquarePants Movie
0%
The Testament of Sherlock Holmes
0%
The Tower Assassin's Creed
0%
The Transformers Mystery of Convoy
0%
The Ultimate Doom
0%
The Uncanny X-Men
0%
The Under Presents
0%
The Urbz Sims in the City
0%
The Walking Dead Michonne
0%
The Walking Dead Season One
0%
The Walking Dead Season Two
0%
The Walking Dead The Telltale Definitive Series
0%
The Watson-Scott Test
0%
The Westport Independent
0%
The Witcher Adventure Game
0%
The Witcher Battle Arena
0%
The Witcher Crimson Trail
0%
The Witcher Monster Slayer
0%
The World is Not Enough
0%
The World's Hardest Game 2
0%
The World's Hardest Game 3
0%
The World's Hardest Game 4
0%
Thief Simulator
0%
Thief Simulator 2
0%
This is Football
0%
This is Football 2
0%
This is Football 2002
0%
This is Football 2003
0%
This is Football 2004
0%
This is Football 2005
0%
This is Football Management
0%
Thor God of Thunder
0%
Thor Son of Asgard
0%
Thor The Dark World The Official Game
0%
Throne and Liberty
0%
Thronebreaker The Witcher Tales
0%
Thumpies
0%
Tibia
0%
Tick Tock A Tale for Two
0%
Tifa Tan X
0%
Tifa Tan X2
0%
Tiger Woods 99 PGA Tour Golf
0%
Tiki Tag
0%
Time Crisis Project Titan
0%
Time Crisis Razing Storm
0%
Tingle's Balloon Fight
0%
Tingus Goose
0%
Tinkerbox
0%
Tinkle Pit
0%
Tiny Racer
0%
Tiny Tina's Wonderlands
0%
Tiny Wings
0%
TMNT Mutant Melee
0%
TMNT Ninja Adventures
0%
TMNT The Power of 4
0%
TMNT The Shredder Reborn
0%
Tobal
0%
Tobal 2
0%
Tobal M
0%
TOCA 2 Touring Cars
0%
TOCA Race Driver
0%
TOCA Race Driver 2
0%
TOCA Race Driver 3
0%
TOCA Touring Car Championship
0%
TOCA World Touring Cars
0%
TOEM 2
0%
Tokyo Mirage Sessions FE
0%
Tokyo Mirage Sessions FE Encore
0%
Tomb Raider Anniversary
0%
Tomb Raider Apocalypse Episode 1 The Eye of Osiris
0%
Tomb Raider Apocalypse Episode 2 The Shadow Falls
0%
Tomb Raider Apocalypse Episode 3 The Last Midnight
0%
Tomb Raider Curse of the Sword
0%
Tomb Raider Elixir of Life
0%
Tomb Raider Legend
0%
Tomb Raider Puzzle Paradox
0%
Tomb Raider Quest for Cinnabar
0%
Tomb Raider Reloaded
0%
Tomb Raider The Action Adventure
0%
Tomb Raider The Angel of Darkness
0%
Tomb Raider The Last Revelation
0%
Tomb Raider The Osiris Codex
0%
Tomb Raider The Prophecy
0%
Tomb Raider The Temple of Anubis
0%
Tomb Raider Underworld
0%
Tom Clancy's EndWar Online
0%
Tom Clancy's Ghost Recon Phantoms
0%
Tom Clancy's Ghost Recon Predator
0%
Tom Clancy's Ghost Recon Shadow Wars
0%
Tom Clancy's Rainbow 6 Patriots
0%
Tom Clancy's Rainbow Six 3 Raven Shield
0%
Tom Clancy's Rainbow Six Broken Wing
0%
Tom Clancy's Rainbow Six Critical Hour
0%
Tom Clancy's Rainbow Six Extraction
0%
Tom Clancy's Rainbow Six Lockdown
0%
Tom Clancy's Rainbow Six Lone Wolf
0%
Tom Clancy's Rainbow Six Mobile
0%
Tom Clancy's Rainbow Six Rogue Spear
0%
Tom Clancy's Rainbow Six Shadow Vanguard
0%
Tom Clancy's Rainbow Six Take-Down
0%
Tom Clancy's Rainbow Six Urban Crisis
0%
Tom Clancy's Splinter Cell Essentials
0%
Tom Clancy's The Division
0%
Tom Clancy's The Division 2
0%
Tom Clancy's The Division Heartland
0%
Tom Clancy's The Division Resurgence
0%
Tom Clancy's XDefiant
0%
Tom Loves Angela
0%
Tomodachi Collection New Life
0%
Tomorrow Never Dies
0%
Tom's Love Letters
0%
Tony Hawk Ride
0%
Tony Hawk's Downhill Jam
0%
Tony Hawk Shred
0%
Tony Hawk's Motion
0%
Tony Hawk's Pro Skater 1 and 2
0%
Tony Hawk's Pro Skater 2x
0%
Tony Hawk's Pro Skater HD
0%
Tony Hawk's Proving Ground
0%
Tony Hawk's Shred Session
0%
Tony Hawk Vert
0%
Toontown Online
0%
Top Gear
0%
Top Gear 2
0%
Top Gear 3000
0%
Top Gear Dare Devil
0%
Top Gear Hyper-Bike
0%
Top Gear Overdrive
0%
Top Gear Rally
0%
Top Gear Rally 2
0%
Top Gear RPM Tuning
0%
Top Spin
0%
Top Spin 2
0%
TopSpin 2K25
0%
Top Spin 3
0%
Top Spin 4
0%
Total Annihilation
0%
Total Club Manager 2003
0%
Total Club Manager 2004
0%
Total Club Manager 2005
0%
Totally Reliable Adventure Party
0%
Totally Reliable Delivery Service
0%
Touch My Katamari
0%
Tower of Saviors
0%
Track and Field
0%
Track and Field 2
0%
Train Simulator
0%
Train Simulator Plus
0%
Train Simulator Real
0%
Transformers Animated The Chase
0%
Transformers Animated The Game
0%
Transformers Animated The Shooting
0%
Transformers Autobots
0%
Transformers Battlegrounds
0%
Transformers Beast Wars Transmetals
0%
Transformers Cybertron Adventures
0%
Transformers Dark of the Moon
0%
Transformers Dark of the Moon Autobots
0%
Transformers Dark of the Moon Decepticons
0%
Transformers Dark of the Moon Stealth Force Edition
0%
Transformers Decepticons
0%
Transformers Earthspark - Expedition
0%
Transformers Earth Wars
0%
Transformers Fall of Cybertron
0%
Transformers Forged to Fight
0%
Transformers G1 Awakening
0%
Transformers Heavy Metal
0%
Transformers Human Alliance
0%
Transformers Online
0%
Transformers Prime - The Game
0%
Transformers Reactivate
0%
Transformers Revenge of the Fallen
0%
Transformers Revenge of the Fallen Autobots
0%
Transformers Revenge of the Fallen Decepticons
0%
Transformers Rise of the Dark Spark
0%
Transformers The Battle to Save the Earth
0%
Transformers The Game
0%
Transformers The Headmasters
0%
Transformers Universe
0%
Transformers War for Cybertron
0%
Transformers War for Cybertron Autobots
0%
Transformers War for Cybertron Decepticons
0%
Treasure Island Dizzy
0%
Triple Play 2000
0%
Triple Play 2001
0%
Triple Play 2002
0%
Triple Play 96
0%
Triple Play 97
0%
Triple Play 98
0%
Triple Play 99
0%
Triple Play Baseball
0%
Trivia Crack
0%
Trojan
0%
Troll and I
0%
Troll Face Quest Classic
0%
Troll Face Quest Game of Trolls
0%
Troll Face Quest Horror
0%
Troll Face Quest Horror 2
0%
Troll Face Quest Internet Memes
0%
Troll Face Quest Silly Test
0%
Troll Face Quest Sports
0%
Troll Face Quest Stupidella and Failman
0%
Troll Face Quest TV Shows
0%
Troll Face Quest USA Adventure
0%
Troll Face Quest USA Adventure 2
0%
Troll Face Quest Video Games
0%
Troll Face Quest Video Games 2
0%
Troll Face Quest Video Memes
0%
Trolls Pop
0%
Trove
0%
Tube Slider
0%
Tumblebugs
0%
Tumblebugs 2
0%
Tunic
0%
Tuper Tario Tros
0%
Turbo Esprit
0%
TwinBee 3 Poko Poko Daimao
0%
TwinBee Da
0%
TwinBee JG
0%
TwinBee Paradise in Donburishima
0%
TwinBee RPG
0%
TwinBee Taisen Puzzle Drama
0%
TwinBee Yahho
0%
Twin Qix
0%
Twisted Metal Black Online
0%
Twisted Metal Small Brawl
0%
Twitter Assassination Experience
0%
Two Dots
0%
Typing Jet
0%
Ty the Tasmanian Tiger 2 Bush Rescue
0%
Ty the Tasmanian Tiger 3 Night of the Quinkan
0%
Ty the Tasmanian Tiger 4
0%
Ty the Tasmanian Tiger Boomerang Blast
0%
UFO 50
0%
UFO Enemy Unknown
0%
UK Truck Simulator
0%
Ultima 1
0%
Ultima 2
0%
Ultima 3
0%
Ultima 4
0%
Ultima 5
0%
Ultima 6
0%
Ultima 7
0%
Ultima 7 Part Two
0%
Ultima 8
0%
Ultima 9
0%
Ultimate Chicken Horse
0%
Ultimate NES Remix
0%
Ultimate Sackboy
0%
Ultimate Spider-Man Total Mayhem
0%
Ultra Kaijou Monster Rancher
0%
Ultra Pong
0%
Ultra Street Fighter 2 The Final Challengers
0%
Umbrella Corps
0%
Uncanny X-Men Days of Future Past
0%
Uncharted Among Thieves
0%
Uncharted Fight for Fortune
0%
Uncharted Fortune Hunter
0%
Uncharted Golden Abyss
0%
Uncharted Legacy of Thieves Collection
0%
Uncharted The Lost Legacy
0%
Uncharted The Nathan Drake Collection
0%
Undertow
0%
Uno Rush
0%
Unpacking
0%
Unravel Two
0%
Unreal
0%
Unreal 2 The Awakening
0%
Unreal Championship
0%
Unreal Championship 2 The Liandri Conflict
0%
Unreal Tournament
0%
Unreal Tournament 2003
0%
Unreal Tournament 2004
0%
Unreal Tournament 3
0%
Urban Champion
0%
Urban Strike
0%
Urge
0%
Uridium
0%
Uridium 2
0%
Uru Ages Beyond Myst
0%
Usual June
0%
Vacation Simulator
0%
Valheim
0%
Valis 2
0%
Valis 3
0%
Valis 4
0%
Valis The Fantasm Soldier
0%
Valis X
0%
Valkyria Chronicles
0%
Valkyria Chronicles 2
0%
Valkyria Chronicles 3
0%
Valkyria Chronicles 4
0%
Valkyria Chronicles D
0%
Valkyria Revolution
0%
Valkyrie no Densetsu
0%
Vampire Killer
0%
Vandal Hearts
0%
Vandal Hearts 2
0%
Vandal Hearts Flames of Judgment
0%
Venom Spider-Man Separation Anxiety
0%
Vertex
0%
Verticow
0%
Very Little Nightmares
0%
Vib-Ribbon
0%
Vib-Ripple
0%
Viewtiful Joe Double Trouble
0%
Viewtiful Joe Red Hot Rumble
0%
Vigilante 8
0%
Vigilante 8 2nd Offense
0%
Vigilante 8 Arcade
0%
Violence Fight
0%
Virtua Cop 3
0%
Virtua Fighter 10th Anniversary
0%
Virtua Fighter 2.1
0%
Virtua Fighter 5
0%
Virtua Fighter Animation
0%
Virtua Fighter CG Portrait
0%
Virtua Fighter Cool Champ
0%
Virtua Fighter Fever Combo
0%
Virtua Fighter Kids
0%
Virtua Fighter Remix
0%
Virtual Bart
0%
Virtual Boy Wario Land
0%
Virtual On Cyber Troopers
0%
Virtual Rabbids The Big Plan
0%
Virtual Springfield
0%
Virtual, Virtual Reality
0%
Virtual Virtual Reality 2
0%
Virtua Quest
0%
Virtua Striker
0%
Virtua Striker 2
0%
Virtua Striker 3
0%
Virtua Striker 4
0%
Virtua Tennis
0%
Virtua Tennis 2
0%
Virtua Tennis 2009
0%
Virtua Tennis 3
0%
Virtua Tennis 4
0%
Virtua Tennis Challenge
0%
Virtua Tennis World Tour
0%
Viva Pinata Party Animals
0%
Viva Pinata Pocket Paradise
0%
Viva Pinata Trouble in Paradise
0%
Voice Fantasy
0%
Volfied
0%
Volgarr the Viking
0%
Volgarr the Viking 1 and 2 Bundle
0%
Volgarr the Viking 2
0%
V-Rally
0%
V-Rally 2
0%
V-Rally 3
0%
V-Rally 4
0%
V Rising
0%
VS Bomberman
0%
Vs Excitebike
0%
VS Ice Climber
0%
VS Super Mario Bros
0%
V-Tetris
0%
Wandersong
0%
Wanted!
0%
Wario Blast
0%
Wario Master of Disguise
0%
WarioWare D.I.Y. Showcase
0%
WarioWare Mega Party Games
0%
WarioWare Snapped
0%
War of the Visions Final Fantasy Brave Exvius
0%
Warped Kart Racers
0%
Warriors of Might and Magic
0%
Watermelon Game
0%
Wave Race
0%
Wave Race 64
0%
Wave Race Blue Storm
0%
WBSC eBaseball Power Pros
0%
Webfishing
0%
Well
0%
Welltris
0%
We Love Katamari
0%
We Love Katamari Reroll Royal Reverie
0%
West of Loathing
0%
What Beats Rock
0%
WHAT THE BAT
0%
WHAT THE CAR
0%
Where in America's Past Is Carmen Sandiego
0%
Where in Europe Is Carmen Sandiego
0%
Where in Hell Is Carmen Sandiego
0%
Where in North Dakota Is Carmen Sandiego
0%
Where in Space Is Carmen Sandiego
0%
Where in the USA Is Carmen Sandiego
0%
Where in the World Is Carmen Sandiego
0%
Where in the World Is Carmen Sandiego 3 New Carmen Adventure
0%
Where in the World Is Carmen Sandiego's Luggage
0%
Where in the World Is Carmen Sandiego The Trivia Game
0%
Where in the World Is Carmen Sandiego Treasures of Knowledge
0%
Where in Time Is Carmen Sandiego
0%
Where on Google Earth Is Carmen Sandiego
0%
Where on the Web Is Carmen Sandiego
0%
Where's My Holiday
0%
Where's My Mickey
0%
Where's My Perry
0%
Where's My Summer
0%
Where's My Valentine
0%
Where's My Water Featuring XYY
0%
Where's Om Nom
0%
Who Wants to be a Bloonionaire
0%
Wii Chess
0%
Wii Fit U
0%
Wii Party
0%
Wii Party U
0%
Wii Play Motion
0%
Wii Street U
0%
Wii U Panorama View
0%
Wild Arms After Code F
0%
Wild Arms Million Memories
0%
Wild Arms XF
0%
Wilmot's Warehouse
0%
Wilmot Works It Out
0%
Wily and Righ no RockBoard That's Paradise
0%
Winding Heat
0%
Winding Heat - Amusement Arcade UK
0%
Wing Commander
0%
Wing Commander 2
0%
Wing Commander 3
0%
Wing Commander 4
0%
Wing Commander Academy
0%
Wing Commander Arena
0%
Wing Commander Armada
0%
Wing Commander Privateer
0%
Wing Commander Prophecy
0%
Wipeout 2048
0%
Wipeout 2097
0%
Wipeout 2D
0%
Wipeout 3
0%
Wipeout 64
0%
Wipeout Fusion
0%
Wipeout HD
0%
Wipeout Merge
0%
Wipeout Omega Collection
0%
Wipeout Pulse
0%
Wipeout Pure
0%
Wizardry 2 The Knight of Diamonds
0%
Wizardry 3 Legacy of Llylgamyn
0%
Wizardry 4 The Return of Werdna
0%
Wizardry 5 Heart of the Maelstrom
0%
Wizardry 6 Bane of the Cosmic Forge
0%
Wizardry 7 Crusaders of the Dark Savant
0%
Wizardry 8
0%
Wizardry Proving Grounds of the Mad Overlord
0%
Wizard With a Gun
0%
Wizball
0%
Wizkid
0%
Wolverine Adamantium Rage
0%
Wonderful Dizzy
0%
Wonderland Dizzy
0%
Word Blaster
0%
Words With Friends
0%
Worldle
0%
World of Final Fantasy
0%
World of Tanks
0%
World of Tanks Blitz
0%
World of Warplanes
0%
World of Warships Blitz
0%
World of Warships Legends
0%
World of Xeen
0%
World Rally Championship
0%
World's Largest Pac-Man
0%
World Stadium
0%
World Stadium '89
0%
World Stadium '90
0%
World Tour Soccer 2
0%
World Tour Soccer Challenge Edition
0%
Worms 3D
0%
Worms 4 Mayhem
0%
Worms Armageddon
0%
Worms A Space Oddity
0%
Worms Blast
0%
Worms Crazy Golf
0%
Worms Forts Under Siege
0%
Worms Golf
0%
Worms Open Warfare
0%
Worms Open Warfare 2
0%
Worms Revolution
0%
Worms Rumble
0%
Worms The Directors Cut
0%
Worms Ultimate Mayhem
0%
Worms W.M.D.
0%
Worms World Party
0%
WRC 10
0%
WRC 2 Extreme
0%
WRC 2 FIA World Rally Championship
0%
WRC 3
0%
WRC 3 FIA World Rally Championship
0%
WRC 4
0%
WRC 4 FIA World Rally Championship
0%
WRC 5
0%
WRC 6
0%
WRC 7
0%
WRC 8
0%
WRC 9
0%
WRC FIA World Rally Championship
0%
WRC FIA World Rally Championship Arcade
0%
WRC Generations
0%
WRC Powerslide
0%
WRC Rally Evolved
0%
Wrecking Crew '98
0%
Writing Blaster Ages 6-9
0%
Wuthering Waves
0%
WWE '13
0%
WWE 2K Battlegrounds
0%
WWE SmackDown Here Comes the Pain
0%
WWE SmackDown Shut Your Mouth
0%
WWF SmackDown
0%
WWF SmackDown 2 Know Your Role
0%
WWF SmackDown Just Bring It
0%
X2 Wolverine's Revenge
0%
Xanadu
0%
Xanadu Dragon Slayer 2
0%
X-COM Apocalypse
0%
XCOM Chimera Squad
0%
X-COM Enforcer
0%
X-COM First Alien Invasion
0%
X-COM Interceptor
0%
XCOM Legends
0%
X-COM Terror from the Deep
0%
Xenosaga Episode 1
0%
Xenosaga Episode 2
0%
Xenosaga Episode 3
0%
Xenosaga Pied Piper
0%
Xevious
0%
Xevious 3D G
0%
Xevious Arrangement
0%
Xevious Fardraut Saga
0%
Xevious Resurrection
0%
Xevious Scramble Mission
0%
XIII
0%
XIII 2 Covert Identity
0%
XIII Lost Identity
0%
Xioamei and the Flame Dragon's Fist
0%
X-Men 2 Clone Wars
0%
X-Men 2 The Fall of the Mutants
0%
X-Men Battle of the Atom
0%
X-Men Destiny
0%
X-Men Gamesmaster's Legacy
0%
X-Men Legends 2 Rise of Apocalypse
0%
X-Men Madness in Murderworld
0%
X-Men Mojo World
0%
X-Men Mutant Academy
0%
X-Men Mutant Academy 2
0%
X-Men Mutant Apocalypse
0%
X-Men Mutant Wars
0%
X-Men Next Dimension
0%
X-Men Reign of Apocalypse
0%
X-Men The Official Game
0%
X-Men The Ravages of Apocalypse
0%
X-Men Wolverine's Rage
0%
X Multiply
0%
XVM
0%
Yaiba Ninja Gaiden Z
0%
Yakuza Dead Souls
0%
Yakuza Kiwami 2
0%
Yawaraka Sensha vs Space Invaders
0%
Yie Ar Kung-Fu
0%
Yo-Kai Sangokushi
0%
Yo-Kai Watch 2 Bony Spirits
0%
Yo-Kai Watch 2 Fleshy Souls
0%
Yo-Kai Watch 2 Psychic Specters
0%
Yo-Kai Watch Blasters Red Cat Corps
0%
Yo-Kai Watch Blasters White Dog Squad
0%
Yo-Kai Watch Busters 2
0%
Yo-Kai Watch Jam Yo-Kai Academy Y
0%
Yo-Kai Watch Just Dance
0%
Yo-Kai Watch Medal Wars
0%
Yo-Kai Watch Wibble Wobble
0%
Yoshi's Universal Gravitation
0%
Yoshi Touch and Go
0%
You Don't Know Jack
0%
You Don't Know Jack 2
0%
You Don't Know Jack 2015
0%
You Don't Know Jack 3
0%
You Don't Know Jack 4 The Ride
0%
You Don't Know Jack 5th Dementia
0%
You Don't Know Jack 6 The Lost Gold
0%
You Don't Know Jack Full Stream
0%
You Don't Know Jack HeadRush
0%
You Don't Know Jack Louder Faster Funnier
0%
You Don't Know Jack Mock 2
0%
You Don't Know Jack Movies
0%
You Don't Know Jack Offline
0%
You Don't Know Jack Party
0%
You Don't Know Jack Sports
0%
You Don't Know Jack Sports The Netshow
0%
You Don't Know Jack Television
0%
You Don't Know Jack The Netshow
0%
Young Conker
0%
Young Justice Legacy
0%
Ys 10 Nordics
0%
Ys 1 Ancient Ys Vanished
0%
Ys 1 and 2
0%
Ys 2 Ancient Ys Vanished The Final Chapter
0%
Ys 3 Wanderers from Ys
0%
Ys 4 Mask of the Sun
0%
Ys 4 The Dawn of Ys
0%
Ys 5 Lost Kefin Kingdom of Sand
0%
Ys 6 The Ark of Napishtim
0%
Ys 8 Lacrimosa of Dana
0%
Ys 9 Monstrum Nox
0%
Ys Memories of Celceta
0%
Ys Origin
0%
Ys Seven
0%
Ys Strategy
0%
Ys The Oath in Felghana
0%
Ys vs Trails in the Sky
0%
Yu-Gi-Oh 5D's Decade Duels
0%
Yu-Gi-Oh 5D's Master of the Cards
0%
Yu-Gi-Oh 5D's Mobile
0%
Yu-Gi-Oh 5D's Stardust Accelerator World Championship 2009
0%
Yu-Gi-Oh 5D's Tag Force 4
0%
Yu-Gi-Oh 5D's Tag Force 5
0%
Yu-Gi-Oh 5D's Tag Force 6
0%
Yu-Gi-Oh 5D's Wheelie Breakers
0%
Yu-Gi-Oh 5D's World Championship 2010 Reverse of Arcadia
0%
Yu-Gi-Oh 5D's World Championship 2011 Over the Nexus
0%
Yu-Gi-Oh 7 Trials to Glory World Championship Tournament 2005
0%
Yu-Gi-Oh Arc-V Tag Force Special
0%
Yu-Gi-Oh Capsule Monster Coliseum
0%
Yu-Gi-Oh Cross Duel
0%
Yu-Gi-Oh Dark Duel Stories
0%
Yu-Gi-Oh Destiny Board Traveler
0%
Yu-Gi-Oh Duel Arena
0%
Yu-Gi-Oh Duel Generation
0%
Yu-Gi-Oh Duel Links
0%
Yu-Gi-Oh Duel Monsters
0%
Yu-Gi-Oh Duel Monsters 2 Dark Duel Stories
0%
Yu-Gi-Oh Duel Monsters 4 Battle of Great Duelists
0%
Yu-Gi-Oh Duel Monsters 6 Expert 2
0%
Yu-Gi-Oh Duel Monsters Beginners Pack
0%
Yu-Gi-Oh Dungeon Dice Monsters
0%
Yu-Gi-Oh Forbidden Memories
0%
Yu-Gi-Oh GX Card Almanac
0%
Yu-Gi-Oh GX Duel Academy
0%
Yu-Gi-Oh GX Spirit Caller
0%
Yu-Gi-Oh GX Tag Force
0%
Yu-Gi-Oh GX Tag Force 2
0%
Yu-Gi-Oh GX Tag Force 3
0%
Yu-Gi-Oh GX The Beginning of Destiny
0%
Yu-Gi-Oh GX World Championship 2008
0%
Yu-Gi-Oh Legacy of the Duelist
0%
Yu-Gi-Oh Legacy of the Duelist Link Evolution
0%
Yu-Gi-Oh Master Duel
0%
Yu-Gi-Oh Millennium Duels
0%
Yu-Gi-Oh Monster Capsule Breed and Battle
0%
Yu-Gi-Oh Monster Capsule GB
0%
Yu-Gi-Oh Nightmare Troubadour
0%
Yu-Gi-Oh Online
0%
Yu-Gi-Oh Power of Chaos Joey the Passion
0%
Yu-Gi-Oh Power of Chaos Kaiba the Revenge
0%
Yu-Gi-Oh Power of Chaos Yugi the Destiny
0%
Yu-Gi-Oh Reshef of Destruction
0%
Yu-Gi-Oh Rush Duel Dawn of the Battle Royale
0%
Yu-Gi-Oh Saikyo Card Battle
0%
Yu-Gi-Oh The Dawn of Destiny
0%
Yu-Gi-Oh The Duelists of the Roses
0%
Yu-Gi-Oh The Eternal Duelist Soul
0%
Yu-Gi-Oh The Falsebound Kingdom
0%
Yu-Gi-Oh The Sacred Cards
0%
Yu-Gi-Oh Ultimate Masters World Championship Tournament 2006
0%
Yu-Gi-Oh World Championship 2007
0%
Yu-Gi-Oh World Championship Tournament 2004
0%
Yu-Gi-Oh Worldwide Edition Stairway to the Destined Duel
0%
Yu-Gi-Oh Zexal World Duel Carnival
0%
Zanac
0%
Zaxxon
0%
Zaxxon 3-D
0%
Zaxxon Escape
0%
Zaxxon's Motherbase 2000
0%
Zelda II: The Adventure of Link
0%
Zelda's Adventure
0%
Zelda: The Wand of Gamelon
0%
Zen Pinball
0%
Zen Pinball 2
0%
Zen Pinball Inferno
0%
Zen Pinball Rollercoaster
0%
Zero Escape The Nonary Games
0%
Zero Escape Virtue's Last Reward
0%
Zero Racers
0%
Zero the Kamikaze Squirrel
0%
Zero Time Dilemma
0%
Zill O'll
0%
Zill O'll Infinite
0%
Zill O'll Infinite Plus
0%
Zip-Zap
0%
Zombie Paradise
0%
Zombie Tycoon
0%
Zone of the Enders
0%
Zone of the Enders HD Collection
0%
Zone of the Enders The 2nd Runner
0%
Zone of the Enders The 2nd Runner Mars
0%
Zone of the Enders The Fist of Mars
0%
Zoo Empire
0%
Zool
0%
Zoombinis
0%
Zoombinis Island Odyssey
0%
Zoombinis Logical Journey 2
0%
Zoombinis Mountain Rescue
0%
Zoo Tycoon 2 DS
0%
Zoo Tycoon DS
0%
Zork
0%
Zork 2
0%
Zork 3
0%
Zuma
0%
Zuma's Revenge
0%
Zumba Fitness
0%
Zumba Fitness 2
0%
Zumba Fitness Core
0%
Zumba Fitness World Party
0%
Zumba Kids
0%
No matching quizzes found
Score Distribution
Percent of People with Each Score
Percentile by Number Answered
Your Score History
You have not taken this quiz since the last reset